{"text_format":"3","workbook":"xlsx","n_sheets":10,"sheets":["Table 1","Table 2","Table 3","Table 4","Table 5","Table 6","Table 7","Table 8","Table 9","Table 10"],"not_rendered":{"images":194},"read":"whole","date_system":"1900"}

{"sheet":"Table 1","index":0,"n_rows":179,"n_cols":10,"rows_kept":179,"merged":[[0,0,0,10],[1,0,1,10],[2,2,2,4],[3,2,3,4],[4,2,4,4],[5,2,5,4],[6,2,6,4],[7,2,7,4],[8,2,8,4],[9,2,9,4],[10,2,10,4],[11,2,11,4],[12,2,12,4],[13,2,13,4],[14,2,14,4],[15,2,15,4],[16,2,16,4],[17,2,17,4],[18,2,18,4],[19,2,19,4],[20,2,20,4],[21,2,21,4],[22,2,22,4],[23,2,23,4],[24,2,24,4],[25,2,25,4],[26,2,26,4],[27,2,27,4],[28,2,28,4],[29,2,29,4],[30,2,30,4],[31,2,31,4],[32,2,32,4],[33,2,33,4],[34,2,34,4],[35,2,35,4],[36,2,36,4],[37,2,37,4],[38,2,38,4],[39,2,39,4],[40,2,40,4],[41,2,41,4],[42,2,42,4],[43,2,43,4],[44,2,44,4],[45,2,45,4],[46,2,46,4],[47,2,47,4],[48,2,48,4],[49,2,49,4],[50,2,50,4],[51,2,51,4],[52,2,52,4],[53,2,53,4],[54,2,54,4],[55,2,55,4],[56,2,56,4],[57,2,57,4],[58,2,58,4],[59,2,59,4],[60,2,60,4],[61,2,61,4],[62,2,62,4],[63,2,63,4],[64,2,64,4],[64,6,64,7],[64,8,64,9],[65,2,65,4],[65,6,65,7],[65,8,65,9],[66,2,66,4],[66,6,66,7],[67,2,67,4],[67,6,67,7],[68,2,68,4],[68,6,68,7],[69,2,69,4],[69,6,69,7],[70,2,70,4],[70,6,70,7],[71,2,71,4],[71,6,71,7],[72,2,72,4],[72,6,72,7],[73,2,73,4],[73,6,73,7],[74,2,74,4],[74,6,74,7],[75,2,75,4],[75,6,75,7],[76,2,76,4],[76,6,76,7],[77,2,77,4],[77,6,77,7],[78,2,78,4],[78,6,78,7],[79,2,79,4],[79,6,79,7],[80,2,80,4],[80,6,80,7],[81,2,81,4],[81,6,81,7],[82,2,82,4],[82,6,82,7],[83,2,83,4],[83,6,83,7],[84,2,84,4],[84,6,84,7],[88,1,88,2],[88,4,88,5],[89,1,89,2],[89,4,89,5],[90,1,90,2],[90,4,90,5],[91,1,91,2],[91,4,91,5],[92,1,92,2],[92,4,92,5],[93,1,93,2],[93,4,93,5],[94,1,94,2],[94,4,94,5],[95,1,95,2],[95,4,95,5],[96,1,96,2],[96,4,96,5],[97,1,97,2],[97,4,97,5],[98,1,98,2],[98,4,98,5],[99,1,99,2],[99,4,99,5],[100,1,100,2],[100,4,100,5],[101,1,101,2],[101,4,101,5],[102,1,102,2],[102,4,102,5],[103,1,103,2],[103,4,103,5],[104,1,104,2],[104,4,104,5],[105,1,105,2],[105,4,105,5],[106,1,106,2],[106,4,106,5],[107,1,107,2],[107,4,107,5],[108,1,108,2],[108,4,108,5],[109,1,109,2],[109,4,109,5],[110,1,110,2],[110,4,110,5],[111,1,111,2],[111,4,111,5],[112,1,112,2],[112,4,112,5],[113,1,113,2],[113,4,113,5],[114,1,114,2],[114,4,114,5],[115,1,115,2],[115,4,115,5],[116,1,116,2],[116,4,116,5],[117,1,117,2],[117,4,117,5],[118,1,118,2],[118,4,118,5],[119,1,119,2],[119,4,119,5],[120,1,120,2],[120,4,120,5],[121,1,121,2],[121,4,121,5],[122,1,122,2],[122,4,122,5],[123,1,123,2],[123,4,123,5],[124,1,124,2],[124,4,124,5],[125,1,125,2],[125,4,125,5],[126,1,126,2],[126,4,126,5],[127,1,127,2],[127,4,127,5],[128,1,128,2],[128,4,128,5],[129,1,129,2],[129,4,129,5],[130,1,130,2],[130,4,130,5],[131,1,131,2],[131,4,131,5],[132,1,132,2],[132,4,132,5],[133,1,133,2],[133,4,133,5],[134,1,134,2],[134,4,134,5],[135,1,135,2],[135,4,135,5],[136,1,136,2],[136,4,136,5],[137,1,137,2],[137,4,137,5],[138,1,138,2],[138,4,138,5],[139,1,139,2],[139,4,139,5],[140,1,140,2],[140,4,140,5],[141,1,141,2],[141,4,141,5],[142,1,142,2],[142,4,142,5],[143,1,143,2],[143,4,143,5],[144,1,144,2],[144,4,144,5],[145,1,145,2],[145,4,145,5],[146,1,146,2],[146,4,146,5],[147,1,147,2],[147,4,147,5],[148,1,148,2],[148,4,148,5],[149,1,149,2],[149,4,149,5],[150,1,150,2],[150,4,150,5],[151,1,151,2],[151,4,151,5],[152,1,152,2],[152,4,152,5],[153,1,153,2],[153,4,153,5],[154,1,154,2],[154,4,154,5],[155,1,155,2],[155,4,155,5],[156,1,156,2],[156,4,156,5],[157,1,157,2],[157,4,157,5],[158,1,158,2],[158,4,158,5],[159,1,159,2],[159,4,159,5],[160,1,160,2],[160,4,160,5],[161,1,161,2],[161,4,161,5],[162,1,162,2],[162,4,162,5],[163,1,163,2],[163,4,163,5],[164,1,164,2],[164,4,164,5],[165,1,165,2],[165,4,165,5],[166,1,166,2],[166,4,166,5],[167,1,167,2],[167,4,167,5],[168,1,168,2],[168,4,168,5],[169,1,169,2],[169,4,169,5],[170,1,170,2],[170,4,170,5],[171,1,171,2],[171,4,171,5],[172,1,172,2],[172,4,172,5],[173,1,173,2],[173,4,173,5],[174,1,174,2],[174,4,174,5],[175,1,175,2],[175,4,175,5],[176,1,176,2],[176,4,176,5],[177,1,177,2],[177,4,177,5],[178,1,178,2],[178,4,178,5]]}
["i3lRECClON DE LOÜI'43”ICA GE TENCIA DE ALf?ACEFt"]
["Relación de Inventario cl› ENER6 1 A füARZO  31 2025"]
["Material","Texto breve de material","Fecha de Entrada",null,null,"Fecha Contabilización","UM precio pedido","Cantidad","Precio Unidad","Total"]
[10001589,"GUANTES PARA OBREROS GORTO","2025-02-13",null,null,"2025-02-13","UN",60,173.46,{"v":10407.6,"d":"10,407.60"}]
[10001826,"BOBINA 3RTI944-5BG41","2025-03-03",null,null,"2025-02-28",null,14,0.01,0.14]
[10001955,"CAPA PARA LLUVIA","2025-02-04",null,null,"2025-02-04","C/U",28,{"v":1067.9,"d":"1,067.90"},{"v":29901.2,"d":"29,901.20"}]
[10002012,"MARTILLO PARA CARPINTERO TRUPER","2025-01-30",null,null,"2025-01-30","C/U",5,611.24,{"v":3056.2,"d":"3,056.20"}]
[10002012,"MARTILLO PARA CARPINTERO TRUPER","2025-01-30",null,null,"2025-01-30","C/U",5,611.24,{"v":3056.2,"d":"3,056.20"}]
[10002056,"GRECA PARA CAFÉ","2025-01-27",null,null,"2025-01-27","C/U",4,{"v":826,"d":"826.00"},{"v":3304,"d":"3,304.00"}]
[10002056,"GRECA PARA CAFÉ","2025-01-22",null,null,"2025-01-22","C/U",4,{"v":826,"d":"826.00"},{"v":3304,"d":"3,304.00"}]
[10002056,"GRECA PARA CAFÉ","2025-01-22",null,null,"2025-01-22","C/U",2,{"v":826,"d":"826.00"},{"v":1652,"d":"1,652.00"}]
[10002087,"BOTIQUÍN PARA MEDICAMENTOS","2025-02-13",null,null,"2025-02-13","C/U",3,{"v":1770,"d":"1,770.00"},{"v":5310,"d":"5,310.00"}]
[10002087,"BOTIQUÍN PARA MEDICAMENTOS","2025-02-13",null,null,"2025-02-13","C/U",3,{"v":1770,"d":"1,770.00"},{"v":5310,"d":"5,310.00"}]
[10002109,"TUBO FLORECENTE  DE 10 WATTS.","2025-03-03",null,null,"2025-02-28",null,4,{"v":0,"d":"0.00"},{"v":0,"d":"0.00"}]
[10002197,"CONECTOR RECTO LIQUID TIGHT 1/2\" AZUL","2025-03-03",null,null,"2025-02-28",null,4,0.01,0.04]
[10002200,"ELECTRODO PARA SOLDAR 1/8 X 14\" LB","2025-03-03",null,null,"2025-02-28",null,130,{"v":0,"d":"0.00"},{"v":0,"d":"0.00"}]
[10002233,"TUBO CONDUIT DE 3/4","2025-03-03",null,null,"2025-02-28",null,1,{"v":0,"d":"0.00"},{"v":0,"d":"0.00"}]
[10002234,"TUBO CONDUIT DE 1/2","2025-03-03",null,null,"2025-02-28",null,2,{"v":0,"d":"0.00"},{"v":0,"d":"0.00"}]
[10002319,"ABRAZADERA DE 3/8","2025-03-03",null,null,"2025-02-28",null,20,{"v":0,"d":"0.00"},{"v":0,"d":"0.00"}]
[10002571,"TENSOR DE JUNTA DE CARBON","2025-03-03",null,null,"2025-02-28",null,4,{"v":0,"d":"0.00"},{"v":0,"d":"0.00"}]
[10002776,"ARANDELA PLANA DE 17/32","2025-03-03",null,null,"2025-02-28",null,9,0.01,0.09]
[10002631,"CONECTOR RECTO LIQUID TIGHT DE 1\" AZUL","2025-03-03",null,null,"2025-02-28",null,2,0.01,0.02]
[10003206,"FUSIBLE KLK 10A SOOV","2025-03-03",null,null,"2025-02-28",null,20,0.01,{"v":0.2,"d":"0.20"}]
[10003208,"FUSIBLE TIPO BOTELLA 4A SOOV","2025-03-03",null,null,"2025-02-28",null,13,0.01,0.13]
[10003209,"FUSIBLE TIPO BOTELLA 63A SOOV","2025-03-03",null,null,"2025-02-28",null,25,{"v":0,"d":"0.00"},{"v":0,"d":"0.00"}]
[10003210,"FUSIBLE TIPO BOTELLA 25A SOOV","2025-03-03",null,null,"2025-02-28",null,7,0.01,0.07]
[10003256,"ABRAZADERA PARA TUBERIA DE 5\"","2025-03-03",null,null,"2025-02-28",null,3,0.01,0.03]
[10003479,"GOMAS 7,50/R16","2025-03-18",null,null,"2025-03-18","UN",4,{"v":8850,"d":"8,850.00"},{"v":35400,"d":"35,400.00"}]
[10003501,"PINTURA AZUL CELESTE GL","2025-01-03",null,null,"2025-01-03","UN","1Ti5",{"v":2950,"d":"2,950.00"},{"v":457250,"d":"457,250.00"}]
[10003552,"BOTAS SEGURIDAD (MUJER) NO.41","2025-02-17",null,null,"2025-02-17","UN",57,{"v":2916.42,"d":"2,916.42"},{"v":166235.78,"d":"166,235.78"}]
[10003962,"TORNILLO ALLEN 12X35 MM P/RF","2025-03-03",null,null,"2025-02-28",null,4,{"v":0,"d":"0.00"},{"v":0,"d":"0.00"}]
[10004102,"RELE BBC-PSU14/125V","2025-03-03",null,null,"2025-02-28",null,2,0.01,0.02]
[10004142,"TAPON PVC 2 PLG","2025-03-03",null,null,"2025-02-28",null,1,{"v":0,"d":"0.00"},{"v":0,"d":"0.00"}]
[10004302,"NIPLE DE 3 X 10\"","2025-03-03",null,null,"2025-02-28",null,1,0.01,0.01]
[10004315,"RUEDA PARA CARRETILLA","2025-03-03",null,null,"2025-02-28",null,6,{"v":1,"d":"1.00"},{"v":6,"d":"6.00"}]
[10004315,"RUEDA PARA CARRETILLA","2025-01-30",null,null,"2025-01-30","UN",20,{"v":1489.16,"d":"1,489.16"},{"v":29783.2,"d":"29,783.20"}]
[10004315,"RUEDA PARA CARRETILLA","2025-01-30",null,null,"2025-01-30","UN",20,{"v":1489.16,"d":"1,489.16"},{"v":29783.2,"d":"29,783.20"}]
[10004405,"REDUCCION DE ACERO INOXI 5/8 X 1 1/2\"","2025-03-03",null,null,"2025-02-28",null,2,{"v":0,"d":"0.00"},{"v":0,"d":"0.00"}]
[10004427,"UNION UNIVERSAL ACERO INOXI 1 1/4 PLG","2025-03-03",null,null,"2025-02-28",null,5,{"v":0,"d":"0.00"},{"v":0,"d":"0.00"}]
[10004428,"\"UNION UNIVER. ACERO ALTA PRESION DE 3/4","2025-03-03",null,null,"2025-02-28",null,2,{"v":0,"d":"0.00"},{"v":0,"d":"0.00"}]
[10004536,"ALAMBRE #10","2025-02-06",null,null,"2025-02-06","UN",{"v":1000,"d":"1,000"},78.28,{"v":78281.2,"d":"78,281.20"}]
[10004892,"JUNTA 525/485/60 MM TIPO 1170-B","2025-03-03",null,null,"2025-02-28",null,2,{"v":500,"d":"500.00"},{"v":1000,"d":"1,000.00"}]
[10004913,"ANILLO 5X75MM","2025-03-03",null,null,"2025-02-28",null,5,{"v":36.8,"d":"36.80"},{"v":184,"d":"184.00"}]
[10004930,"UNION UNIVERSAL INOXI 1/4\"","2025-03-03",null,null,"28/2/202?i",null,58,63.43,{"v":3678.94,"d":"3,678.94"}]
[10004934,"UNION UNIVERSAL DE 1-1/2 GALV. P/ROSCAR","2025-03-03",null,null,"2025-02-28",null,3,{"v":41.4,"d":"41.40"},{"v":124.2,"d":"124.20"}]
[10004938,"UNION UNIVERSAL DE 3/4 ACERO NÍQUEL P/RO","2025-03-03",null,null,"2025-02-28",null,6,{"v":0,"d":"0.00"},{"v":0,"d":"0.00"}]
[10004942,"UNION ESPECIAL DE 5/8 P/TUBERIA","2025-03-03",null,null,"2025-02-28",null,3,{"v":21.4,"d":"21.40"},{"v":64.2,"d":"64.20"}]
[10004969,"O'RING DE 330 MM","2025-03-03",null,null,"2025-02-28",null,25,{"v":0,"d":"0.00"},{"v":0,"d":"0.00"}]
[10004993,"SELLO D/GOMA DE 140 X 155 X 16","2025-03-03",null,null,"2025-02-28",null,7,78.89,552.23]
[10005066,"FILTRO DE ACEITE CATERPILLAR 1P2299","2025-03-03",null,null,"2025-02-28",null,4,{"v":0,"d":"0.00"},{"v":0,"d":"0.00"}]
[10005067,"FILTRO BALDWIN DE COMBUSTIBLE PF-902 229","2025-03-03",null,null,"2025-02-28",null,1,{"v":276,"d":"276.00"},{"v":276,"d":"276.00"}]
[10005083,"CODO DE 2 1/2 A 90 GRADOS GALV.P/ROSCAR","2025-03-03",null,null,"2025-02-28",null,2,118.14,236.28]
[10005095,"CODO TERMINAL 5/8 A 90 D/BRONCE","2025-03-03",null,null,"2025-02-28",null,1,{"v":41.4,"d":"41.40"},{"v":41.4,"d":"41.40"}]
[10005096,"CODO 1/4 A 90º ACERO INOXIDABLE","2025-03-03",null,null,"2025-02-28",null,10,{"v":42.8,"d":"42.80"},{"v":428,"d":"428.00"}]
[10005105,"CODO REDUCTOR 1/2 A 3/8 D/BRONCE","2025-03-03",null,null,"2025-02-28",null,4,37.75,{"v":151,"d":"151.00"}]
[10005130,"TEE DE 1-1/2 GALV.","2025-03-03",null,null,"2025-02-28",null,3,{"v":40.3,"d":"40.30"},{"v":120.9,"d":"120.90"}]
[10005138,"TEE DE 1/2 DE BRONCE","2025-03-03",null,null,"2025-02-28",null,1,{"v":48.5,"d":"48.50"},{"v":48.5,"d":"48.50"}]
[10005151,"ABRAZADERA P/TUBERIA DE 4 PLG","2025-03-03",null,null,"2025-02-28",null,2,{"v":21.1,"d":"21.10"},{"v":42.2,"d":"42.20"}]
[10005200,"FUSIBLE PROTISTOR  FERRAZ CC 1000 CPRB","2025-03-03",null,null,"2025-02-28",null,1,{"v":204,"d":"204.00"},{"v":204,"d":"204.00"}]
[10005206,"TERMICO  4-6AMP. P/PROTECCION MOTOR CNF","2025-03-03",null,null,"2025-02-28",null,2,{"v":3480,"d":"3,480.00"},{"v":6960,"d":"6,960.00"}]
[10005242,"°OTENCIOMETRO  DANOTHEN 1000 100W T-22/8i","2025-03-03",null,null,"2025-02-28",null,1,{"v":2200,"d":"2,200.00"}]
[10005267,"'OCALO P/LAMPARA INDICADORA INTERRUPTO›","2025-03-03",null,null,"2025-02-28",null,3,{"v":38.1,"d":"38.10"}]
[10005274,"SOPORTE P/LAMPARA  REF. OF-5","2025-03-03",null,null,"2025-02-28",null,8,94.15]
[10005292,"TAPA PORTA FUSIBLE 63AMP","2025-03-03",null,null,"2025-02-28",null,3,{"v":109,"d":"109.00"}]
[10005300,"BOLA AISLANTE DE PORCELANA","2025-03-03",null,null,"2025-02-28",null,null,"9                            gg"]
[10005301,"BOLA AISLANTE C/TORNILLO TIRAFONDO","2025-03-03",null,null,"2025-02-28",null,null,{"v":0,"d":"0.00"}]
[10005314,"ENCHUFE PERTECO  4 POLOS SOOV 60A","2025-03-03",null,null,"2025-02-28",1,null,{"v":220,"d":"220."}]
[10005319,"PLANCHA GALV. DE 1/4 X 1 1/4 X 6 3/4","2025-03-03",null,null,"2025-02-28",8,null,{"v":142,"d":"142."},1]
[10005327,"THERMOFIT 2 X 1/4 P/REPAR CABLE","2025-03-03",null,null,"2025-02-28",2,null,45.4]
[10005332,"DESLIZADOR DE GOMA P/REPARAR  CABLE","2025-03-03",null,null,"2025-02-28",27,null,92.1,"2,    8.05"]
[10005337,"\"CONDULET 1 1/4   EN L  \"","2025-03-03",null,null,"2025-02-28",2,null,{"v":33,"d":"33.00"},{"v":66,"d":"66."}]
[10005342,"CONDULET 3/4 P/CONEXION ELECTRICA","2025-03-03",null,null,"2025-02-28",1,null,{"v":28.1,"d":"28.10"},{"v":0.1,"d":"0.10"}]
[10005344,"\"CONDULET 2   EN T\"\"","2025-03-03",null,null,"2025-02-28",3,null,{"v":28.1,"d":"28.10"}]
[10005388,"BUSHING AILANTE D/BAQUELITA D/26X55MM","2025-03-03",null,null,"2025-02-28",2,null,{"v":63,"d":"63.00"}]
[10005389,"BUSHING AISLANTE BAQUELITA 13X32MM","2025-03-03",null,null,"2025-02-28",3,null,{"v":71,"d":"71.00"},{"v":213,"d":"213.00"}]
[10005396,"“BUSHING TERMINAL PRENSA CABLE D/1/2'\"'","2025-03-03",null,null,"2025-02-28",22,null,{"v":94.6,"d":"94.60"},{"v":2081.2,"d":"2,081.20"}]
[10005407,"BARRA CANDADO D/ACERO 13X45X 64MM","2025-03-03",null,null,"2025-02-28",1,null,{"v":2454,"d":"2,454.00"},{"v":2454,"d":"2,454.00"}]
[10005429,"CONECTOR REF. NNT17A17A 48MM","2025-03-03",null,null,"2025-02-28",2,null,{"v":20,"d":"20.00"},{"v":40,"d":"40.00"}]
[10005433,"CONECTOR REF. NNT445A39A  P/SUBESTACION","2025-03-03",null,null,"2025-02-28",1,null,{"v":63.4,"d":"63.40"},{"v":63.4,"d":"63.40"}]
[10005471,"”LANCHA D/CONEXION P/BANDEJA CABLE 1/8X","2025-03-03",null,null,"2025-02-28",23,null,7.15,164.45]
[10005481,"SWITCH ABRAZADERA 5A 25DV P/72TTD 315","2025-03-03",null,null,"2025-02-28",5,null,{"v":25,"d":"25.00"},{"v":125,"d":"125.00"}]
[10005489,"TIRISTOR SER 6L 6500-7435","2025-03-03",null,null,"2025-02-28",1,null,{"v":940,"d":"940.00"},{"v":940,"d":"940.00"}]
[10005502,"ACOPLE D/RONCE P/AISLADOR TRANSF 50 MVI","2025-03-03",null,null,"2025-02-28",1,null,{"v":943,"d":"943.00"},{"v":943,"d":"943.00"}]
[10005519,"CANDADO D/TORNILLO  GENERADOR","2025-03-03",null,null,"2025-02-28",2,null,{"v":195,"d":"195.00"},{"v":390,"d":"390.00"}]
[10005531,"ABRAZADERA  D/HIERRO P/TUB. DE 1-1/4","2025-03-03",null,null,"2025-02-28",109,null,{"v":13.4,"d":"13.40"},{"v":1460.6,"d":"1,460.60"}]
[]
[]
[]
[10005533,"ABRAZADERA  RECTANGULAR  5/16X 2 1/2.",null,"2025-03-03","2025-02-28",null,null,19,{"v":21,"d":"21.00"},{"v":399,"d":"399.00"}]
[10005536,"\"ANILLO ROSCA CORRIDA  0 2   \"",null,"2025-03-03","2025-02-28",null,null,2,{"v":268.1,"d":"268.10"},{"v":536.2,"d":"536.20"}]
[10005540,"ANILLO ROSCA CORRIDA 1-1/2",null,"2025-03-03","2025-02-28",null,null,2,{"v":106,"d":"106.00"},{"v":212,"d":"212.00"}]
[10005581,"\"UNION UNIVERSAL 3/8\"\" GALVANIZADA\"",null,"2025-03-03","2025-02-28",null,null,10,14.05,{"v":140.5,"d":"140.50"}]
[10005598,"CODO GALVANIZADO  1 1/2 90 D PRESION",null,"2025-03-03","2025-02-28",null,null,17,23.15,393.55]
[10005602,"\"CODO D/90 GDO D/TUBERIA D/3/8\"",null,"2025-03-03","2025-02-28",null,null,9,{"v":13.2,"d":"13.20"},{"v":118.8,"d":"118.80"}]
[10005616,"CUÑA DE BRONCE ESTA¥ADA 3 X 25 X 45",null,"2025-03-03","28/2/2.025",null,null,14,{"v":35.9,"d":"35.90"},{"v":502.6,"d":"502.60"}]
[10005623,"PIN CILÍNDRICO  D/30MM X 100MM",null,"2025-03-03","2025-02-28",null,null,27,{"v":33,"d":"33.00"},{"v":891,"d":"891.00"}]
[10005638,"ANGULARES C/SALIENTE D/1 3/4X1 3/4X 13",null,"2025-03-03","2025-02-28",null,null,1,48.15,48.15]
[10005641,"AISLANTE D/BARQUELITA  D/40MM X 60MM LONC",null,"2025-03-03","2025-02-28",null,null,2,{"v":48,"d":"48.00"},{"v":96,"d":"96.00"}]
[10005656,"MANGUERA PLASTICA DE 1/4 PIE",null,"2025-03-03","2025-02-28",null,null,5,{"v":0,"d":"0.00"},{"v":0,"d":"0.00"}]
[10005657,"TUBO D/VIDRIO P/]ND. NIVEL D/ACEITE",null,"2025-03-03","2025-02-28",null,null,2,68.15,{"v":136.3,"d":"136.30"}]
[10005658,"LACA ORIENTADORA  P/LEVANTAMIENTO TRANS",null,"2025-03-03","2025-02-28",null,null,2,{"v":235,"d":"235.00"},{"v":470,"d":"470.00"}]
[10005713,"ACEITE UNIVOLT 61 GL",null,"2025-01-08","2025-01-08",null,"UN",20,{"v":79060,"d":"79,060.00"},{"v":1581200,"d":"1,581,200.00"}]
[10005714,"JUNTA PERBUNAN DE 48X58X2MMS",null,"2025-03-03","2025-02-28",null,null,6,34.95,{"v":209.7,"d":"209.70"}]
[10005792,"LAMINA AISLANTE DE 0.2X60MMS DE FIBRA",null,"2025-03-03","2025-02-28",null,null,1,{"v":2.5,"d":"2.50"},{"v":2.5,"d":"2.50"}]
[10005831,"REACTOR  PARA BOBINA REF.TRGS",null,"2025-03-03","2025-02-28",null,null,1,{"v":420,"d":"420.00"},{"v":420,"d":"420.00"}]
[10005839,"TERMINAL CONECTOR 12X21MMS",null,"2025-03-03","2025-02-28",null,null,3,{"v":14.9,"d":"14.90"},{"v":44.7,"d":"44.70"}]
[10005843,"TERMINAL CONECTOR 12X50MMS",null,"2025-03-03","2025-02-28",null,null,1,9.35,9.35]
[10005847,"ABRAZADERA  GALV. DE 1/2 PULG",null,"2025-03-03","2025-02-28",null,null,203,{"v":0,"d":"0.00"},{"v":0,"d":"0.00"}]
[10005857,"\"FUSIBLE GENERAL ELECTRIC  8.25KV, 25AMPS",null,"2025-03-03","2025-02-28",null,null,9,"o.oo","o.oo"]
[10005873,"BROCHA 4\"",null,"2025-01-03","2025-01-03",null,"UN",108,106.52,{"v":11504.01,"d":"11,504.01"}]
[10005895,"CINTA DE PELIGRO",null,"2025-02-04","2025-02-04",null,"UN",12,{"v":413,"d":"413.00"},{"v":4956,"d":"4,956.00"}]
[10005895,"CINTA DE PELIGRO",null,"2025-03-03","2025-02-28",null,null,5,{"v":0,"d":"0.00"},{"v":0,"d":"0.00"}]
[10005937,"TAPA PLASTICA P/TOMA CORR 220 MARCA PIAN",null,"2025-03-03","2025-02-28",null,null,6,{"v":1,"d":"1.00"},{"v":6,"d":"6.00"}]
[10005947,"\"ESPANCIADOR  P/TARUGO DE HIERRO DE 1   \"",null,"2025-03-03","2025-02-28",null,null,104,{"v":0,"d":"0.00"},{"v":0,"d":"0.00"}]
[10005948,"NIPLE DE 3.5 CM",null,"2025-03-03","2025-02-28",null,null,2,{"v":1,"d":"1.00"},{"v":2,"d":"2.00"}]
[10005950,"\"CANDADO P/ABRAZADERA  DE 3/4   \"",null,"2025-03-03","2025-02-28",null,null,50,{"v":1,"d":"1.00"},{"v":50,"d":"50.00"}]
[10005951,"ABRAZADERA  GALVANIZADA DE1/2 X 3/8",null,"2025-03-03","2025-02-28",null,null,1,{"v":1,"d":"1.00"},{"v":1,"d":"1.00"}]
[10006004,"JUNTA PARA VALVULA DE 320 X 250 X 1 MM",null,"2025-03-03","2025-02-28",null,null,2,{"v":1,"d":"1.00"},{"v":2,"d":"2.00"}]
[10006011,"ARANDELA  DE ALUMINIO DE 42 X 38 X 1 MM",null,"2025-03-03","2025-02-28",null,null,2,{"v":1,"d":"1.00"},{"v":2,"d":"2.00"}]
[10006032,"FILTRO TIPO LP-155K18F1B",null,"2025-03-03","2025-02-28",null,null,6,{"v":1,"d":"1.00"},{"v":6,"d":"6.00"}]
[10006056,"FUSIBLE PROTISTOR  170M6462 800 AMP",null,"2025-03-03","2025-02-28",null,null,2,{"v":1,"d":"1.00"},{"v":2,"d":"2.00"}]
[10006058,"PULSADOR  VERDE ZB4 BV03",null,"2025-03-03","2025-02-28",null,null,12,{"v":0,"d":"0.00"},{"v":0,"d":"0.00"}]
[10006117,"TUERCA HEXAGONAL 28.5 X 13.6 X 13.1MM",null,"2025-03-03","2025-02-28",null,null,2,{"v":1,"d":"1.00"},{"v":2,"d":"2.00"}]
[10006133,"CONECTOR  SUB ESTACION 48.3MM 11/21PS",null,"2025-03-03","2025-02-28",null,null,1,{"v":0,"d":"0.00"},{"v":0,"d":"0.00"}]
[10006148,"RODAMIENTO  D/BOLA 63311 55X120X29MM",null,"2025-03-03","2025-02-28",null,null,1,202.04,202.04]
[10006150,"RODAMIENTO  D/RODILLO  2217A 85X150X36MM",null,"2025-03-03","2025-02-28",null,null,2,{"v":2570,"d":"2,570.00"},{"v":5140,"d":"5,140.00"}]
[10006161,"RODAMIENTO DE RODILLO 20238",null,"2025-03-03","2025-02-28",null,null,2,{"v":1506,"d":"1,506.00"},{"v":3012,"d":"3,012.00"}]
[10006174,"RODAMIENTO 6207 D/35 X 72 X 17 RPT.",null,"2025-03-03","2025-02-28",null,null,1,108.09,108.09]
[10006182,"RODAMIENTO D/ROLOS NTN 30202 15X35X12",null,"2025-03-03","2025-02-28",null,null,3,209.95,629.85]
[10006204,"RODAMIENTO  D/BOLA 6203ZZ",null,"2025-03-03","2025-02-28",null,null,2,{"v":0,"d":"0.00"},{"v":0,"d":"0.00"}]
[10006205,"RODAMIENTO  D/BOLA 6205",null,"2025-03-03","2025-02-28",null,null,5,{"v":0,"d":"0.00"},{"v":0,"d":"0.00"}]
[10006208,"RODAMIENTO DE BOLA 6205-ZZ",null,"2025-03-03","2025-02-28",null,null,3,{"v":138.4,"d":"138.40"},{"v":415.2,"d":"415.20"}]
[10006210,"RODAMIENTO  D/BOLA 6202ZZ 15X35X11 VE6",null,"2025-03-03","2025-02-28",null,null,6,{"v":138,"d":"138.00"},{"v":828,"d":"828.00"}]
[10006221,"RODAMIENTO  D/ CASQUILLO DE BRON.4 1/2\"",null,"2025-03-03","2025-02-28",null,null,1,{"v":198,"d":"198.00"},{"v":198,"d":"198.00"}]
[10006229,"CASQUILLO  AUTOLUBRICANTE DE 130 X 156",null,"2025-03-03","2025-02-28",null,null,1,{"v":345,"d":"345.00"},{"v":345,"d":"345.00"}]
[10006254,"CASQUILLO D/BRONCE 125X150X190MM",null,"2025-03-03","2025-02-28",null,null,1,308.05,308.05]
[10006283,"CHAPA D/DESGASTE  550X245X17MM",null,"2025-03-03","2025-02-28",null,null,20,{"v":405,"d":"405.00"},{"v":8100,"d":"8,100.00"}]
[10006324,"RELE D/MAXIMA CORRIENTE  TIPO FMI",null,"2025-03-03","2025-02-28",null,null,1,{"v":3990,"d":"3,990.00"},{"v":3990,"d":"3,990.00"}]
[10006331,"RELE BBC REF-P8A2Y 125V DC",null,"2025-03-03","2025-02-28",null,null,1,{"v":1840,"d":"1,840.00"},{"v":1840,"d":"1,840.00"}]
[10006333,"RELE BBC BROWN BOVERI REF.P5V6X 125V DC",null,"2025-03-03","2025-02-28",null,null,1,{"v":1940,"d":"1,940.00"},{"v":1940,"d":"1,940.00"}]
[10006348,"INTERRUPTOR  DE CIRCUITO  20 AMP",null,"2025-03-03","2025-02-28",null,null,1,{"v":2995,"d":"2,995.00"},{"v":2995,"d":"2,995.00"}]
[10006363,"BOBINA 125VCC P/CIERRE DISY LINEA 138K2",null,"2025-03-03","2025-02-28",null,null,2,{"v":420,"d":"420.00"},{"v":840,"d":"840.00"}]
[10006372,"CONTACTO  ROMPE ARCO PARA INTERRUPTOR",null,"2025-03-03","2025-02-28",null,null,3,{"v":4100,"d":"4,100.00"},{"v":12300,"d":"12,300.00"}]
[10006380,"CONTACTO FIJO/MOVIL REF. 3TY1-260-0A",null,"2025-03-03","2025-02-28",null,null,2,{"v":1300,"d":"1,300.00"},{"v":2600,"d":"2,600.00"}]
["1OOO6385","'c:    NTAcTO  IVIOVIL,rIJO  P/cOi  TACTOIR  P'/MAME",null,"3/3/2O25","28/2/2OZ5",null,null,5,{"v":325,"d":"325.00"},"4 ,62ó.00"]
[10006397,"CONTACTOR DE 600V A 180A T-GA 1-150",null,"2025-03-03","2025-02-28",null,null,1,{"v":2000,"d":"2,000.00"},{"v":2000,"d":"2,000.00"}]
[10006486,"PORTA FUSIBLE WETER SOOV 25A",null,"2025-03-03","2025-02-28",null,null,3,{"v":280,"d":"280.00"},{"v":840,"d":"840.00"}]
[10006502,"PORTA ESCOBILLAS DOBLE",null,"2025-03-03","2025-02-28",null,null,34,190.15,{"v":6465.1,"d":"6,465.10"}]
[10006543,"\"ORNILLO 30X35MM NIQUELADO CABEZA ESPE£",null,"2025-03-03","2025-02-28",null,null,12,{"v":6.4,"d":"6.40"},{"v":76.8,"d":"76.80"}]
[10006545,"TORNILLO 1 X 3 1/2 X 1 1/2 HEXAGONAL",null,"2025-03-03","2025-02-28",null,null,2,{"v":3.8,"d":"3.80"},{"v":7.6,"d":"7.60"}]
[10006546,"TORNILLO  1 1/4 X 3 X 1 7/8 HEXAGONAL",null,"2025-03-03","2025-02-28",null,null,1,{"v":3.4,"d":"3.40"},{"v":3.4,"d":"3.40"}]
[10006553,"TORNILLO  24 X 68 X 32 HEXAGONAL",null,"2025-03-03","2025-02-28",null,null,9,{"v":0,"d":"0.00"},{"v":0,"d":"0.00"}]
[10006558,"TORNILLO 1/8 X 62 HEXAGONAL",null,"2025-03-03","2025-02-28",null,null,8,7.03,56.24]
[10006560,"TORNILLO 3/4 X 2 1/2 X 1 1/8 HEXAGONAL 3",null,"2025-03-03","2025-02-28",null,null,5,35.25,176.25]
[10006571,"TORNILLO 3/4 X 3 X 1/8",null,"2025-03-03","2025-02-28",null,null,47,38.15,{"v":1793.05,"d":"1,793.05"}]
[10006580,"TORNILLO  CAB. EXAG. 5/8 X 1/2 X 15/16 NF",null,"2025-03-03","2025-02-28",null,null,2,36.35,{"v":72.7,"d":"72.70"}]
[10006592,"TORNILLO 3/8 X 1 CABEZA REDONDA",null,"2025-03-03","2025-02-28",null,null,19,{"v":21.4,"d":"21.40"},{"v":406.6,"d":"406.60"}]
[10006603,"TORNILLO CABEZA HEX. 10X20X17 COWE 4R",null,"2025-03-03","2025-02-28",null,null,1,{"v":18.4,"d":"18.40"},{"v":18.4,"d":"18.40"}]
[10006611,"TORNILLO 5/8 X 3 X 15/16 HEXAGONAL",null,"2025-03-03","2025-02-28",null,null,1,{"v":48.5,"d":"48.50"},{"v":48.5,"d":"48.50"}]
[10006612,"TORNILLO   HEXAGONAL  % X 6\"",null,"2025-03-19","2025-03-19",null,null,1,{"v":68.4,"d":"68.40"},{"v":68.4,"d":"68.40"}]
[10006612,"TORNILLO  HEXAGONAL  % X 6\"",null,"2025-03-03","2025-02-28",null,null,19,{"v":68.4,"d":"68.40"},{"v":1299.6,"d":"1,299.60"}]
[10006613,"TORNILLO  5/8 X 2 X 1 1/6 HEXAGONAL",null,"2025-03-03","2025-02-28",null,null,4,{"v":57.4,"d":"57.40"},{"v":229.6,"d":"229.60"}]
[10006616,"TORNILLO  CAB.HEX.20X60X30 MM",null,"2025-03-03","2025-02-28",null,null,1,{"v":11.4,"d":"11.40"},{"v":11.4,"d":"11.40"}]
[10006622,"TORNILLO ALLEN 3/8 X 32MM",null,"2025-03-03","2025-02-28",null,null,83,{"v":0,"d":"0.00"},{"v":0,"d":"0.00"}]
[10006628,"TORNILLO  CABEZA HEXAGONAL 16 X 30 X 24MIV",null,"2025-03-03","2025-02-28",null,null,9,{"v":6,"d":"6.00"},{"v":54,"d":"54.00"}]
[10006651,"TORNILLO  HEXANOGAL  5/8 X 1 3/4 X 1 1/16",null,"2025-03-03","2025-02-28",null,null,3,{"v":0,"d":"0.00"},{"v":0,"d":"0.00"}]
[10006670,"TUERCA HEXAGONAL 5/8 X 1 1/8",null,"2025-03-03","2025-02-28",null,null,1,{"v":0,"d":"0.00"},{"v":0,"d":"0.00"}]
[10006672,"TUERCA HEXAGONAL  9/16 X 1",null,"2025-03-03","2025-02-28",null,null,10,{"v":3,"d":"3.00"},{"v":30,"d":"30.00"}]
[10006700,"TUERCA HEXAGONAL 12MM",null,"2025-03-03","2025-02-28",null,null,234,3.05,{"v":713.7,"d":"713.70"}]
[10006711,"\"ARANDELA DE HIERRO DI= 5/16\" X 7/8 X 2",null,"2025-03-03","2025-02-28",null,null,{"v":3200,"d":"3,200"},{"v":1,"d":"1.00"},{"v":3200,"d":"3,200.00"}]
[10006744,"ARANDELA DE ZINC 72’ X 120 X 0.5MM",null,"2025-03-03","2025-02-28",null,null,309,1.05,324.45]
[10006762,"ARANDELA  DE HIERRO 3/16 X 3/8  X 1/32",null,"2025-03-03","2025-02-26",null,null,76,2.17,164.92]
[10006781,"ARANDELA T/CANDADO P/TORNILLO  3/8",null,"2025-03-03","2025-02-28",null,null,7,7.49,52.43]
[10006790,"ESPARRAGO  48X210 DOBLE ROSCA",null,"2025-03-03","2025-02-28",null,null,2,38.92,77.84]
[10006791,"ESPARRAGO  3/4X3",null,"2025-03-03","2025-02-28",null,null,9,{"v":91.1,"d":"91.10"},{"v":819.9,"d":"819.90"}]
[10006805,"ESPARRAGO DE 12X77MMS PARA COMPU",null,"2025-03-03","2025-02-28",null,null,3,{"v":26.3,"d":"26.30"},{"v":78.9,"d":"78.90"}]
[10006812,"ESPARRAGO  DE 10X60MMS",null,"2025-03-03","2025-02-28",null,null,3,{"v":9.4,"d":"9.40"},{"v":28.2,"d":"28.20"}]
[10006813,"TORNILLO HEXAGONAL 30X120X46",null,"2025-03-03","2025-02-28",null,null,4,{"v":0,"d":"0.00"},{"v":0,"d":"0.00"}]
[10006836,"TORNILLO HEXAGONAL 16 X 76 X 26",null,"2025-03-03","2025-02-28",null,null,4,{"v":31.5,"d":"31.50"},{"v":126,"d":"126.00"}]

{"sheet":"Table 2","index":1,"n_rows":192,"n_cols":7,"rows_kept":192,"merged":[[0,0,0,4],[1,0,1,4],[2,0,2,4],[3,0,3,4],[4,0,4,4],[5,0,5,4],[6,0,6,4],[7,0,7,4],[8,0,8,4],[9,0,9,4],[10,0,10,4],[11,0,11,4],[12,0,12,4],[13,0,13,4],[14,0,14,4],[15,0,15,4],[16,0,16,4],[17,0,17,4],[18,0,18,4],[19,0,19,4],[20,0,20,4],[21,0,21,4],[22,0,22,4],[23,0,23,4],[24,0,24,4],[25,0,25,4],[26,0,26,4],[27,0,27,4],[28,0,28,4],[29,0,29,4],[30,0,30,4],[31,0,31,4],[32,0,32,4],[33,0,33,4],[34,0,34,4],[35,0,35,4],[36,0,36,4],[37,0,37,4],[38,0,38,4],[39,0,39,4],[40,0,40,4],[41,0,41,4],[42,0,42,4],[43,0,43,4],[44,0,44,4],[45,0,45,4],[46,0,46,4],[47,0,47,4],[48,0,48,4],[49,0,49,4],[50,0,50,4],[51,0,51,4],[52,0,52,4],[53,0,53,4],[54,0,54,4],[55,0,55,4],[56,0,56,4],[57,0,57,4],[58,0,58,4],[59,0,59,4],[60,0,60,4],[61,0,61,4],[62,0,62,4],[63,0,63,4],[64,0,64,4],[65,0,65,4],[66,0,66,4],[67,0,67,4],[68,0,68,4],[69,0,69,4],[70,0,70,4],[71,0,71,4],[72,0,72,4],[73,0,73,4],[74,0,74,4],[75,0,75,4],[76,0,76,4],[77,0,77,4],[78,0,78,4],[79,0,79,4],[80,0,80,4],[81,0,81,4],[82,0,82,4],[83,0,83,4],[84,0,84,4],[85,0,85,4],[86,0,86,4],[87,0,87,4],[88,0,88,4],[89,0,89,4],[90,0,90,4],[91,3,91,6],[92,3,92,6],[93,3,93,6],[94,3,94,6],[95,3,95,6],[96,3,96,6],[97,3,97,6],[98,3,98,6],[99,3,99,6],[100,3,100,6],[101,3,101,6],[102,3,102,6],[103,3,103,6],[104,3,104,6],[105,3,105,6],[106,3,106,6],[107,3,107,6],[108,3,108,6],[109,3,109,6],[110,3,110,6],[111,3,111,6],[112,3,112,6],[113,3,113,6],[114,3,114,6],[115,3,115,6],[116,3,116,6],[117,3,117,6],[118,3,118,6],[119,3,119,6],[120,3,120,6],[121,3,121,6],[122,3,122,6],[123,3,123,6],[124,3,124,6],[125,3,125,6],[126,3,126,6],[127,3,127,6],[128,3,128,6],[129,3,129,6],[130,3,130,6],[131,3,131,6],[132,3,132,6],[133,3,133,6],[134,3,134,6],[135,3,135,6],[136,3,136,6],[137,3,137,6],[138,3,138,6],[139,3,139,6],[140,3,140,6],[141,3,141,6],[142,3,142,6],[143,3,143,6],[144,3,144,6],[145,3,145,6],[146,3,146,6],[147,3,147,6],[148,3,148,6],[149,3,149,6],[150,3,150,6],[151,3,151,6],[152,3,152,6],[153,3,153,6],[154,3,154,6],[155,4,155,6],[156,3,156,6],[157,3,157,6],[158,3,158,6],[159,3,159,6],[160,3,160,6],[161,3,161,6],[162,3,162,6],[163,3,163,6],[164,3,164,6],[165,3,165,6],[166,3,166,6],[167,3,167,6],[168,3,168,6],[169,3,169,6],[170,3,170,6],[171,3,171,6],[172,3,172,6],[173,3,173,6],[174,3,174,6],[175,3,175,6],[176,3,176,6],[177,3,177,6],[178,3,178,6],[179,3,179,6],[180,3,180,6],[181,3,181,6],[182,0,182,7],[183,0,183,7],[184,0,184,7],[185,0,185,7],[186,0,186,7],[187,0,187,7],[188,0,188,7],[189,0,189,7],[190,0,190,7],[191,0,191,7]]}
["3",{"$nulls":4},{"v":9.1,"d":"9.10"},{"v":27.3,"d":"27.30"}]
["1",{"$nulls":4},{"v":44.5,"d":"44.50"},{"v":44.5,"d":"44.50"}]
["1",{"$nulls":4},{"v":472,"d":"472.00"},{"v":472,"d":"472.00"}]
["2",{"$nulls":4},{"v":124,"d":"124.00"},{"v":248,"d":"248.00"}]
["6",{"$nulls":4},{"v":6.4,"d":"6.40"},{"v":36.4,"d":"36.40"}]
["1",{"$nulls":4},{"v":1695,"d":"1,695.00"},{"v":1695,"d":"1,695.00"}]
["1",{"$nulls":4},{"v":2200,"d":"2,200.00"},{"v":2200,"d":"2,200.00"}]
["2",{"$nulls":4},{"v":11.4,"d":"11.40"},{"v":22.8,"d":"22.80"}]
["2",{"$nulls":4},5.02,10.04]
["2",{"$nulls":4},3.91,7.82]
["1",{"$nulls":4},{"v":16.4,"d":"16.40"},{"v":16.4,"d":"16.40"}]
["2",{"$nulls":4},{"v":45.7,"d":"45.70"},{"v":91.4,"d":"91.40"}]
["1",{"$nulls":4},{"v":3.9,"d":"3.90"},{"v":3.9,"d":"3.90"}]
["2",{"$nulls":4},18.19,36.38]
["3",{"$nulls":4},{"v":82320,"d":"82,320.00"},{"v":246959.99,"d":"246,959.99"}]
["1",{"$nulls":4},{"v":0,"d":"0.00"},{"v":0,"d":"0.00"}]
["s",{"$nulls":4},"o.oo","o.oo"]
["2,010",{"$nulls":4},{"v":1,"d":"1.00"},{"v":2010,"d":"2,010.00"}]
["172",{"$nulls":4},{"v":1,"d":"1.00"},{"v":172,"d":"172.00"}]
["6",{"$nulls":4},{"v":1,"d":"1.00"},{"v":6,"d":"6.00"}]
["1",{"$nulls":4},{"v":1,"d":"1.00"},{"v":1,"d":"1.00"}]
["4",{"$nulls":4},{"v":1,"d":"1.00"},{"v":4,"d":"4.00"}]
["9",{"$nulls":4},{"v":1,"d":"1.00"},{"v":9,"d":"9.00"}]
["1",{"$nulls":4},{"v":1,"d":"1.00"},{"v":1,"d":"1.00"}]
["2",{"$nulls":4},{"v":1,"d":"1.00"},{"v":2,"d":"2.00"}]
["5",{"$nulls":4},{"v":0,"d":"0.00"},{"v":0,"d":"0.00"}]
["43",{"$nulls":4},0.01,0.43]
["1",{"$nulls":4},0.01,0.01]
["3",{"$nulls":4},{"v":0,"d":"0.00"},{"v":0,"d":"0.00"}]
["40",{"$nulls":4},{"v":0,"d":"0.00"},{"v":0,"d":"0.00"}]
["1",{"$nulls":4},0.01,0.01]
["17",{"$nulls":4},{"v":0,"d":"0.00"},{"v":0,"d":"0.00"}]
["15",{"$nulls":4},{"v":0,"d":"0.00"},{"v":0,"d":"0.00"}]
["4",{"$nulls":4},{"v":0,"d":"0.00"},{"v":0,"d":"0.00"}]
["1",{"$nulls":4},{"v":0,"d":"0.00"},{"v":0,"d":"0.00"}]
["97",{"$nulls":4},{"v":0,"d":"0.00"},{"v":0,"d":"0.00"}]
["213",{"$nulls":4},0.01,2.13]
["3",{"$nulls":4},{"v":0,"d":"0.00"},{"v":0,"d":"0.00"}]
["4",{"$nulls":4},"4,840,00",{"v":19359.98,"d":"19,359.98"}]
["161",{"$nulls":4},0.01,1.61]
["1",{"$nulls":4},{"v":0,"d":"0.00"},{"v":0,"d":"0.00"}]
["5",{"$nulls":4},0.01,0.05]
["9",{"$nulls":4},{"v":1160,"d":"1,160.00"},{"v":10620,"d":"10,620.00"}]
["20",{"$nulls":4},{"v":1067.9,"d":"1,067.90"},{"v":21358,"d":"21,358.00"}]
["10",{"$nulls":4},{"v":1069.08,"d":"1,069.08"},{"v":10690.8,"d":"10,690.80"}]
["12",{"$nulls":4},{"v":0,"d":"0.00"},{"v":0,"d":"0.00"}]
["10",{"$nulls":4},{"v":0,"d":"0.00"},{"v":0,"d":"0.00"}]
["9",{"$nulls":4},362.26,{"v":3260.34,"d":"3,260.34"}]
["10",{"$nulls":4},362.26,{"v":3622.6,"d":"3,622.60"}]
["16",{"$nulls":4},0.01,0.16]
["5",{"$nulls":4},{"v":0,"d":"0.00"},{"v":0,"d":"0.00"}]
["25",{"$nulls":4},0.01,0.25]
["46",{"$nulls":4},0.01,0.46]
["47",{"$nulls":4},{"v":0,"d":"0.00"},{"v":0,"d":"0.00"}]
["16",{"$nulls":4},{"v":0,"d":"0.00"},{"v":0,"d":"0.00"}]
["5",{"$nulls":4},{"v":0,"d":"0.00"},{"v":0,"d":"0.00"}]
["a",{"$nulls":4},"o.oo","o.oo"]
["15",{"$nulls":4},0.01,0.15]
["9",{"$nulls":4},{"v":0,"d":"0.00"},{"v":0,"d":"0.00"}]
["5",{"$nulls":4},{"v":1307.44,"d":"1,307.44"},{"v":6537.2,"d":"6,537.20"}]
["1",{"$nulls":4},0.01,0.01]
["15",{"$nulls":4},{"v":0,"d":"000"},{"v":0,"d":"0.00"}]
["10",{"$nulls":4},{"v":0,"d":"0.00"},{"v":0,"d":"0.00"}]
["10",{"$nulls":4},0.01,{"v":0.1,"d":"0.10"}]
["2",{"$nulls":4},{"v":0,"d":"0.00"},{"v":0,"d":"0.00"}]
["30",{"$nulls":4},96.76,{"v":2902.8,"d":"2,902.80"}]
["30",{"$nulls":4},96.76,{"v":2902.8,"d":"2,902.80"}]
["25",{"$nulls":4},96.76,{"v":2419,"d":"2,419.00"}]
["100",{"$nulls":4},0.01,{"v":1,"d":"1.00"}]
["2",{"$nulls":4},{"v":0,"d":"0.00"},{"v":0,"d":"0.00"}]
["1",{"$nulls":4},"2.714.00",{"v":2714,"d":"2,714.00"}]
["2",{"$nulls":4},{"v":0,"d":"0.00"},{"v":0,"d":"0.00"}]
["41",{"$nulls":4},{"v":318.6,"d":"318.60"},{"v":13062.6,"d":"13,062.60"}]
["21",{"$nulls":4},{"v":2916.42,"d":"2,916.42"},{"v":61244.76,"d":"61,244.76"}]
["61",{"$nulls":4},{"v":2916.42,"d":"2,916.42"},{"v":177901.45,"d":"177,901.45"}]
["2",{"$nulls":4},{"v":0,"d":"0.00"},{"v":0,"d":"0.00"}]
["3",{"$nulls":4},0.01,0.03]
["3",{"$nulls":4},{"v":0,"d":"0.00"},{"v":0,"d":"0.00"}]
["7",{"$nulls":4},{"v":0,"d":"0.00"},{"v":0,"d":"0.00"}]
["13",{"$nulls":4},0.01,0.13]
["13",{"$nulls":4},{"v":2916.42,"d":"2,916.42"},{"v":37913.42,"d":"37,913.42"}]
["6",{"$nulls":4},{"v":2916.42,"d":"2,916.42"},{"v":17498.5,"d":"17,498.50"}]
["2",{"$nulls":4},{"v":2916.42,"d":"2,916.42"},"5;832.83"]
["1",{"$nulls":4},{"v":0,"d":"0.00"},{"v":0,"d":"0.00"}]
["30",{"$nulls":4},{"v":2916.42,"d":"2,916.42"},"87.492.52"]
["2",{"$nulls":4},{"v":0,"d":"0.00"},{"v":0,"d":"0.00"}]
["5",{"$nulls":4},0.01,0.05]
["1",{"$nulls":4},0.01,0.01]
["7",{"$nulls":4},{"v":0,"d":"0.00"},{"v":0,"d":"0.00"}]
["4",{"$nulls":4},{"v":8496,"d":"8,496.00"},{"v":33984,"d":"33,984.00"}]
["4",{"$nulls":4},{"v":6136,"d":"6,136.00"},{"v":24544,"d":"24,544.00"}]
["10006837","TORNILLO HEXAGONAL 5/8 X 2 X 1-1/16","2025-03-03","2025-02-28"]
["10006838","TORNILLO ESPARRAGO 3/4 X 3","2025-03-03","2025-02-28"]
["10006903","EJE DE 21X48MMS","2025-03-03","2025-02-28"]
["10006912","RELE DE 220V 50Hz TIPO DILDO-40","2025-03-03","2025-02-28"]
["10006938","TORNILLOS  HEXAGONAL DE 35X90X54MM3","2025-03-03","2025-02-28"]
["10006971","VALVULA-LOGICO DE 2 VIAS TN-16 REF.SB10P","2025-03-03","2025-02-28"]
["10006993","RELE DE 250V 60Hz","2025-03-03","2025-02-28"]
["10007017","ESPARRAGO DE16X66MMS  REF. F6 PARA CO","2025-03-03","2025-02-28"]
["10007065","TORNILLO HEXAGONAL DE 10X20MMS","2025-03-03","2025-02-28"]
["10007081","TORNILLO HEXAGONAL 12X25MMS PARA TU","2025-03-03","2025-02-28"]
["10007090","TORNILLO  HEXAGONAL HM16X40/35 REF. F4 C","2025-03-03","2025-02-28"]
["10007114","TORNILLO  ALLEN DE 12X40MMS","2025-03-03","2025-02-28"]
["10007151","TORNILLO HEXAGONAL 16X40X35MMS PAR","2025-03-03","2025-02-28"]
["10007191","TORNILLO HEXAGONAL 6X40MMS REF. F2","2025-03-03","2025-02-28"]
["10007204","ELECTROVALVULA MONOETABLR  DE 4/2 VIAS","2025-03-19","2025-03-19"]
["10007204","ELECTROVALVULA MONOETABLR  DE 4/2 VIAS","2025-03-03","2025-02-28"]
["10007206","ARANDELA PLANA DE 13X3MMS","2025-03-03","2025-02-28"]
["10007262","ABRAZADERA  DE 1/2 X 1 1/4 X 3/4","2025-03-03","2025-02-28"]
["10007269","RELE TIPO RF4-D1 125VDC","2025-03-03","2025-02-28"]
["10007276","TIR1STOR NLN X C44000 412301-900315","2025-03-03","2025-02-28"]
["10007278","RELE TEMPORIZADO TF2 19-28V","2025-03-03","2025-02-28"]
["10007285","BASE PARA PULSADOR  Y PILOTO ZB4B2101","2025-03-03","2025-02-28"]
["10007286","BASE PARA PULSADOR  Y PILOTO ZB4BV6","2025-03-03","2025-02-28"]
["10007291","SEPARADOR 420MA REF.J*","2025-03-03","2025-02-28"]
["10007294","BASE PARA RELE JN-DE","2025-03-03","2025-02-28"]
["10007300","PULSADORES 089574 X 1 ZB4 BA3","2025-03-03","2025-02-28"]
["10007647","TARUGO EXPANSIVO DE 8MM","2025-03-03","2025-02-28"]
["10007752","CABLE ELECTRICO PUESTA TIERRRA 125V","2025-03-03","28/2/Z025"]
["10007959","AISLADOR PORCELANA","2025-03-03","2025-02-28"]
["10008308","TORNILLO 12X25MM CAB.HEXAG HIERRO DULC(","2025-03-03","2025-02-28"]
["10008437","TORNILLO  ALLEN 16 X 35MM","2025-03-03","2025-02-28"]
["10008441","TORNILLO ALLEN 3 X 7/16\"","2025-03-03","2025-02-28"]
["10008493","TORNILLO ALLEN 10 X 25","2025-03-03","2025-02-28"]
["10008559","TUERCA DE 10 MM REF.PHRB","2025-03-03","2025-02-28"]
["10008923","VALVULA REG PRES. AGUA 200 PSI","2025-03-03","2025-02-28"]
["10009259","BORNERA DE 4MM","2025-03-03","2025-02-28"]
["10009387","GRAPA UNITRON 1 1/2\"","2025-03-03","2025-02-28"]
["10009464","SWITCH DE PRESION","2025-03-03","2025-02-28"]
["10009481","CONTACTOR  80 AMPS","2025-02-06","2025-02-06"]
["10009968","LAMPARA D/SEÑALIZACION 24V","2025-03-03","2025-02-28"]
["10009987","FUSIBLE DE SOOMA DISP CONTRAINCENDIO D/C","2025-03-03","2025-02-28"]
["10010241","ESPARRAGO DE 5/4 X 1/2\"","2025-03-03","2025-02-28"]
["10010261","CAPA PARA AGUA","2025-02-04","2025-02-04"]
["10010261","CAPA PARA AGUA","2025-02-04","2025-02-04"]
["10010261","CAPA PARA AGUA","2025-02-04","2025-02-04"]
["10010357","VALVULA  P/TUBERIA TONO D/PRESION P/TURB","2025-03-03","2025-02-28"]
["10010524","LIMA PLANA 8\"","2025-03-03","2025-02-28"]
["10010524","LIMA PLANA 8\"","2025-01-30","2025-01-30"]
["10010524","LIMA PLANA 8\"","2025-01-30","2025-01-30"]
["10010675","ABRAZADERA MT  1/2\"","2025-03-03","2025-02-28"]
["10010738","REDUCCION HG BUSHING DE 3/4 X 3/8","2025-03-03","2025-02-28"]
["10010765","UNION UNIVERSAL ROSCABLE DE 3/4 PLG","2025-03-03","2025-02-28"]
["10010963","TORNILLO HEXAGONAL DE 1 1/2\" X 6\"","3/3/","2/2025"]
["10010967","TORNILLO 12 X 60 MM",null,{"v":25,"d":"025"}]
["10010986","TORNILLO HEXAGONAL 3/4 X 2",null,5]
["10011003","TORNILLO BULON 12 MM"]
["10011006","TORNILLO D/2OX74MMC/EXAG",null,"28/2"]
["10011048","FUSIBLE TIPO BOTELLA 10A/500V"]
["10011084","\"ROLLO DE TEFLON 3/4   \"",null,2]
["10011159","SLINGA 1.15M X 3000KG"]
["10011268","TRANSFORMADOR  P/ TENSION DE 110V",null,"8/2/"]
["10011291","RODAMIENTO D/BOLA 6307",null,"28/"]
["10011317","RODAMIENTO D/BOLAS 6202"]
["10011424","CONTACTO FIJO SUPERIOR",null,25]
["10011500","BRIDA DE 2 1/2\" DE 4 AGUJEROS","3/","\\j$L*@",2025]
["10011548","GAFAS DE SEGUR IDAD (TRANSPARENTE)","2020-02-04","2025-02-04"]
["10011548","GAFAS DE SEGURIDAD (TRANSPARENTE)","2025-02-04","2025-02-04"]
["10011548","GAFAS DE SEGURIDAD  (TRANSPARENTE)","2025-02-04","2025-02-04"]
["10011554","ESCOBILLA D/ATERRIZAJE EJE GEN R-EG34D","2025-03-03","2025-02-28"]
["10011688","RASTRILLO  DE OBRERO","2025-03-03","2025-02-28"]
["10011716","SOBRE MANILA 9 X 12","2025-03-27","2025-03-27"]
["10011762","VALVULA  DE GALLETA DE 4\"","2025-03-03","2025-02-28"]
["10011781","MACHETE DE OBREROS","2025-02-04","2025-02-04"]
["10011791","BOTAS SEGURIDAD (MUJER) N0.38","2025-02-17","2025-02-17"]
["10011792","BOTAS SEGURIDAD (MUJER) N0.43","2025-02-17","2025-02-17"]
["10011820","SEMI CURVA  HIERRO NEGRO 2\"","2025-03-03","2025-02-28"]
["10011872","VENTILADOR  12V-0.23A","2025-03-03","2025-02-28"]
["10011910","GRATA PARA PULIR 5\"","2025-03-03","2025-02-28"]
["10011948","TORNILLO ALLEN M10","2025-03-03","2025-02-28"]
["10011986","FUSIBLE TIPO CARTUC HO SOOV-2AMP","2025-03-03","2025-02-28"]
["10012056","BOTAS SEGURIDAD (MUJER) NO.37","2025-02-17","2025-02-17"]
["10012056","BOTAS SEGURIDAD  (MUJER) NO.37","2025-02-17","2025-02-17"]
["10012056","BOTAS SEGURIDAD  (MUJER) NO.37","2025-02-17","2025-02-17"]
["10012071","TORNILLO DE 3 1/2 X 1 7/16","2025-03-03","2025-02-28"]
["10012093","BOTAS SEGURIDAD  (MUJER) NO.44","2025-02-17","2025-02-17"]
["10012100","SEMI CURVA HIERRO NEGRO 4\"","2025-03-03","2025-02-28"]
["10013028","SENSOR DE TEMPERATURA  DE ACEITE  PT100","2025-03-03","2025-02-28"]
["10013346","!ELE BUCHOLL DETECTOR D/GAS COMEN 0637?","2025-03-03","2025-02-28"]
["10013379","TORNILLO CAB. HEX 28X100 MM","2025-03-03","2025-02-28"]
["10013391","GOMAS 265 X 70 X 15","2025-03-18","2025-03-18"]
["10013398","GOMAS 245 X 70 X 16 A/T","2025-03-18","2025-03-18"]
["UN"]
["UN"]
["UN UN\nuN"]
["UN UN"]
["UN"]
["UN UN UN"]
["UN UN UN"]
["UN UN UN"]
["UN"]
["UN UN"]

{"sheet":"Table 3","index":2,"n_rows":91,"n_cols":11,"rows_kept":91,"merged":[[65,1,65,2],[65,3,65,4],[65,5,65,6],[66,1,66,2],[66,3,66,4],[66,5,66,6],[67,1,67,2],[67,3,67,4],[67,5,67,6],[68,1,68,2],[68,3,68,4],[68,5,68,6],[69,1,69,2],[69,3,69,4],[69,5,69,6],[70,1,70,2],[70,3,70,4],[70,5,70,6],[71,1,71,2],[71,3,71,4],[71,5,71,6],[72,1,72,2],[72,3,72,4],[72,5,72,6],[73,1,73,2],[73,3,73,4],[73,5,73,6],[74,1,74,2],[74,3,74,4],[74,5,74,6],[75,1,75,2],[75,3,75,4],[75,5,75,6],[76,1,76,2],[76,3,76,4],[76,5,76,6],[77,1,77,2],[77,3,77,4],[77,5,77,6],[78,1,78,2],[78,3,78,4],[78,5,78,6],[79,1,79,2],[79,3,79,4],[79,5,79,6],[80,1,80,2],[80,3,80,4],[80,5,80,6],[81,1,81,2],[81,3,81,4],[81,5,81,6],[82,1,82,2],[82,3,82,4],[82,5,82,6],[83,1,83,2],[83,3,83,4],[83,5,83,6],[84,1,84,2],[84,3,84,4],[84,5,84,6],[85,1,85,2],[85,3,85,4],[85,5,85,6],[86,1,86,2],[86,3,86,4],[86,5,86,6],[87,1,87,2],[87,3,87,4],[87,5,87,6],[88,1,88,2],[88,3,88,4],[88,5,88,6],[89,1,89,2],[89,3,89,4],[89,5,89,6],[90,1,90,2],[90,3,90,4],[90,5,90,6]]}
[10013423,"BROCHA DE PINTAR DE 2\"",null,null,"2025-01-03",null,"2025-01-03","UN",108,48.32,{"v":5218.67,"d":"5,218.67"}]
[10013483,"PLATOS LLANOS",null,null,"2025-01-27",null,"2025-01-27","UN",5,{"v":2183,"d":"2,183.00"},{"v":10915,"d":"10,915.00"}]
[10013483,"PLATOS LLANOS",null,null,"2025-01-27",null,"2025-01-27","UN",1,{"v":2183,"d":"2,183.00"},{"v":2183,"d":"2,183.00"}]
[10013483,"PLATOS LLANOS",null,null,"2025-01-22",null,"2025-01-22","UN",1,{"v":2183,"d":"2,183.00"},{"v":2183,"d":"2,183.00"}]
[10013483,"PLATOS LLANOS",null,null,"2025-01-22",null,"2025-01-22","UN",5,{"v":2183,"d":"2,183.00"},{"v":10915,"d":"10,915.00"}]
[10013484,"PLATOS HONDOS",null,null,"2025-01-27",null,"2025-01-27","UN",1,{"v":2183,"d":"2,183.00"},{"v":2183,"d":"2,183.00"}]
[10013484,"PLATOS HONDOS",null,null,"2025-01-22",null,"2025-01-22","UN",1,{"v":2183,"d":"2,183.00"},{"v":2183,"d":"2,183.00"}]
[10013490,"TAZAS DE RAFE CON PLATOS",null,null,"2025-01-27",null,"2025-01-27","CA",1,{"v":2360,"d":"2,360.00"},{"v":2360,"d":"2,360.00"}]
[10013490,"TAZAS DE CAFE CON PLATOS",null,null,"2025-01-27",null,"2025-01-27","CA",1,{"v":2360,"d":"2,360.00"},{"v":2360,"d":"2,360.00"}]
[10013490,"TAZAS DE CAFE CON PLATOS",null,null,"2025-01-27",null,"2025-01-27","CA",2,{"v":2183,"d":"2,183.00"},{"v":4366,"d":"4,366.00"}]
[10013490,"TAZAS DE CAFE CON PLATOS",null,null,"2025-01-22",null,"2025-01-22","CA",1,{"v":2360,"d":"2,360.00"},{"v":2360,"d":"2,360.00"}]
[10013490,"TAZAS DE CAFE CON PLATQS",null,null,"2025-01-22",null,"2025-01-22","CA",1,{"v":2360,"d":"2,360.00"},{"v":2360,"d":"2,360.00"}]
[10013490,"TAZAS DE CAFE CON PLATOS",null,null,"2025-01-22",null,"2025-01-22","CA",2,{"v":2183,"d":"2,183.00"},{"v":4366,"d":"4,366.00"}]
[10013494,"TERMO PARA CAFE",null,null,"2025-01-27",null,"2025-01-27","UN",4,{"v":1947,"d":"1,947.00"},{"v":7788,"d":"7,788.00"}]
[10013494,"TERMO PARA CAFE",null,null,"2025-01-22",null,"2025-01-22","UN",4,{"v":1947,"d":"1,947.00"},{"v":7788,"d":"7,788.00"}]
[10013494,"TERMO PARA CAFE",null,null,"2025-03-26",null,"2025-03-25",null,2,{"v":1265.73,"d":"1,265.73"},{"v":2531.45,"d":"2,531.45"}]
[10013494,"TERMO PARA CAFE",null,null,"2025-03-17",null,"2025-03-17",null,6,{"v":1265.72,"d":"1,265.72"},{"v":7594.34,"d":"7,594.34"}]
[10013516,"CUBIERTO",null,null,"2025-01-27",null,"2025-01-27","uN",12,{"v":100.3,"d":"100.30"},"1.203.60"]
[10013516,"CUBIERTO",null,null,"2025-01-27",null,"2025-01-27","UN",60,{"v":100.3,"d":"100.30"},{"v":6018,"d":"6,018.00"}]
[10013516,"CUBIERTO",null,null,"2025-01-22",null,"2025-01-22","UN",12,{"v":100.3,"d":"100.30"},{"v":1203.6,"d":"1,203.60"}]
[10013516,"CUBIERTO",null,null,"2025-01-22",null,"2025-01-22","UN",60,{"v":100.3,"d":"100.30"},{"v":6018,"d":"6,018.00"}]
[10013540,"TIJERAS GRANDE",null,null,"2025-03-31",null,"2025-03-25",null,3,80.47,241.42]
[10013562,"FILTRO DE ACEITE P/DIESEL 477556-5",null,null,"2025-03-03",null,"2025-02-28",null,2,"0.00  '",{"v":0,"d":"0.00"}]
[10013588,"LUBRICANTES  EN SPRAY WD-40",null,null,"2025-03-03",null,"2B/2/2025",null,1,{"v":0,"d":"0.00"},{"v":0,"d":"0.00"}]
[10013640,"GOMA 235-85 R16",null,null,"2025-03-18",null,"2025-03-18","UN",4,{"v":10030,"d":"10,030.00"},{"v":40120,"d":"40,120.00"}]
[10013640,"GOMA 235-85 R16",null,null,"2025-03-18",null,"2025-03-18","UN",4,{"v":10030,"d":"10,030.00"},{"v":40120,"d":"40,120.00"}]
[10013736,"CINTA ADHESIVA",null,null,"2025-02-04",null,"2025-02-04","TF",10,{"v":53.1,"d":"53.10"},{"v":531,"d":"531.00"}]
[10013771,"BATERIA 15/12 PARA VEHICULO",null,null,"2025-02-20",null,"2025-02-20","UN",69,{"v":6600,"d":"6,600.00"},{"v":455399.97,"d":"455,399.97"}]
[10013797,"GOMAS 265-70-15",null,null,"2025-03-18",null,"2025-03-18","UN",4,{"v":7434,"d":"7,434.00"},{"v":29736,"d":"29,736.00"}]
["100W 3854","NIPLE REDUCTOR  1sMu x 1z MM",null,null,"2025-03-03",null,"2025-02-28",null,26,{"v":0,"d":"0.00"},{"v":0,"d":"0.00"}]
[10013945,"GRAPAS",null,null,"2025-02-04",null,"2025-02-04",null,40,36.75,{"v":1470.17,"d":"1,470.17"}]
[10013955,"CINTA ADHESIVA TRANSP. 3M",null,null,"2025-02-04",null,"2025-02-04","UN",10,{"v":53.1,"d":"53.10"},{"v":531,"d":"531.00"}]
[10013955,"CINTA ADHESIVA TRANSP. 3M",null,null,"2025-03-31",null,"2025-03-25",null,5,69.92,349.61]
[10013955,"CINTA ADHESIVA TRANSP. 3M",null,null,"2025-02-04",null,"2025-02-04",null,45,68.16,{"v":3067.09,"d":"3,067.09"}]
[10013977,"MACHETE BELLOTA",null,null,"2025-02-04",null,"2025-02-04","UN",40,{"v":318.6,"d":"318.60"},{"v":12744,"d":"12,744.00"}]
[10013980,"ESCOBA PLASTICA",null,null,"2025-02-13",null,"2025-02-13","UN",20,{"v":165.2,"d":"165.20"},{"v":3304,"d":"3,304.00"}]
[10013980,"ESCOBA PLASTICA",null,null,"2025-02-04",null,"2025-02-04","UN",8,{"v":413,"d":"413.00"},{"v":3304,"d":"3,304.00"}]
[10013985,"HACHA COMPLETA 3.5 LBS",null,null,"2025-03-03",null,"2025-02-28",null,4,{"v":0,"d":"0.00"},{"v":0,"d":"0.00"}]
[10014043,"PINTURA VERDE CLARO 52",null,null,"2025-03-03",null,"2025-02-28",null,24,{"v":0,"d":"0.00"},{"v":0,"d":"0.00"}]
[10014049,"GOMAS 700X16 BRID GESTONE",null,null,"2025-03-18",null,"2025-03-18","UN",6,{"v":9912,"d":"9,912.00"},{"v":59472,"d":"59,472.00"}]
[10014075,"ESCOBAS PLASTICAS",null,null,"2025-01-14",null,"2025-01-14",null,6,125.88,755.27]
[10014078,"DESINFECTANTE  LIQUIDO",null,null,"2025-03-31",null,"2025-03-31","GAL",600,{"v":88.5,"d":"88.50"},{"v":53100,"d":"53,100.00"}]
["100140Y 8","DESINF ECTANTE LIQUIDO",null,null,"2025-03-31",null,"2025-03-31",null,60,{"v":88.9,"d":"88.90"},{"v":5334.04,"d":"5,334.04"}]
[10014078,"DESINF ECTANTE LIQUIDO",null,null,"2025-03-13",null,"2025-03-13",null,9,94.62,851.62]
[10014078,"DESINFECTANTE LIQUIDO",null,null,"2025-03-06",null,"2025-03-06",null,24,94.62,{"v":2270.98,"d":"2,270.98"}]
[10014078,"DESINFECTANTE LIQUIDO",null,null,"2025-02-11",null,"2025-02-11",null,30,94.62,{"v":2838.72,"d":"2,838.72"}]
[10014078,"DESINFECTANTE LIQUIDO",null,null,"2025-02-06",null,"2025-02-06",null,2,121.07,242.14]
[10014078,"DESINFECTANTE  LIQUIDO",null,null,"2025-02-06",null,"2025-02-06",null,3,121.07,363.21]
[10014078,"DESINFECTANTE LIQUIDO",null,null,"2025-02-04",null,"2025-02-04",null,18,94.62,{"v":1703.23,"d":"1,703.23"}]
[10014078,"DESINFECTANTE  LIQUIDO",null,null,"2025-01-14",null,"2025-01-14",null,60,94.62,{"v":5677.44,"d":"5,677.44"}]
[10014081,"JABON LIQUIDO",null,null,"2025-03-26",null,"2025-03-25",null,12,220.71,{"v":2648.51,"d":"2,648.51"}]
[10014081,"JABON LIQUIDO",null,null,"2025-03-17",null,"2025-03-17",null,18,220.71,{"v":3972.76,"d":"3,972.76"}]
[10014081,"JABON LIQUIDO",null,null,"/         5",null,"2025-03-13",null,18,220.71,{"v":3972.76,"d":"3,972.76"}]
[10014081,"JABON LIQUIDO",null,null,"/@",null,"2025-02-04",null,66,220.71,{"v":14566.8,"d":"14,566.80"}]
[10014081,"JABON LIQUIDO",{"$nulls":4},"2025-01-14",null,30,220.71,{"v":6621.27,"d":"6,621.27"}]
[10014090,"BATERIA 17/12",null,null,"2/20",null,"2025-02-20","UN"]
[10014092,"AZUCAR  BLANCA",null,null,"18/     025",null,"2025-03-18",null,"9O",38.13,{"v":3431.92,"d":"3,431.92"}]
[10014092,"AZUCAR BLANCA",null,null,5,"R","2025-02-06",null,30,38.13,{"v":1143.98,"d":"1,143.98"}]
[10014092,"AZUCAR  BLANCA     @",null,null,5,"*","2025-02-06",null,20,38.13,762.65]
[{"$nulls":3},"@","/2/20  5",null,"2025-02-13","UN",4,{"v":3540,"d":"3,540.00"},{"v":14160,"d":"14,160.00"}]
["1      4207","SOGADENYLo   !",null,null,"13/2/2  25","@","2025-02-13","UN",328,{"v":147.5,"d":"147.50"},{"v":48380,"d":"48,380.00"}]
[10014253,"CAPAS PARA LLUVIA TIPO PANTAL   htJ","AMI",null,"4/2   025",null,"2025-02-04","UN",70,{"v":1132.8,"d":"1,132.80"},{"v":79296,"d":"79,296.00"}]
[10014320,"CASCO DE PROTE CCIO",null,null,"/1/20",null,"2025-01-30","UN",20,457.84,{"v":9156.8,"d":"9,156.80"}]
[10014320,"CASCO DE PROTE CCION",null,null,"30/",null,"2025-01-30","UN",14,457.84,{"v":6409.76,"d":"6,409.76"}]
[10014345,"DISCO DE CORTE DE 7“",{"$nulls":4},"2025-03-28","UN",50,{"v":236,"d":"236.00"},"II  ,800.00"]
[10014345,"DISCO DE CORTE DE 7“",null,5,null,"2025-03-25",null,null,50,{"v":236,"d":"236.00"},{"v":11800,"d":"11,800.00"}]
[10014345,"DISCO DE CORTE DE 7“",null,"2025-03-25",null,"2025-03-25",null,"UN",50,{"v":236,"d":"236.00"},{"v":11800,"d":"11,800.00"}]
[10014352,"LIMA TRIANGULAR  10\"",null,"2025-01-30",null,"2025-01-30",null,"UN",20,{"v":324.5,"d":"324.50"},{"v":6490,"d":"6,490.00"}]
[10014352,"LIMA TRIANGULAR  10“",null,"2025-01-30",null,"2025-01-30",null,"UN",50,"324.NO",{"v":16225,"d":"16,225.00"}]
[10014352,"LIMA TRIANGULAR  10“",null,"2025-01-30",null,"2025-01-30",null,"UN",20,{"v":324.5,"d":"324.50"},{"v":6490,"d":"6,490.00"}]
[10014352,"LIMA TRIANGULAR  10\"",null,"2025-01-30",null,"2025-01-30",null,"UN",50,{"v":324.5,"d":"324.50"},{"v":16225,"d":"16,225.00"}]
[10014422,"PALA DE CORTE",null,"2025-02-04",null,"2025-02-04",null,"UN",15,{"v":595.9,"d":"595.90"},{"v":8938.5,"d":"8,938.50"}]
[10014422,"PALA DE CORTE",null,"2025-02-04",null,"2025-02-04",null,"UN",15,{"v":595.9,"d":"595.90"},{"v":8938.5,"d":"8,938.50"}]
[10014519,"Arroz Natural",null,"2025-01-30",null,"2025-01-30",null,"LB",{"v":8550,"d":"8,550"},37.54,{"v":320967,"d":"320,967.00"}]
[10014522,"AZUCAR CREMA",null,"2025-03-20",null,"2025-03-20",null,null,30,33.52,{"v":1005.55,"d":"1,005.55"}]
[10014532,"SALAMI INDUVECA SUPER ESPECIAL",null,"2025-01-30",null,"2025-01-30",null,"UN",350,{"v":422.3,"d":"422.30"},{"v":147805,"d":"147,805.00"}]
[10014574,"VASOS P/AGUA DE CRISTAL ROYAL PRESTIGE",null,"2025-01-27",null,"2025-01-27",null,"DOC",12,{"v":129.8,"d":"129.80"},{"v":1557.6,"d":"1,557.60"}]
[10014574,"VASOS P/AGUA DE CRISTAL ROYAL PRESTIGE",null,"2025-01-27",null,"2025-01-27",null,"DOC",12,{"v":129.8,"d":"129.80"},{"v":1557.6,"d":"1,557.60"}]
[10014574,"VASOS P/AGUA DE CRISTAL ROYAL PRESTIGE",null,"2025-01-22",null,"2025-01-22",null,"DOC",12,{"v":129.8,"d":"129.80"},{"v":1557.6,"d":"1,557.60"}]
[10014574,"VASOS P/AGUA DE CRISTAL ROYAL PRESTIGE",null,"2025-01-22",null,"2025-01-22",null,"DOC",12,{"v":129.8,"d":"129.80"},{"v":1557.6,"d":"1,557.60"}]
[10014575,"COPA DE VINO",null,"2025-01-27",null,"2025-01-27",null,"DOC",50,{"v":159.3,"d":"159.30"},{"v":7965,"d":"7,965.00"}]
[10014575,"COPA DE VINO",null,"2025-01-22",null,"2025-01-22",null,"DOC",50,{"v":159.3,"d":"159.30"},{"v":7965,"d":"7,965.00"}]
[10014576,"JARRA PJ AGUA ROYAL PRESTIGE",null,"2025-01-27",null,"2025-01-27",null,"UN",2,{"v":590,"d":"590.00"},{"v":1180,"d":"1,180.00"}]
[10014576,"JARRA P/ AGUA ROYAL PRESTIGE",null,"2025-01-27",null,"2025-01-27",null,"UN",4,{"v":590,"d":"590.00"},{"v":2360,"d":"2,360.00"}]
[10014576,"JARRA P/ AGUA ROYAL PRESTIGE",null,"2025-01-22",null,"2025-01-22",null,"UN",4,{"v":590,"d":"590.00"},{"v":2360,"d":"2,360.00"}]
[10014576,"JARRA P/ AGUA ROYAL PRESTIGE",null,"2025-01-22",null,"2025-01-22",null,"UN",2,{"v":590,"d":"590.00"},{"v":1180,"d":"1,180.00"}]
[10014613,"PINTURA AMARILLO CANARIO 13",null,"2025-03-03",null,"2025-02-28",null,null,1,{"v":0,"d":"0.00"},{"v":0,"d":"0.00"}]
[10014650,"BATERIA DE 12 VOLTIOS",null,"2025-03-14",null,"2025-03-14",null,"UN",20,{"v":17582,"d":"17,582.00"},{"v":351640,"d":"351,640.00"}]
[10014850,"ARANDELA PLANA 2 3/4X1 1/2X1/4",null,"2025-03-03",null,"2025-02-28",null,null,82,{"v":0,"d":"0.00"},{"v":0,"d":"0.00"}]
[10014875,"TAPE DE VINIL 3M/33",null,"2025-02-06",null,"2025-02-06",null,"UN",10,485.75,{"v":4857.47,"d":"4,857.47"}]
[10014876,"TAPE DE GOMA 3M 23",null,"2025-02-06",null,"2025-02-06",null,"UN",10,{"v":2030,"d":"2,030.00"},{"v":20300.01,"d":"20,300.01"}]

{"sheet":"Table 4","index":3,"n_rows":90,"n_cols":9,"rows_kept":90,"merged":[[0,1,0,2],[1,1,1,2],[2,1,2,2],[3,1,3,2],[4,1,4,2],[5,1,5,2],[6,1,6,2],[7,1,7,2],[8,1,8,2],[9,1,9,2],[10,1,10,2],[11,1,11,2],[12,1,12,2],[13,1,13,2],[14,1,14,2],[15,1,15,2],[16,1,16,2],[17,1,17,2],[18,1,18,2],[19,1,19,2],[20,1,20,2],[21,1,21,2],[22,1,22,2],[23,1,23,2],[24,1,24,2],[25,1,25,2],[26,1,26,2],[27,1,27,2],[28,1,28,2],[29,1,29,2],[30,1,30,2],[31,1,31,2],[32,1,32,2],[33,1,33,2],[34,1,34,2],[35,1,35,2],[36,1,36,2],[37,1,37,2],[38,1,38,2],[39,1,39,2],[40,1,40,2],[41,1,41,2],[42,1,42,2],[43,1,43,2],[44,1,44,2],[45,1,45,2],[46,1,46,2],[47,1,47,2],[48,1,48,2],[49,1,49,2],[50,1,50,2],[51,1,51,2],[52,1,52,2],[53,1,53,2],[54,1,54,2],[55,1,55,2],[56,1,56,2],[57,1,57,2],[58,1,58,2],[68,1,68,2],[69,1,69,2],[70,1,70,2],[71,1,71,2],[72,1,72,2],[73,1,73,2],[74,1,74,2],[75,1,75,2],[76,1,76,2],[77,1,77,2],[78,1,78,2],[79,1,79,2],[80,1,80,2],[81,1,81,2],[82,1,82,2],[83,1,83,2],[84,1,84,2],[85,1,85,2],[86,1,86,2],[87,1,87,2],[88,1,88,2],[89,1,89,2]]}
[10014931,"PINTURA BLANCO 00 (GAL]",null,"2025-01-03","2025-01-03","UN",25,{"v":2802.5,"d":"2,802.50"},{"v":70062.5,"d":"70,062.50"}]
[10014988,"CONECTOR PUESTA A TIERRA 16-25MM",null,"2025-03-03","2025-02-28",null,5,{"v":0,"d":"0.00"},{"v":0,"d":"0.00"}]
[10014991,"CAJA REGISTRO ELECTRICO 6x6 PLG",null,"2025-03-03","2025-02-28",null,2,{"v":0,"d":"0.00"},{"v":0,"d":"0.00"}]
[10015014,"SUAPE DE ALGODON",null,"2025-03-19","2025-03-04",null,3,158.85,476.54]
[10015014,"SUAPE DE ALGODON",null,"2025-03-19","2025-03-03",null,2,158.85,{"v":317.7,"d":"317.70"}]
[10015014,"SUAPE DE ALGODON",null,"2025-02-04","2025-02-04",null,24,{"v":158.4,"d":"158.40"},{"v":3801.62,"d":"3,801.62"}]
[10015014,"SUAPE DE ALGODON",null,"2025-01-14","2025-01-14",null,24,{"v":158.4,"d":"158.40"},{"v":3801.63,"d":"3,801.63"}]
[10015016,"PICO CON PALO",null,"2025-02-04","2025-02-04","UN",10,{"v":1121,"d":"1,121.00"},{"v":11210,"d":"11,210.00"}]
[10015016,"PICO CON PALO",null,"2025-02-04","2025-02-04","UN",10,{"v":1121,"d":"1,121.00"},{"v":11210,"d":"11,210.00"}]
[10015124,"HACHA COMPLETAS",null,"2025-02-04","2025-02-04","UN","?i",{"v":1274.4,"d":"1,274.40"},{"v":6372,"d":"6,372.00"}]
[10015124,"HACHA COMPLETAS",null,"2025-02-04","2025-02-04","UN",10,{"v":802.4,"d":"802.40"},{"v":8024,"d":"8,024.00"}]
[10015151,"COPAS PARA AGUA",null,"2025-01-27","2025-01-27","UN",12,143.96,{"v":1727.52,"d":"1,727.52"}]
[10015151,"COPAS PARA AGUA",null,"2025-01-27","2025-01-27","UN",12,143.96,{"v":1727.52,"d":"1,727.52"}]
[10015151,"COPAS PARA AGUA",null,"2025-01-27","2025-01-27","UN",12,143.96,"1,727.?i2"]
[10015151,"COPAS PARA AGUA",null,"2025-01-22","2025-01-22","UN",12,"143,96",{"v":1727.52,"d":"1,727.52"}]
[10015151,"COPAS PARA AGUA",null,"2025-01-22","2025-01-22","UN",12,143.96,{"v":1727.52,"d":"1,727.52"}]
[10015151,"COPAS PARA AGUA",null,"2025-01-22","2025-01-22","UN",12,143.96,{"v":1727.52,"d":"1,727.52"}]
[10015160,"GOMAS 215/70- R15 A/T",null,"2025-03-18","2025-03-18","UN",4,{"v":4956,"d":"4,956.00"},{"v":19824,"d":"19,824.00"}]
[10015160,"GOMAS 215/70- R15 A/T",null,"2025-03-18","2025-03-18","UN",4,{"v":4956,"d":"4,956.00"},{"v":19824,"d":"19,824.00"}]
[10015160,"GOMAS 215/70- R15 A/T",null,"2025-03-18","2025-03-18","UN",4,{"v":4956,"d":"4,956.00"},{"v":19824,"d":"19,824.00"}]
[10015181,"Pintura AzulAcrilica Oscura Esmalte",null,"2025-03-03","2025-02-28",null,5,{"v":0,"d":"0.00"},{"v":0,"d":"0.00"}]
[10015222,"BANDEJAS DE CAMARERO ACERO INOXIDABLE",null,"2025-02-03","2025-02-03","UN",1,{"v":1652,"d":"1,652.00"},{"v":1652,"d":"1,652.00"}]
[10015222,"BANDEJAS  DE CAMARERO  ACERO INOXIDABLE",null,"2025-02-03","2025-02-03","UN",3,{"v":1652,"d":"1,652.00"},{"v":4956,"d":"4,956.00"}]
[10015222,"BANDEJAS DE CAMARERO ACERO INOXIDABLE",null,"2025-01-27","2025-01-27","UN",5,{"v":1652,"d":"1,652.00"},{"v":8260,"d":"8,260.00"}]
[10015222,"BANDEJAS  DE CAMARERO  ACERO INOXIDABLE",null,"2025-01-22","2025-01-22","UN",5,{"v":1652,"d":"1,652.00"},{"v":8260,"d":"8,260.00"}]
[10015222,"BANDEJAS  DE CAMARERO  ACERO INOXIDABLE",null,"2025-01-22","2025-01-22","UN",1,{"v":1652,"d":"1,652.00"},{"v":1652,"d":"1,652.00"}]
[10015222,"BANDEJAS  DE CAMARERO  ACERO INOXIDABLE",null,"2025-01-22","2025-01-22","UN",3,{"v":1652,"d":"1,652.00"},{"v":4956,"d":"4,956.00"}]
[10015323,"TOMACORRIENTE  220 V/15A",null,"2025-03-03","2025-02-28",null,41,0.01,0.41]
[10015330,"CONECTOR D/COBRE 2\" D/2 TORNILLOS",null,"2025-03-03","2025-02-28",null,10,0.01,{"v":0.1,"d":"0.10"}]
[10015341,"PIE DE CABRA",null,"2025-01-30","2025-01-30","UN",5,704.46,{"v":3522.3,"d":"3,522.30"}]
[10015341,"PIE DE CABRA",null,"2025-01-30","2025-01-30","UN",5,704.46,{"v":3522.3,"d":"3,522.30"}]
[10015341,"PIE DE CABRA",null,"2025-03-03","2025-02-28",null,2,{"v":0,"d":"0.00"},{"v":0,"d":"0.00"}]
[10015415,"PINTURA TRAFICO AMARILLO",null,"2025-01-03","2025-01-03","UN",52,{"v":5531.25,"d":"5,531.25"},{"v":287625,"d":"287,625.00"}]
[10015495,"LIMA TRIANG BELLOTA",null,"2025-01-30","2025-01-30","UN",20,{"v":324.5,"d":"324.50"},{"v":6490,"d":"6,490.00"}]
[10015495,"LIMA TRIANG BELLOTA",null,"2025-01-30","2025-01-30","UN",20,{"v":324.5,"d":"324.50"},{"v":6490,"d":"6,490.00"}]
[10015495,"LIMA TRIANG BELLOTA",null,"2025-01-30","2025-01-30","UN",20,{"v":324.5,"d":"324.50"},{"v":6490,"d":"6,490.00"}]
[10015495,"LIMA TRIANG BELLOTA",null,"2025-01-30","2025-01-30","UN",20,{"v":324.5,"d":"324.50"},{"v":6490,"d":"6,490.00"}]
[10015506,"TARJETA ELECTRO P/SISTEMA REG DE TURBINy",null,"2025-03-03","2025-02-28",null,3,{"v":0,"d":"0.00"},{"v":0,"d":"0.00"}]
[10015537,"LONA PLASTICA 40 X 30 FT",null,"2025-02-04","2025-02-04","UN",5,{"v":1534,"d":"1,534.00"},{"v":7670,"d":"7,670.00"}]
[10015537,"LONA PLASTICA 40 X 30 FT",null,"2025-02-04","2025-02-04","UN",5,{"v":1534,"d":"1,534.00"},{"v":7670,"d":"7,670.00"}]
[10015545,"COLCHONES 39x74 PULG",null,"2025-02-13","2025-02-13","UN",6,{"v":5310,"d":"5,310.00"},{"v":31860,"d":"31,860.00"}]
[10015630,"SOGA DE NYLON 1/4\"",null,"2025-02-13","2025-02-13","UN",3,{"v":188.8,"d":"188.80"},{"v":566.4,"d":"566.40"}]
[10015630,"SOGA DE NYLON 1/4\"",null,"2025-02-13","2025-02-13","UN",100,{"v":188.8,"d":"188.80"},{"v":18880,"d":"18,880.00"}]
[10015637,"TARJETA  EXT 1000, GEC ALSTOM NEYRPIC",null,"2025-03-03","2025-02-28",null,2,{"v":0,"d":"0.00"},{"v":0,"d":"0.00"}]
[10015641,"ESPATULA DE METAL",null,"2025-01-27","2025-01-27","UN",2,{"v":383.5,"d":"383.50"},{"v":767,"d":"767.00"}]
[10015641,"ESPATULA DE METAL",null,"2025-01-22","2025-01-22","UN",2,{"v":383.5,"d":"383.50"},{"v":767,"d":"767.00"}]
[10015679,"AMPERIMETRO DE 0 A 1000 A /60MB",null,"2025-03-03","2025-02-28",null,1,0.01,0.01]
[10015691,"PLANCHAS DE PLYWOOD 96\" X 48\" X 1/2\"",null,"2025-02-13","2025-02-13","UN",5,{"v":1280.61,"d":"1,280.61"},{"v":6403.03,"d":"6,403.03"}]
[10015691,"PLANCHAS DE PLYWOOD 96\" X 48\" X 1/2\"",null,"2025-02-13","2025-02-13","UN",4,{"v":1280.61,"d":"1,280.61"},{"v":5122.43,"d":"5,122.43"}]
[10015700,"PATA DE CABRA",null,"2025-02-04","2025-02-04","UN",3,"1,B86.82",{"v":5660.46,"d":"5,660.46"}]
[10015700,"PATA DE CABRA",null,"2025-01-30","2025-01-30","UN",2,704.46,{"v":1408.92,"d":"1,408.92"}]
[10015700,"PATA DE CABRA",null,"2025-01-30","2025-01-30","UN",2,704.46,{"v":1408.92,"d":"1,408.92"}]
[10015712,"EXTENSION ELECTRICA",null,"2025-03-03","2025-02-28",null,3,{"v":0,"d":"0.00"},{"v":0,"d":"0.00"}]
[10015741,"PLAFOND",null,"2025-01-23","2025-01-23","UN",100,297.25,{"v":29725.38,"d":"29,725.38"}]
[10015763,"ASIENTO P                O",null,"2025-01-22","2025-01-22","UN",50,651.69,{"v":32584.52,"d":"32,584.52"}]
[10015870,"PILA AL           {\\@I@",null,"2025-02-13","2025-02-13","UN",40,{"v":472,"d":"472.00"},"1B,880.00"]
[10015882,"SOGA",null,"13/2/2O25","2025-02-13","uN","3ZB","147.NO",{"v":46380,"d":"46,380.00"}]
[10015882,"SOG",null,"2025-02-13","2025-02-13","UN",1,{"v":35400,"d":"35,400.00"},{"v":35400,"d":"35,400.00"}]
[10015931,null,null,"2025-03-21","2025-03-21","UN",40,{"v":295,"d":"295.00"},{"v":11800,"d":"11,800.00"}]
["10015935\n10015935","R\nOK S 70ii",null,"18/3/2025\n18/3/2025","18/3/2025\n18/3/2025","UN\nUN","4\n6","9,912.00\n9,912.00","39,648.00\n59,472.00"]
[10016026,"A HG","M","2025-01-30","2025-01-30","UN",2,{"v":2361.18,"d":"2,361.18"},{"v":4722.36,"d":"4,722.36"}]
[10016026,null,null,"2025-01-30","2025-01-30","UN",2,{"v":2361.18,"d":"2,361.18"},{"v":4722.36,"d":"4,722.36"}]
[10016027,null,null,"2025-01-30","30I!/2025","UN",5,{"v":1669.7,"d":"1,669.70"},{"v":8348.5,"d":"8,348.50"}]
[10016027,"URID","28\"","2025-01-30","2025-01-30","UN",5,{"v":1669.7,"d":"1,669.70"},{"v":8348.5,"d":"8,348.50"}]
[10016132,"U BARRA",null,"2025-03-17","2025-03-17",null,12,73.18,878.19]
[10016243,null,null,"2025-03-03","2025-02-28",null,8,{"v":0,"d":"0.00"},{"v":0,"d":"0.00"}]
[10016248,null,null,"2025-01-27","2025-01-27","UN",1,{"v":1770,"d":"1,770.00"},{"v":1770,"d":"1,770.00"}]
[10016248,"TETE",null,"2025-01-22","2025-01-22","UN",1,{"v":1770,"d":"1,770.00"},{"v":1770,"d":"1,770.00"}]
[10016303,"AZUCARERA",null,"2025-01-27","2025-01-27","UN",4,{"v":236,"d":"236.00"},{"v":944,"d":"944.00"}]
[10016303,"AZUCAR ERA",null,"2025-01-27","2025-01-27","UN",2,{"v":236,"d":"236.00"},{"v":472,"d":"472.00"}]
[10016303,"AZUCAR ERA",null,"2025-01-27","2025-01-27","UN",2,{"v":236,"d":"236.00"},{"v":472,"d":"472.00"}]
[10016303,"AZUCAR ERA",null,"2025-01-22","2025-01-22","UN",2,{"v":236,"d":"236.00"},{"v":472,"d":"472.00"}]
[10016303,"AZUCAR ERA",null,"2025-01-22","2025-01-22","UN",4,{"v":236,"d":"236.00"},{"v":944,"d":"944.00"}]
[10016303,"AZUCAR ERA",null,"2025-01-22","2025-01-22","UN",2,{"v":236,"d":"236.00"},{"v":472,"d":"472.00"}]
[10016307,"TALONARIO  COMBU STIBLE",null,"2025-03-19","2025-03-19","UN",80,400.01,{"v":32000.66,"d":"32,000.66"}]
[10016315,"ABRAZADERA  UNITRUT 3/4",null,"2025-03-03","2025-02-28",null,5,{"v":0,"d":"0.00"},{"v":0,"d":"0.00"}]
[10016361,"NIPLE ACERO INOXI 3/4\"",null,"2025-03-03","2025-02-28",null,34,{"v":0,"d":"0.00"},{"v":0,"d":"0.00"}]
[10016364,"AR ENQ UE",null,"2025-01-30","2025-01-30","CJ",60,{"v":3368.9,"d":"3,368.90"},{"v":202134,"d":"202,134.00"}]
[10016370,"HABICHUELA JIRA",null,"2025-01-30","2025-01-30","LB",{"v":1500,"d":"1,500"},51.84,{"v":77760,"d":"77,760.00"}]
[10016376,"SALDINAS",null,"30/1/Z025","2025-01-30","CJ",69,{"v":1875.45,"d":"1,875.45"},{"v":129406.05,"d":"129,406.05"}]
[10016463,"ACEITE CRISOL LIGERO",null,"2025-01-30","2025-01-30","CJ",33,{"v":2250.34,"d":"2,250.34"},{"v":74261.29,"d":"74,261.29"}]
[10016464,"CALDO DE POLLO",null,"2025-01-30","2025-01-30","CJ",6,{"v":8760.03,"d":"8,760.03"},{"v":52560.15,"d":"52,560.15"}]
["100164ü5","CHOCOLATE  EMBAJAD OR",null,"39/1/2025","2025-01-30","GJ","1õ",{"v":74.1,"d":"74.10"},{"v":103112.4,"d":"103,112.40"}]
[10016466,"GUANDULES ENLATADO",null,"2025-01-30","2025-01-30","CJ",60,{"v":1997.53,"d":"1,997.53"},{"v":119851.66,"d":"119,851.66"}]
[10016469,"BARRA PARA EXCAVAR HEXAGONAL 1.55M",null,"2025-01-30","2025-01-30","UN",3,{"v":1755.84,"d":"1,755.84"},{"v":5267.52,"d":"5,267.52"}]
[10016469,"BARRA PARA EXCAVAR HEXAGONAL 1.55M",null,"2025-01-30","2025-01-30","UN",3,{"v":1755.84,"d":"1,755.84"},{"v":5267.52,"d":"5,267.52"}]
[10016471,"SAZON LIQUIDO RANCHE RO",null,"2025-01-30","2025-01-30","CJ",18,{"v":1581.98,"d":"1,581.98"},{"v":28475.62,"d":"28,475.62"}]
[10016475,"SAL PRIMIUM",null,"2025-01-30","2025-01-30","CJ",9,804.05,{"v":7236.47,"d":"7,236.47"}]
[10016476,"SALSA LA FAMOSA",null,"2025-01-30","2025-01-30","CJ",9,{"v":3872.05,"d":"3,872.05"},{"v":34848.47,"d":"34,848.47"}]
[10016477,"VINAGRE",null,"2025-01-30","2025-01-30","CJ",18,639.56,{"v":11512.08,"d":"11,512.08"}]

{"sheet":"Table 5","index":4,"n_rows":91,"n_cols":10,"rows_kept":91}
[10016503,"MEMORIA USB 32 GB 3.0",null,"2025-03-24",null,"2025-03-24",null,2,288.01,576.01]
[10016551,"VALVULA HIDRAULICA 80X62MM",null,"2025-03-03",null,"2025-02-28",null,1,{"v":0,"d":"0.00"},{"v":0,"d":"0.00"}]
[10016585,"LOCTITE SELLAD OR DE UN|ONES",null,"2025-03-03",null,"2025-02-28",null,1,{"v":0,"d":"0.00"},{"v":0,"d":"0.00"}]
[10016644,"NIPLE ACERO INOXI 1/4 X 3\"",null,"2025-03-03",null,"2025-02-28",null,15,0.01,0.15]
[10016667,"BATERIA",null,"2025-02-20",null,"2025-02-20","UN",2,{"v":5582.36,"d":"5,582.36"},{"v":11164.71,"d":"11,164.71"}]
[10016670,"BOTAS",null,"2025-01-30",null,"2025-01-30","UN",15,533.36,{"v":8000.4,"d":"8,000.40"}]
[10016670,"BOTAS",null,"2025-01-30",null,"2025-01-30","UN",15,533.36,{"v":8000.4,"d":"8,000.40"}]
[10016670,"BOTAS",null,"2025-01-30",null,"2025-01-30","UN",5,533.36,{"v":2666.8,"d":"2,666.80"}]
[10016670,"BOTAS",null,"2025-01-30",null,"2025-01-30","UN",13,533.36,{"v":6933.68,"d":"6,933.68"}]
[10016670,"BOTAS",null,"2025-01-30",null,"2025-01-30","UN",12,533.36,{"v":6400.32,"d":"6,400.32"}]
[10016670,"BOTAS",null,"2025-01-30",null,"2025-01-30","UN",3,533.36,{"v":1600.08,"d":"1,600.08"}]
[10016670,"BOTAS",null,"2025-01-30",null,"2025-01-30","u N",13,533.36,{"v":6933.68,"d":"6,933.68"}]
[10016670,"BOTAS",null,"2025-01-30",null,"2025-01-30","UN",12,533.36,{"v":6400.32,"d":"6,400.32"}]
[10016670,"BOTAS",null,"2025-01-30",null,"2025-01-30","UN",15,533.36,{"v":8000.4,"d":"8,000.40"}]
[10016670,"BOTAS",null,"2025-01-30",null,"2025-01-30","UN",2,533.36,{"v":1066.72,"d":"1,066.72"}]
[10016670,"BOTAS",null,"2025-01-30",null,"2025-01-30","UN",3,533.36,{"v":1600.08,"d":"1,600.08"}]
[10016670,"BOTAS",null,"2025-01-30",null,"2025-01-30","UN",2,533.36,{"v":1066.72,"d":"1,066.72"}]
[10016678,"CONECTOR P/ CABLE DOBLE DE OJO 31X49MM",null,"2025-03-03",null,"2025-02-28",null,26,0.01,0.26]
[10016685,"LINTERNA",null,"2025-02-04",null,"2025-02-04","UN",15,{"v":4897,"d":"4,897.00"},{"v":73455,"d":"73,455.00"}]
[10016685,"LINTERNA",null,"2025-02-13",null,"2025-02-13","UN",5,{"v":2832,"d":"2,832.00"},{"v":14160,"d":"14,160.00"}]
[10016685,"LINTERNA",null,"2025-02-13",null,"2025-02-13","UN",5,{"v":2832,"d":"2,832.00"},{"v":14160,"d":"14,160.00"}]
[10016716,"BARRENAS",null,"2025-01-22",null,"2025-01-22","UN",1,379.04,379.04]
[10016738,"CANDADOS 133X250X40MM",null,"2025-03-03",null,"2025-02-28",null,1,{"v":0,"d":"0.00"},{"v":0,"d":"0.00"}]
[10016778,"ANTIDESLIZANTE P/ESCALERA",null,"2025-03-03",null,"2025-02-28",null,2,{"v":0,"d":"0.00"},{"v":0,"d":"0.00"}]
[10016811,"JUEGO DE CUBERTERIA",null,"2025-01-27",null,"2025-01-27","UN",1,{"v":5900,"d":"5,900.00"},{"v":5900,"d":"5,900.00"}]
[10016811,"JUEGO DE CUBERTERIA",null,"2025-01-22",null,"2025-01-22","UN",1,{"v":5900,"d":"5,900.00"},{"v":5900,"d":"5,900.00"}]
[10016812,"VAJILLAS",null,"2025-01-27",null,"2025-01-27","UN",1,{"v":1947,"d":"1,947.00"},{"v":1947,"d":"1,947.00"}]
[10016812,"VAJILLAS",null,"2025-01-27",null,"2025-01-27","UN",1,{"v":5310,"d":"5,310.00"},{"v":5310,"d":"5,310.00"}]
[10016812,"VAJILLAS",null,"22/1/202Ti",null,"2025-01-22","UN",1,{"v":5310,"d":"5,310.00"},{"v":5310,"d":"5,310.00"}]
[10016812,"VAJILLAS",null,"2025-01-22",null,"2025-01-22","UN",1,{"v":1947,"d":"1,947.00"},{"v":1947,"d":"1,947.00"}]
[10016871,"ZINC",null,"2025-03-28",null,"2025-03-28","UN",250,{"v":926.3,"d":"926.30"},{"v":231575,"d":"231,575.00"}]
[10016871,"ZINC",null,"2025-03-25",null,"2025-03-25","UN",250,{"v":926.3,"d":"926.30"},{"v":231575,"d":"231,575.00"}]
[10016871,"ZINC",null,"2025-03-28",null,"2025-03-25",null,250,{"v":926.3,"d":"926.30"},{"v":231575,"d":"231,575.00"}]
[10016881,"BOTONERA SCHNEIDER LD1D25M7",null,"2025-03-03",null,"2025-02-28",null,1,0.01,0.01]
[10016970,"MASETA DE 6 LB",null,"2025-03-03",null,"2025-02-28",null,2,{"v":0,"d":"0.00"},{"v":0,"d":"0.00"}]
[10017237,"RASTRILLO DE METAL 1FT",null,"2025-02-04",null,"2025-02-04","UN",10,{"v":413,"d":"413.00"},{"v":4130,"d":"4,130.00"}]
[10017256,"CABLE DE AMIANTO AWG-8",null,"2025-03-03",null,"2025-02-28",null,187,{"v":0,"d":"0.00"},{"v":0,"d":"0.00"}]
[10017317,"CLORO",null,"2025-03-31",null,"2025-03-31","GAL",600,60.18,{"v":36108,"d":"36,108.00"}]
[10017317,"CLORO",null,"2025-03-31",null,"2025-03-31",null,60,60.29,{"v":3617.64,"d":"3,617.64"}]
[10017317,"CLORO",null,"2025-03-20",null,"2025-03-20",null,2,62.67,125.34]
[10017317,"CLORO",null,"2025-03-20",null,"2025-03-20",null,1,62.67,62.67]
[10017317,"CLORO",null,"2025-03-17",null,"2025-03-17",null,12,62.65,751.85]
[10017317,"CLORO",null,"2025-03-13",null,"2025-03-13",null,18,62.65,{"v":1127.77,"d":"1,127.77"}]
[10017317,"CLORO",null,"2025-03-06",null,"2025-03-06",null,24,62.65,{"v":1503.69,"d":"1,503.69"}]
[10017317,"CLORO",null,"2025-03-19",null,"2025-03-03",null,3,62.74,188.23]
[10017317,"CLORO",null,"2025-02-06",null,"2025-02-06",null,3,62.74,188.23]
[10017317,"CLORO",null,"2025-02-06",null,"2025-02-06",null,2,62.75,125.49]
[10017317,"CLORO",null,"2025-02-04",null,"2025-02-04",null,60,62.65,{"v":3759.23,"d":"3,759.23"}]
[10017317,"CLORO",null,"2025-01-14",null,"2025-01-14",null,36,62.65,{"v":2255.54,"d":"2,255.54"}]
[10017331,"CODO DE ACERO INOXIDABLE 3/8 A 45\"",null,"2025-03-03",null,"2025-02-28",null,4,{"v":0,"d":"0.00"},{"v":0,"d":"0.00"}]
[10017343,"PLATO",null,"2025-01-27",null,"2025-01-27","UN",5,{"v":944,"d":"944.00"},{"v":4720,"d":"4,720.00"}]
[10017343,"PLATO",null,"2025-01-22",null,"2025-01-22","UN",5,{"v":944,"d":"944.00"},"4,Y20.00"]
[10017345,"MANTELES",null,"2025-01-27",null,"2025-01-27","UN",5,{"v":2478,"d":"2,478.00"},{"v":12390,"d":"12,390.00"}]
[10017345,"MANTELES",null,"2025-01-27",null,"2025-01-27","UN",2,{"v":2478,"d":"2,478.00"},{"v":4956,"d":"4,956.00"}]
[10017345,"MANTELES",null,"2025-01-22",null,"2025-01-22","UN",5,{"v":2478,"d":"2,478.00"},{"v":12390,"d":"12,390.00"}]
[10017345,"MANTELES",null,"2025-01-22",null,"2025-01-22","UN",2,{"v":2478,"d":"2,478.00"},{"v":4956,"d":"4,956.00"}]
["1OO17353","CABLES",null,"2025-02-06",null,"2025-02-06","TF","SOO",{"v":217.5,"d":"217.50"},"1O8,748.80"]
[10017353,"CABLES",null,"2025-02-06",null,"2025-02-06","TF",500,{"v":101.5,"d":"101.50"},{"v":50751.8,"d":"50,751.80"}]
[10017353,"CABLES",null,"2025-02-06",null,"2025-02-06","TF",500,{"v":12.2,"d":"12.20"},{"v":6100.6,"d":"6,100.60"}]
[10017373,"VARA TELESCOPICA  PARA PINTAR CON ROLO",null,"2025-01-03",null,"2025-01-03","UN",30,401.67,{"v":12050.16,"d":"12,050.16"}]
[10017429,"SERPENTÍN ALSTON 1290X1290X0.51DM",null,"2025-03-03",null,"2025-02-28",null,1,{"v":0,"d":"0.00"},{"v":0,"d":"0.00"}]
[10017700,"SOLDADURA",null,"2025-03-28",null,"2025-03-28","UN",150,{"v":147.5,"d":"147.50"},{"v":22125,"d":"22,125.00"}]
[10017700,"SOLDADURA",null,"2025-03-25",null,"2025-03-25","UN",150,{"v":147.5,"d":"147.50"},"22,12?i.00"]
[10017700,"SOLDADURA",{"$nulls":3},"2025-03-25",null,150,{"v":147.5,"d":"147.50"},{"v":22125,"d":"22,125.00"}]
[10017761,"CHALE CO REFLETOR",{"$nulls":3},"2025-02-05",null,5,"261,96",{"v":1309.8,"d":"1,309.80"}]
[10017761,"CHALE CO REFLETO",{"$nulls":3},"2025-02-04","UN",60,261.96,{"v":15717.6,"d":"15,717.60"}]
[10017787,"FILTRO DE AIRE P/TURA",null,"3/3/",null,"2025-02-28",null,2,{"v":0,"d":"0.00"},{"v":0,"d":"0.00"}]
[10017793,"CATALINA 14T-RX/AX 1A",null,"/20",null,"2025-02-28",null,1,{"v":0,"d":"0.00"},{"v":0,"d":"0.00"}]
[10017943,"ARNES DE SEGURI   W",null,"/     02",null,"2025-02-28",null,16,{"v":0,"d":"0.00"},{"v":0,"d":"0.00"}]
[10017943,"ARNES DE SEGURI",null,"13/2 202",null,"2025-02-13","UN",5,{"v":6490,"d":"6,490.00"},{"v":32450,"d":"32,450.00"}]
[10017943,"ARNES DE SEGURI           ,  ,","/’","13/   202",null,"2025-02-13","UN",4,{"v":6490,"d":"6,490.00"},{"v":25960,"d":"25,960.00"}]
[10018091,"CHUMAC ERA P/ESTRACTO",null,"3/  /202","@","2025-02-28",null,4,0.01,0.04]
[10018112,"SPRAY GALVANIZAD 0                6",null,"/3/20  5",null,"2025-02-28",null,118,{"v":0,"d":"0.00"},{"v":0,"d":"0.00"}]
[10018405,"LINEA DE VIDA PARA ARNES DE             IDAD","”","3/3/",null,"2025-02-28",null,16,{"v":0,"d":"0.00"},{"v":0,"d":"0.00"}]
[10018688,"PILAS",{"$nulls":3},"2025-02-13","GJ",8,103.84,830.72]
[10018730,"JUEGO DE JUMPER P/BATER",null,5,null,"2025-02-28",null,54,0.01,0.54]
[10018849,"ACOPLE RAPIDO 3/4\"",null,"/2025",null,"2025-02-28",null,2,{"v":0,"d":"0.00"},{"v":0,"d":"0.00"}]
[10018921,"ACOPLE MECANICO LUBRICACION FORZADA",null,"2025-03-03",null,"2025-02-28",null,1,{"v":0,"d":"0.00"},{"v":0,"d":"0.00"}]
[10018987,"PAPEL BOND 8 /  X 11",null,"2025-03-24",null,"2025-03-24",null,{"v":0.5,"d":"0.500"},"1,B80.00",{"v":940,"d":"940.00"}]
[10018987,"PAPEL BOND 8 Ü  X 11",null,"2025-03-17",null,"2025-03-17",null,4,{"v":1880,"d":"1,880.00"},{"v":7520.01,"d":"7,520.01"}]
[10018987,"PAPEL BOND 8 '/  X 11",null,"2025-02-25",null,"2025-02-25",null,1,{"v":1878.79,"d":"1,878.79"},{"v":1878.79,"d":"1,878.79"}]
[10018987,"PAPEL BOND 6 'Ú X 11",null,"2025-02-06",null,"2025-02-06",null,{"v":0.5,"d":"0.500"},{"v":1892.74,"d":"1,892.74"},946.37]
[10018987,"PAPEL BOND 8 Ü X 11",null,"2025-02-06",null,"2025-02-06",null,3,{"v":1892.75,"d":"1,892.75"},{"v":5678.24,"d":"5,678.24"}]
[10019002,"POST-IT 3 X 3",null,"2025-03-31",null,"2025-03-25",null,0.033,118.03,98.32]
[10019002,"POST-IT 3 X 3",null,"2025-03-17",null,"2025-03-17",null,0.833,118.03,98.32]
[10019004,"POST IT BANDERITAS AUTO ADHESIVAS  25M",null,"2025-03-31",null,"2025-03-25",null,{"v":0.5,"d":"0.500"},48.38,24.19]
[10019007,"LAPIZ DE CARBON",null,"2025-02-25",null,"2025-02-25",null,1,44.75,44.75]
[10019008,"LAPICERO AZUL",null,"2025-03-31",null,"2025-03-25",null,3,53.02,159.05]
[10019008,"LAPICERO AZUL",null,"2025-03-24",null,"2025-03-24",null,{"v":0.25,"d":"0.250"},{"v":53,"d":"53.00"},13.25]
[10019008,"LAPICERO AZUL",null,"2025-03-17",null,"2025-03-17",null,1.667,53.02,88.38]
[10019009,"FELPA AZUL",null,"2025-03-17",null,"2025-03-17",null,0.417,305.92,127.57]

{"sheet":"Table 6","index":5,"n_rows":91,"n_cols":8,"rows_kept":91}
["10019016","FOLDER DE COLORES 8 /  X 11","2025-03-26","2025-03-25",null,10,748.36,{"v":7483.62,"d":"7,483.62"}]
["ú 0019016","FOLDER DE COLORES 8 '/x X 11","2025-02-04","2025-02-04",null,20,748.36,{"v":14967.24,"d":"14,967.24"}]
["10019016","FOLDER DE COLORES 8 /  X 11","2025-01-14","2025-01-14",null,10,748.36,{"v":7483.62,"d":"7,483.62"}]
["10019019","CLIPS PEQUEÑOS","2025-02-06","2025-02-06",null,2,{"v":12.9,"d":"12.90"},25.79]
["10019019","CLIPS PEQUEŃOS","2025-02-04","2025-02-04",null,50,{"v":12.9,"d":"12.90"},644.82]
["10019020","CLIPS GRANDES","2025-03-17","2025-03-17",null,10,38.33,383.32]
["10019020","CLIPS GRANDES","2025-02-04","2025-02-04",null,50,33.43,{"v":1671.39,"d":"1,671.39"}]
["10019022","CLIP BILLETERO  GRANDE DE 51 MM","2025-03-31","2025-03-25",null,5,152.57,762.84]
["10019053","GUANTES NEGROS","2025-02-04","2025-02-04",null,10,{"v":295,"d":"295.00"},{"v":2950,"d":"2,950.00"}]
["10019053","GUANTES NEGROS","2025-02-04","2025-02-04",null,30,{"v":295,"d":"295.00"},{"v":8850,"d":"8,850.00"}]
["10019053","GUANTES NEGROS","2025-01-30","2025-01-30",null,10,"22B.92",{"v":2289.2,"d":"2,289.20"}]
["10019053","GUANTES NEGROS","2025-01-30","2025-01-30",null,10,228.92,{"v":2289.2,"d":"2,289.20"}]
["10019053","GUANTES NEGROS","2025-01-30","2025-01-30",null,10,228.92,{"v":2289.2,"d":"2,289.20"}]
["10019055","PALITA PLASTICA/RECOGEDOR DE BASURA","2025-02-04","2025-02-04",null,31,101.23,{"v":3138.28,"d":"3,138.28"}]
["100191 05","DISCO DE CORTE 14X332 X1","2025-03-03","2025-02-28",null,2,{"v":0,"d":"0.00"},{"v":0,"d":"0.00"}]
["10019269","AVENA ENTERA 2 LIB","2025-01-30","2025-01-30","FAR",15,{"v":1777.2,"d":"1,777.20"},{"v":26658,"d":"26,658.00"}]
["10019270","ESPAGUETIS","2025-01-30","2025-01-30","FAR",69,{"v":696,"d":"696.00"},{"v":48024,"d":"48,024.00"}]
["10019282","CINTA ADHESIVA ANCHAS DE 2 PULG.","2025-02-04","2025-02-04",null,50,71.81,{"v":3590.55,"d":"3,590.55"}]
["10019361","PAPEL DE BAÑO JUMBO 2PLY (48/1)","2025-03-19","2025-03-19",null,3,781.94,{"v":2345.81,"d":"2,345.81"}]
["10019361","PAPEL DE BAÑO JUMBO 2PLY (48/1)","2025-03-20","2025-03-20",null,1,781.94,781.94]
["10019361","PAPEL DE BAÑO JUMBO 2PLY  (48/1)","2025-03-20","2025-03-20",null,2,781.94,{"v":1563.88,"d":"1,563.88"}]
["10019361","PAPEL DE BAÑO JUMBO 2PLY (46/1)","2025-03-17","2025-03-17",null,10,781.94,{"v":7819.39,"d":"7,819.39"}]
["10019361","PAPEL DE BAŃO JUMBO 2PLY (48/1)","2025-03-13","2025-03-13",null,10,781.94,{"v":7819.39,"d":"7,819.39"}]
["10019361","PAPEL DE BAŃO JUMBO 2PLY (48/1)","2025-03-06","2025-03-06",null,15,781.94,{"v":11729.08,"d":"11,729.08"}]
["10019361","PAPEL DE BAŃO JUMBO 2PLY (48/1)","2025-03-19","2025-03-04",null,0.042,{"v":781.9,"d":"781.90"},32.84]
["10019361","PAPEL DE BAÑO JUMBO 2PLY (48/1)","2025-03-19","2025-03-03",null,2,781.94,{"v":1563.88,"d":"1,563.88"}]
["10019361","PAPEL DE BAŃO JUMBO 2PLY (48/1)","2025-02-06","6/2/202?î",null,1,781.94,781.94]
["10019361","PAPEL DE BAÑO JUMBO 2PLY (48/1)","2025-02-06","6/2/202čî",null,2,781.94,{"v":1563.88,"d":"1,563.88"}]
["10019361","PAPEL DE BAŃO JUMBO 2PLY (48/1)","2025-02-04","2025-02-04",null,30,781.94,{"v":23458.16,"d":"23,458.16"}]
["10019361","PAPEL DE BAÑO JUMBO 2PLY (48/1)","2025-01-14","2025-01-14",null,25,781.94,{"v":19548.47,"d":"19,548.47"}]
["10019363","SERVILLETA DE MESA 10/1","2025-03-20","2025-03-20",null,{"v":0.3,"d":"0.300"},{"v":1086.2,"d":"1,086.20"},325.86]
["10019363","SERVILLETA DE MESA 10/1","2025-02-06","2025-02-06",null,{"v":0.3,"d":"0.300"},{"v":1086.2,"d":"1,086.20"},325.86]
["10019363","SERVILLETA DE MESA 10/1","2025-02-04","2025-02-04",null,30,{"v":1086.22,"d":"1,086.22"},{"v":32586.57,"d":"32,586.57"}]
["10019376","GUANTES DE OBRERO","2025-02-13","2025-02-13",null,15,199.42,{"v":2991.3,"d":"2,991.30"}]
["10019376","GUANTES DE OBRERO","2025-02-13","2025-02-13",null,10,199.42,{"v":1994.2,"d":"1,994.20"}]
["10019376","GUANTES DE OBRERO","2025-02-13","2025-02-13",null,10,199.42,{"v":1994.2,"d":"1,994.20"}]
["10019376","GUANTES DE OBRERO","2025-02-13","2025-02-13",null,25,199.42,{"v":4985.5,"d":"4,985.50"}]
["10019389","TINTAS PARA SELLO AZUL","2025-03-17","2025-03-17",null,0.167,709.52,118.49]
["10019391","CAFE MOLIDO 20/1","2025-03-07","2025-03-07","FAR",100,{"v":5042,"d":"5,042.00"},{"v":504199.8,"d":"504,199.80"}]
["10019391","CAFE MOLIDO 20/1","2025-03-03","2025-03-03","FAR",100,{"v":5042,"d":"5,042.00"},{"v":504199.8,"d":"504,199.80"}]
["10019391","CAFE MOLIDO 20/1","2025-03-04","2025-03-04",null,50,{"v":5042,"d":"5,042.00"},{"v":252099.9,"d":"252,099.90"}]
["10019391","CAFE MOLIDO 20/1","2025-03-20","2025-03-20",null,{"v":0.1,"d":"0.100"},{"v":5036.3,"d":"5,036.30"},503.63]
["10019391","CAFE MOLIDO 20/1","2025-03-20","2025-03-20",null,{"v":0.3,"d":"0.300"},{"v":5036.27,"d":"5,036.27"},{"v":1510.88,"d":"1,510.88"}]
["10019391","CAFE MOLIDO 20/1","2025-03-03","2025-03-03",null,50,{"v":5042,"d":"5,042.00"},{"v":252099.9,"d":"252,099.90"}]
["10019398","LANILLA DE 20 YARDAS","2025-03-26","2025-03-25",null,10,{"v":1857.37,"d":"1,857.37"},{"v":18573.65,"d":"18,573.65"}]
["10019398","LANILLA DE 20 YARDAS","2025-02-11","2025-02-11",null,10,{"v":1857.37,"d":"1,857.37"},{"v":18573.65,"d":"18,573.65"}]
["10019399","FUNDAS DE 55 GALONES NEGRA","2025-03-31","2025-03-31","FAR",200,451.17,{"v":90234.6,"d":"90,234.60"}]
["10019399","FUNDAS DE 55 GALONES NEGRA","2025-03-17","2025-03-17",null,20,577.61,{"v":11552.17,"d":"11,552.17"}]
["10019399","FUNDAS DE 55 GALONES NEGRA","2025-03-13","2025-03-13",null,10,577.61,{"v":5776.08,"d":"5,776.08"}]
["10019399","FUNDAS DE 55 GALONES NEGRA","2025-03-06","2025-03-06",null,10,577.61,{"v":5776.08,"d":"5,776.08"}]
["10019399","FUNDAS DE 55 GALONES NEGRA","2025-03-19","2025-03-04",null,2,578.15,{"v":1156.29,"d":"1,156.29"}]
["10019399","FUNDAS DE 55 GALONES NEGRA","2025-02-04","2025-02-04",null,29,577.61,{"v":16750.64,"d":"16,750.64"}]
["10019399","FUNDAS DE 55 GALONES NEGRA","2025-01-14","2025-01-14",null,25,577.61,{"v":14440.21,"d":"14,440.21"}]
["1001g400","FUNDAS DE 30 GALONES NEGRA","2025-03-26","2025-03-25",null,20,268.54,{"v":5370.75,"d":"5,370.75"}]
["10019400","FUNDAS DE 30 GALONES NEGRA","2025-03-17","2025-03-17",null,15,268.54,{"v":4028.07,"d":"4,028.07"}]
["10019400","FUNDAS DE 30 GALONES NEGRA","2025-02-04","2025-02-04",null,30,268.54,{"v":8056.13,"d":"8,056.13"}]
["10019400","FUNDAS DE 30 GALONE S NEGRA","2025-01-13","2025-01-13",null,80,268.54,"21,403.OZ"]
["10019485","FUNDAS DE 3 GALONES","2025-03-06","2025-03-06",null,10,"g8.79",{"v":987.9,"d":"987.90"}]
["10019485","FUNDAS DE 3 GALONES","2025-01-13","2025-01-13",null,90,98.79,{"v":8891.09,"d":"8,891.09"}]
["10019486","BRILLO GORDO (ALAMBR E)","2025-03-27","2025-03-27",null,168,28.32,{"v":4757.76,"d":"4,757.76"}]
["10019486","BRILLO GORDO (ALAMBR E)","2025-02-04","2025-02-04",null,108,28.32,{"v":3058.56,"d":"3,058.56"}]
["10019552","HARINA DE MAIZ","2025-01-30","2025-01-30","FAR",30,{"v":1161.6,"d":"1,161.60"},{"v":34848,"d":"34,848.00"}]
["10019752","PLANTILLA  DE AGUJERO  P/RODETE","2025-03-03","2025-02-28",null,3,{"v":0,"d":"0.00"},{"v":0,"d":"0.00"}]
["10019867","TAPONES DE OIDOS DESECHABLES","2025-03-03","2025-02-28",null,116,{"v":0,"d":"0.00"},{"v":0,"d":"0.00"}]
["10020129","FILTRO DE AIRE 17801-56010","2025-03-03","2025-02-28",null,3,{"v":0,"d":"0.00"},{"v":0,"d":"0.00"}]
["10020280","ABRAZADE RA 2 1/2 X 3\"","2025-03-03","2025-02-28",null,16,0.01,0.16]
["10020383","VASOS #5","2025-03-26","2025-03-25",null,5,{"v":3357.02,"d":"3,357.02"},{"v":16785.1,"d":"16,785.10"}]
["10020383","VASOS #5","2025-03-17","2025-03-17",null,3,{"v":3357.02,"d":"3,357.02"},{"v":10071.06,"d":"10,071.06"}]
["10020383","VASOS #5","2025-02-04","2025-02-04",null,10,{"v":3357.02,"d":"3,357.02"},{"v":33570.19,"d":"33,570.19"}]
["10020466","Convertidor AC/DC","2025-03-03","2025-02-28",null,1,{"v":0,"d":"0.00"},{"v":0,"d":"0.00"}]
["10020528","SALCH ICHA JAJAJA","2025-01-30","2025-01-30","CA",60,{"v":1616.4,"d":"1,616.40"},{"v":96984,"d":"96,984.00"}]
["10020529","LECHE EN POLVO 360 GRAMO 24/1","2025-01-30","2025-01-30","CA",24,{"v":5217,"d":"5,217.00"},{"v":125208,"d":"125,208.00"}]
["10020661","TUBOS GAILVANIZADO  2\" X19","2025-03-03","2025-02-28",null,122,{"v":0,"d":"0.00"},{"v":0,"d":"0.00"}]
["10020689","PAPEL DE BAÑO INSTITUCIONAL  12/1","2025-03-31","2025-03-31","FAR",350,{"v":637.2,"d":"637.20"},{"v":223020,"d":"223,020.00"}]
["10020689","PAPEL DE BAŃO INSTITUCIONAL  12/1","2025-04-01","2025-03-03",null,85,{"v":751.3,"d":"751.30"},{"v":63860.27,"d":"63,860.27"}]
["10020689","PAPEL DE BAÑO INSTITUCIONAL  12/1","2025-03-31","2025-03-31",null,50,{"v":751.3,"d":"751.30"},{"v":37564.87,"d":"37,564.87"}]
["10021000","PERFIL GALVANIZED 0","2025-03-28","2025-03-28","UN",100,{"v":2714,"d":"2,714.00"},{"v":271400,"d":"271,400.00"}]
["10021000","PERFIL GALVANIZADO","2025-03-28","2025-03-28","UN",200,{"v":1121,"d":"1,121.00"},{"v":224200,"d":"224,200.00"}]
["10021000","PERFIL GALVANIZADO","2025-03-25","2025-03-25","UN",100,{"v":2714,"d":"2,714.00"},{"v":271400,"d":"271,400.00"}]
["10021000","PERFIL GALVANIZADO","2025-03-25","2025-03-25","UN",200,{"v":1121,"d":"1,121.00"},{"v":224200,"d":"224,200.00"}]
["10021000","PERFIL GALVANIZADO","2025-03-28","2025-03-25",null,300,{"v":1652,"d":"1,652.00"},{"v":495600,"d":"495,600.00"}]
["10021050","Soporte para aislador line post","2025-03-03","2025-02-28",null,15,{"v":0,"d":"0.00"},{"v":0,"d":"0.00"}]
["10021159","Filtro Fuel filter 16405 02N010","2025-03-03","2025-02-28",null,2,{"v":0,"d":"0.00"},{"v":0,"d":"0.00"}]
["10021195","BOTAS  SEGURIDA D (MUJER)  NO.42","2025-02-17","2025-02-17","UN",72,{"v":2916.42,"d":"2,916.42"},{"v":209902.04,"d":"209,902.04"}]
["10021432","TEE HIERRO NEGRO 2","2025-03-03","2025-02-28",null,4,0.01,0.04]
["10021604","JUNTA DRESER 4\"","2025-03-03","2025-02-28",null,2,{"v":0,"d":"0.00"},{"v":0,"d":"0.00"}]
["10021678","PALA CUADRADA AMERICANA","2025-02-04","2025-02-04","UN",10,{"v":637.2,"d":"637.20"},{"v":6372,"d":"6,372.00"}]
["10021681","MASETA 16 LIBRAS","2025-03-03","2025-02-28",null,2,{"v":0,"d":"0.00"},{"v":0,"d":"0.00"}]
["10021732","FUSIBLE  TIPO BOTELLA 2 AMP- SOOV","2025-03-03","2025-02-28",null,67,0.01,0.67]
["10021893","LINTERNA PARA CASCO","2025-02-13","2025-02-13","UN",20,{"v":1770,"d":"1,770.00"},{"v":35400,"d":"35,400.00"}]
["10021902","MEDIDOR DIGITAL ABB REF. 1MLK000028-AA","2025-03-03","2025-02-28",null,2,{"v":0,"d":"0.00"},{"v":0,"d":"0.00"}]

{"sheet":"Table 7","index":6,"n_rows":91,"n_cols":9,"rows_kept":91}
[10021921,"CONTACTADOR REF LC1-D123M","2025-03-03",null,"2025-02-28",null,"2",0.01,0.02]
[10021944,"RELE P/ SOBREFRECUENCIA F546","2025-03-03",null,"2025-02-28",null,"1",0.01,0.01]
[10022000,"LINTERNA RECARGABLE  LED","2025-02-04",null,"2025-02-04","UN","40",{"v":1539.9,"d":"1,539.90"},{"v":61596,"d":"61,596.00"}]
[10022000,"LINTERNA RECARGABLE LED","2025-02-13",null,"2025-02-13","UN","50",{"v":2950,"d":"2,950.00"},{"v":147500,"d":"147,500.00"}]
[10022034,"CODO SOLDABLE DE 4\"","2025-03-03",null,"2025-02-28",null,"1",{"v":0,"d":"0.00"},{"v":0,"d":"0.00"}]
[10022315,"TORNILLO 1/2 X 2-1/2","2025-03-03",null,"2025-02-28",null,"13",{"v":0,"d":"0.00"},{"v":0,"d":"0.00"}]
[10022342,"ALAMBRE DE PUAS 250 MTS","2025-03-03",null,"2025-02-28",null,"152",{"v":0,"d":"0.00"},{"v":0,"d":"0.00"}]
[10022404,"COPLIN MT 2\"","2025-03-03",null,"2025-02-28",null,"1",0.01,0.01]
[10022550,"ARANDELA DE PRESION 3/4","2025-03-03",null,"2025-02-28",null,"86",{"v":0,"d":"0.00"},{"v":0,"d":"0.00"}]
[10022567,"CURVA PVC 3/4","2025-03-03",null,"2025-02-28",null,"1",{"v":0,"d":"0.00"},{"v":0,"d":"0.00"}]
[10022602,"BRIDA SOLDABLE DE 2 1/2\" DE 4 AGUJEROS","2025-03-03",null,"2025-02-28",null,"1",{"v":0,"d":"0.00"},{"v":0,"d":"0.00"}]
[10022622,"Rodamiento 6304","2025-03-03",null,"2025-02-28",null,"2",{"v":0,"d":"0.00"},{"v":0,"d":"0.00"}]
[10022627,"TORNILLO CAB. HEX 1 1/4 X 4PLG","2025-03-03",null,"2025-02-28",null,"8",{"v":0,"d":"0.00"},{"v":0,"d":"0.00"}]
[10022632,"VALVULA DE BOLA 3/4 PLG","2025-03-03",null,"2025-02-28",null,"4",{"v":0,"d":"0.00"},{"v":0,"d":"0.00"}]
[10022634,"Codo HG de 3/4\"","2025-03-03",null,"2025-02-28",null,"3",0.01,0.03]
[10022643,"(T) ACERO INOXIDABLE  3/4\"","2025-03-03",null,"2025-02-28",null,"2",{"v":0,"d":"0.00"},{"v":0,"d":"0.00"}]
[10022667,"LLAVE DE BOLA PVC 2\"","2025-03-03",null,"2025-02-28",null,"4",{"v":0,"d":"0.00"},{"v":0,"d":"0.00"}]
[10022679,"TEE PVC 2\" SCH-40","2025-03-03",null,"2025-02-28",null,"1",{"v":0,"d":"0.00"},{"v":0,"d":"0.00"}]
[10022716,"ABRAZADERA  MT 1 1/2 PULG","2025-03-03",null,"2025-02-28",null,"6",{"v":0,"d":"0.00"},{"v":0,"d":"0.00"}]
[10022777,"CURVA DE  1/2\" ACERO INOXIDABLE","2025-03-03",null,"2025-02-28",null,"16",{"v":0,"d":"0.00"},{"v":0,"d":"0.00"}]
[10022779,"TEE ACERO INOXI 3/4 PLG","2025-03-03",null,"2025-02-28",null,"2",{"v":0,"d":"0.00"},{"v":0,"d":"0.00"}]
[10022824,"RESISTENCIA DE CALENTAMIENTO  GENERADOI","2025-03-03",null,"2025-02-28",null,"8",0.01,0.08]
[10022856,"GOMA 265/65 R17 H/T","2025-01-10",null,"2025-01-10","Uhl","4",{"v":9862.44,"d":"9,862.44"},{"v":39449.76,"d":"39,449.76"}]
[10022920,"TEE ACERO INOXI 1 1/2 PLG","2025-03-03",null,"2025-02-28",null,"1",{"v":0,"d":"0.00"},{"v":0,"d":"0.00"}]
[10022924,"TEE ACERO IINOXI 1/2\"","2025-03-03",null,"2025-02-28",null,"1",{"v":0,"d":"0.00"},{"v":0,"d":"0.00"}]
[10022925,"CURVA ACERO INOXI 2 PLG","2025-03-03",null,"2025-02-28",null,"2",{"v":0,"d":"0.00"},{"v":0,"d":"0.00"}]
[10022926,"CURVA ACERO INOXI 1 1/4\"","2025-03-03",null,"2025-02-28",null,"10",{"v":0,"d":"0.00"},{"v":0,"d":"0.00"}]
[10022937,"JUEGO DE BANDA PARA MOTOR","2025-03-03",null,"2025-02-28",null,"5",{"v":0,"d":"0.00"},{"v":0,"d":"0.00"}]
[10022939,"CABLE DE CLUTCH. DT 125","2025-03-03",null,"2025-02-28",null,"4",{"v":0,"d":"0.00"},{"v":0,"d":"0.00"}]
[10022947,"FILTRO DE ACEITE REF -C-351","2025-03-03",null,"2025-02-28",null,"2",{"v":0,"d":"0.00"},{"v":0,"d":"0.00"}]
[10022951,"FILTRO DE GASOIL REF 1640501T70","2025-03-03",null,"2025-02-28",null,"3",{"v":0,"d":"0.00"},{"v":0,"d":"0.00"}]
[10022958,"TAPON AUDITIVO  AUTO ESPADIBLE","2025-03-03",null,"2025-02-28",null,"380",0.01,{"v":3.8,"d":"3.80"}]
[10023065,"CARR ETILLA","2025-02-04",null,"2025-02-04","UN","5",{"v":6490,"d":"6,490.00"},{"v":32450,"d":"32,450.00"}]
[10023234,"JUEGO DE JUNTA DT 125 (4 TIEMPOS)","2025-03-03",null,"2025-02-28",null,"1",{"v":0,"d":"0.00"},{"v":0,"d":"0.00"}]
[10023286,"FILTRO DE GASOIL FC-1101","2025-03-03",null,"2025-02-28",null,"1",{"v":0,"d":"0.00"},{"v":0,"d":"0.00"}]
[10023288,"RODAMIE NTO 25580/20","2025-03-03",null,"2025-02-28",null,"3",{"v":0,"d":"0.00"},{"v":0,"d":"0.00"}]
[10023317,"PALA DE BOTE","2025-02-04",null,"2025-02-04","UN","5",{"v":601.8,"d":"601.80"},{"v":3009,"d":"3,009.00"}]
[10023317,"PALA DE BOTE","2025-03-03",null,"2025-02-28",null,"9",{"v":0,"d":"0.00"},{"v":0,"d":"0.00"}]
[10023317,"PALA DE BOTE","2025-02-04",null,"2025-02-04","UN","8",{"v":601.8,"d":"601.80"},{"v":4814.4,"d":"4,814.40"}]
[10023324,"GUANTES DE OBRERO","2025-02-13",null,"2025-02-13","UN","30",199.42,{"v":5962.6,"d":"5,962.60"}]
[10023380,"1R-0750 FILTRO DE COMBUSTIBLE","2025-03-03",null,"2025-02-28",null,"2",{"v":0,"d":"0.00"},{"v":0,"d":"0.00"}]
[10023578,"ARANDELA PLANA 1\"","2025-03-03",null,"2025-02-28",null,"16",{"v":0,"d":"0.00"},{"v":0,"d":"0.00"}]
[10023590,"TORNILLO CAB. HEXAGONAL DE 3X1 1/4","2025-03-03",null,"2025-02-28",null,"2",{"v":0,"d":"0.00"},{"v":0,"d":"0.00"}]
[10023599,"SET DE LLAVE ALLEN 1OPIEZAS","2025-01-22",null,"2025-01-22","UN","1",325.83,325.83]
[10023638,"Breaker c6  monotasico","2025-03-03",null,"2025-02-28",null,"2",0.01,0.02]
[10023823,"BOTAS SEGUR IDAD (MUJER) NO.39","2025-02-17",null,"2025-02-17","UN","35",{"v":2916.42,"d":"2,916.42"},{"v":102074.6,"d":"102,074.60"}]
[10023987,"CODO 3/4\" A 90","2025-03-03",null,"2025-02-28",null,"6",{"v":0,"d":"0.00"},{"v":0,"d":"0.00"}]
[10024065,"ABRAZADERA  RECTANGULAR  1 X 2 1/2","2025-03-03",null,"2025-02-28",null,"7",0.01,0.07]
[10024173,"TAPA CIEGA REGISTRO 2 X 4","2025-03-03",null,"2025-02-28",null,"2",0.01,0.02]
[10024277,"DISCO DE PULIR 80\"","2025-03-03",null,"2025-02-28",null,"9",{"v":0,"d":"0.00"},{"v":0,"d":"0.00"}]
[10024278,"DISCO DE PULIR 100\"","2025-03-03",null,"2025-02-28",null,"8",{"v":0,"d":"0.00"},{"v":0,"d":"0.00"}]
[10024317,"BOTAS SEGURIDAD (MUJER) NO.45","2025-02-17",null,"2025-02-17","UN","10",{"v":2916.42,"d":"2,916.42"},{"v":29164.17,"d":"29,164.17"}]
[10024320,"GUANTES AISLANTES USO MAXIMO 36,000V","2025-03-03",null,"2025-02-28",null,"4",0.01,0.04]
[10024321,"GUANTES AISLAMIENTO  ELECTRIC O","2025-02-04",null,"2025-02-04","UN","40",{"v":153.4,"d":"153.40"},{"v":6136,"d":"6,136.00"}]
[10024371,"CONECTOR  CURVO LIQUIDTIGHT 1 1/2\"AMARI","2025-03-03",null,"2025-02-28",null,"4",0.01,0.04]
[10024388,"SENSOR DE POSIC ION XS4-P18AB120","2025-03-03",null,"2025-02-28",null,"2",{"v":0,"d":"0.00"},{"v":0,"d":"0.00"}]
[10024442,"CINTA DE PREC.  AMAR. 76.2MM X 304.8MTS","2025-03-03",null,"2025-02-28",null,"8","O.00",{"v":0,"d":"0.00"}]
[10024489,"RELE RJ8D1 25V","2025-03-03",null,"2025-02-28",null,"1",0.01,0.01]
[10024526,"BORNE RA DE 6MM","2025-03-03",null,"2025-02-28",null,"574",{"v":0,"d":"0.00"},{"v":0,"d":"0.00"}]
[10024578,"COUPLING DE 4\" PVC","2025-03-03",null,"2025-02-28",null,"1",{"v":0,"d":"0.00"},{"v":0,"d":"0.00"}]
[10024579,"CODO 1 1/2\" PVC",2025,null,"2025-02-28",null,"1",{"v":0,"d":"0.00"},{"v":0,"d":"0.00"}]
[10024606,"UNION PVC 3\"",5,null,"2025-02-28",null,"2",{"v":0,"d":"0.00"},{"v":0,"d":"0.00"}]
[10024620,"BRIDA PLANA 5\" X 8 AGUJ",null,null,"2025-02-28",null,"4",{"v":0,"d":"0.00"},{"v":0,"d":"0.00"}]
[10024674,"UNION PVC 2\"","3/3",null,"2025-02-28",null,"14",{"v":0,"d":"0.00"},{"v":0,"d":"0.00"}]
[10024688,"SPRAY ELECTRO LIBR","3/2    5",null,"2025-02-28",null,"1",{"v":0,"d":"0.00"},{"v":0,"d":"0.00"}]
[10024772,"PINTURA ROJO LADRILLO  G     OTJ            LTE","3   /202",null,"2025-01-03","GAL","10",{"v":2655,"d":"2,655.00"},{"v":26550,"d":"26,550.00"}]
[10024785,"TORNILLO  PARA ALUZ       1 1@'","25/  /202",null,"2025-02-25","UN","1,000",2.54,{"v":2537,"d":"2,537.00"}]
[10024795,"UNION PVC 1’            ,_,","3/3 202","Ñ","2025-02-28",null,"1",{"v":0,"d":"0.00"},{"v":0,"d":"0.00"}]
[10024835,"TORNILLO  CAB. HEX 2 1","3/  /202",null,"2025-02-28",null,"8",{"v":0,"d":"0.00"},{"v":0,"d":"0.00"}]
[10024881,"DISCO DE PULIR 1","/3/20  5",null,"2025-02-28",null,"7",{"v":0,"d":"0.00"},{"v":0,"d":"0.00"}]
[10024995,"Modulo de entrad a Anal",null,null,"2025-02-28",null,"1",{"v":0,"d":"0.00"},{"v":0,"d":"0.00"}]
[10024999,"RELE DE PROTEC CION NO.    99",null,null,"2025-02-28",null,"1",0.01,0.01]
[10025063,"CONTACTOR  LC1 D2510F/110V",null,null,"2025-02-28",null,"1",{"v":0,"d":"0.00"},{"v":0,"d":"0.00"}]
[10025168,"TUBO DE ALUMINIO DE 2\" X 19",2025,null,"2025-02-28",null,"16",{"v":0,"d":"0.00"},{"v":0,"d":"0.00"}]
[10025251,"MANOMETRO  0-160BAR","2025-03-03",null,"2025-02-28",null,"2",0.01,0.02]
[10025317,"VOLTIMETRO  0-600V","2025-03-03",null,"2025-02-28",null,"1",0.01,0.01]
[10025505,"FILTRO DE AIRE 15600-41010","2025-03-03",null,"2025-02-28",null,"1",{"v":0,"d":"0.00"},{"v":0,"d":"0.00"}]
[10025515,"CAJA OCTAGONAL METAL 4\" X 4\"","2025-03-03",null,"2025-02-28",null,"3",{"v":0,"d":"0.00"},{"v":0,"d":"0.00"}]
[10025658,"BRIDA DE 8\" A-105","2025-03-03",null,"2025-02-28",null,"10",{"v":0,"d":"0.00"},{"v":0,"d":"0.00"}]
[10025762,"GOMAS 265-65-R17 A/T","2025-02-05",null,"2025-02-05","UN","30",{"v":10406.42,"d":"10,406.42"},{"v":312192.6,"d":"312,192.60"}]
[10025762,"GOMAS 265-65-R17  A/T","2025-01-10",null,"2025-01-10","UN","14",{"v":10406.42,"d":"10,406.42"},{"v":145689.88,"d":"145,689.88"}]
[10025817,"LLAVE DE LAVAMANOS  MONOMANDO","2025-01-22",null,"2025-01-22","UN","50",578.54,{"v":28927.11,"d":"28,927.11"}]
[10025882,"ACUERDO","2025-03-24",null,"2025-03-24","UN","1",{"v":250000,"d":"250,000.00"},{"v":250000,"d":"250,000.00"}]
[10025959,"CASCO PROTECTOR  DE MOTO CICLETA","2025-03-03",null,"2025-03-03",null,"3",{"v":2055,"d":"2,055.00"},{"v":13275,"d":"13,275.00"}]
[10025959,"CASCO PROTECTOR  DE MOTOCIC LETA","2025-03-03",null,"2025-02-18",null,"1",{"v":2655,"d":"2,655.00"},{"v":2655,"d":"2,655.00"}]
[10025979,"FILTRO GASOIL REF. FC-1807","2025-03-03",null,"2025-02-28",null,"2",{"v":0,"d":"0.00"},{"v":0,"d":"0.00"}]
[10026018,"Pitura Blanca Trafico","2025-01-03",null,"2025-01-03","UN","38",{"v":5531.21,"d":"5,531.21"},{"v":210186.15,"d":"210,186.15"}]
[10026077,"ARANDELA DE BRONCE 56 x 100 MM","2025-03-03",null,"2025-02-28",null,"14",{"v":0,"d":"0.00"},{"v":0,"d":"0.00"}]
[10026088,"LIMA PLANA 12 plg","2025-01-30",null,"2025-01-30","UN","15",362.26,{"v":5433.9,"d":"5,433.90"}]
[10026088,"LIMA PLANA 12 p|g","2025-01-30",null,"2025-01-30","UN","15",362.26,{"v":5433.9,"d":"5,433.90"}]
[10026090,"OVER LOAD B22","2025-03-03",null,"2025-02-28",null,"6",{"v":0,"d":"0.00"},{"v":0,"d":"0.00"}]

{"sheet":"Table 8","index":7,"n_rows":182,"n_cols":7,"rows_kept":182,"merged":[[0,0,0,4],[1,0,1,4],[2,0,2,4],[3,0,3,4],[4,0,4,4],[5,0,5,4],[6,3,6,6],[7,3,7,6],[8,3,8,6],[9,3,9,6],[10,3,10,6],[11,3,11,6],[12,3,12,6],[13,3,13,6],[14,3,14,6],[15,3,15,6],[16,3,16,6],[17,3,17,6],[18,3,18,6],[19,3,19,6],[20,3,20,6],[21,3,21,6],[22,3,22,6],[23,3,23,6],[24,3,24,6],[25,3,25,6],[26,3,26,6],[27,3,27,6],[28,3,28,6],[29,3,29,6],[30,3,30,6],[31,3,31,6],[32,3,32,6],[33,3,33,6],[34,3,34,6],[35,3,35,6],[36,3,36,6],[37,3,37,6],[38,3,38,6],[39,3,39,6],[40,3,40,6],[41,3,41,6],[42,3,42,6],[43,3,43,6],[44,3,44,6],[45,3,45,6],[46,3,46,6],[47,3,47,6],[48,3,48,6],[49,3,49,6],[50,3,50,6],[51,3,51,6],[52,3,52,6],[53,3,53,6],[54,3,54,6],[55,3,55,6],[56,3,56,6],[57,3,57,6],[58,3,58,6],[59,3,59,6],[60,3,60,6],[61,3,61,6],[62,3,62,6],[63,3,63,6],[64,3,64,6],[65,3,65,6],[66,3,66,6],[67,3,67,6],[68,3,68,6],[69,3,69,6],[70,3,70,6],[71,3,71,6],[72,3,72,6],[73,3,73,6],[74,3,74,6],[75,3,75,6],[76,3,76,6],[77,3,77,6],[78,3,78,6],[79,3,79,6],[80,3,80,6],[81,3,81,6],[82,3,82,6],[83,3,83,6],[84,3,84,6],[85,3,85,6],[86,3,86,6],[87,3,87,6],[88,3,88,6],[89,3,89,6],[90,3,90,6],[91,3,91,6],[92,3,92,6],[93,3,93,6],[94,3,94,6],[95,3,95,6],[96,3,96,6],[97,0,97,3],[98,0,98,3],[99,0,99,3],[100,0,100,3],[101,0,101,3],[102,0,102,3],[103,0,103,3],[104,0,104,3],[105,0,105,3],[106,0,106,3],[107,0,107,3],[108,0,108,3],[109,0,109,3],[110,0,110,3],[111,0,111,3],[112,0,112,3],[113,0,113,3],[114,0,114,3],[115,0,115,3],[116,0,116,3],[117,0,117,3],[118,0,118,3],[119,0,119,3],[120,0,120,3],[121,0,121,3],[122,0,122,3],[123,0,123,3],[124,0,124,3],[125,0,125,3],[126,0,126,3],[127,0,127,3],[128,0,128,3],[129,0,129,3],[130,0,130,3],[131,0,131,3],[132,0,132,3],[133,0,133,3],[134,0,134,3],[135,0,135,3],[136,0,136,3],[137,0,137,3],[138,0,138,3],[139,0,139,3],[140,0,140,3],[141,0,141,3],[142,0,142,3],[143,0,143,3],[144,0,144,3],[145,0,145,3],[146,0,146,3],[147,0,147,3],[148,0,148,3],[149,0,149,3],[150,0,150,3],[151,0,151,3],[152,0,152,3],[153,0,153,3],[154,0,154,3],[155,0,155,3],[156,0,156,3],[157,0,157,3],[158,0,158,3],[159,0,159,3],[160,0,160,3],[161,0,161,3],[162,0,162,3],[163,0,163,3],[164,0,164,3],[165,0,165,3],[166,0,166,3],[167,0,167,3],[168,0,168,3],[169,0,169,3],[170,0,170,3],[171,0,171,3],[172,0,172,3],[173,0,173,3],[174,0,174,3],[175,0,175,3],[176,0,176,3],[177,0,177,3],[178,0,178,3],[179,0,179,3],[180,0,180,3],[181,0,181,3]]}
[4,{"$nulls":4},{"v":0,"d":"0.00"},{"v":0,"d":"0.00"}]
[2,{"$nulls":4},{"v":0,"d":"0.00"},{"v":0,"d":"0.00"}]
[32,{"$nulls":4},{"v":0,"d":"0.00"},{"v":0,"d":"0.00"}]
[1,{"$nulls":4},{"v":0,"d":"0.00"},{"v":0,"d":"0.00"}]
[2,{"$nulls":4},{"v":0,"d":"0.00"},{"v":0,"d":"0.00"}]
[2,{"$nulls":4},{"v":0,"d":"0.00"},{"v":0,"d":"0.00"}]
[10026099,"RODAMIENTO DE CONICO 6307","2025-03-03","2025-02-28"]
[10026150,"UNION DE BRONCE 28MM","2025-03-03","2025-02-28"]
[10026155,"ABRAZADERA MT 1 å12","2025-03-03","2025-02-28"]
[10026167,"ABRAZADERA TIPO U 1/2","2025-03-03","2025-02-28"]
[10026175,"ABRAZADE RA UNITRON 2\"","2025-03-03","2025-02-28"]
[10026184,"TORNILLO M4 X 16MM","2025-03-03","2025-02-28"]
[10026192,"ACEITE MINERAL ISO 68 (TANQUE SSGL)","2025-03-19","2025-03-19"]
[10026193,"TORNILLO HEXAGONAL 10 X 30 X 14MM","2025-03-03","2025-02-28"]
[10026194,"TORNILLO HEXAG, 15.6 X SOMM","2025-03-03","2025-02-28"]
[10026212,"TORNILLO  ALLEN 5/8 X 2\"","2025-03-03","2025-02-28"]
[10026216,"TORNILLO 5/8 X 1 1/2","2025-03-03","2025-02-28"]
[10026224,"ADAPTADOR DE FUSIBLE 35 AMP","2025-03-03","2025-02-28"]
[10026225,"ADAPTADOR  DE FUSIBLE 50 AMP","2025-03-03","2025-02-28"]
[10026226,"ADAPTADOR  DE FUSIBLE 80 AMP","2025-03-03","2025-02-28"]
[10026233,"TERMINAL XA18A4N","2025-03-03","2025-02-28"]
[10026240,"TERMINACION DE CAUCHO DE SILICONA","2025-03-03","2025-02-26"]
[10026249,"TEE 3/4 SOLDABLE","2025-03-03","2025-02-28"]
[10026256,"TARUGO DE HIERRO 3/4 X 4\"","2025-03-03","2025-02-28"]
[10026258,"TARJETA ELECTRONICA TIPO RS91","2025-03-03","2025-02-28"]
[10026265,"TARJETA DE PLC CI552","2025-03-03","2025-02-28"]
[10026272,"TAPA DE REGISTRO 3/4 X 3/4 X 2 1/2","2025-03-03","2025-02-28"]
[10026274,"TAPA DE FUSIBLE TIPO BOTELLA 35 / 63AMP","2025-03-03","2025-02-28"]
[10026279,"SPRING DE ACERO INOX 40X94X48MM","2025-03-03","2025-02-28"]
[10026280,"SPRAY DE PINTURA BLANCO CON BRILLO","2025-03-03","2025-02-28"]
[10026293,"SELLADOR  AISLANTE 3M","2025-03-03","2025-02-28"]
[10026311,"RODAMIENTO 6006","2025-03-03","2025-02-28"]
[10026312,"AMEPC OAT 450H NATURAL","2025-03-03","2025-02-28"]
[10026352,"PORTA FUSIBLE 100 AMP","2025-03-03","2025-02-28"]
[10026372,"ORING DE 1\"","2025-03-03","2025-02-28"]
[10026379,"OBVER LOAD B45","2025-03-03","2025-02-28"]
[10026384,"NIPLE DE 1 1/4 EN HIERRO","2025-03-03","2025-02-28"]
[10026397,"MODULO DE ENTRADA DINAREA RL110-110","2025-03-03","2025-02-28"]
[10026413,"KIT DE ORING ABB 201285","2025-03-03","2025-02-28"]
[10026473,"FILTRO DE AIRE CATERPILLAR RF:4L-9853","2025-03-03","2025-02-28"]
[10026495,"EPOXY ADESIVO","2025-03-03","2025-02-28"]
[10026505,"CURVA HG ROSCABLE DE 1\"","2025-03-03","2025-02-28"]
[10026506,"CURVA HG ROSCABLE DE 1 1/2\"","2025-03-03","2025-02-28"]
[10026509,"CUŃA DE COBRE ESTAÑADA DE 1 3/4 X 3/4\"","2025-03-03","2025-02-28"]
[10026511,"CUELLO DE BOMBA DE ACHIQUE 4\"","2025-03-03","2025-02-28"]
[10026513,"COUPLING DE HIERRO DE 2\" ROS CADO","2025-03-03","2025-02-28"]
[10026567,"CODO 2\" 90º ACERO INOXIDABLE","2025-03-03","2025-02-28"]
[10026569,"CODO 1 1/4 X 90º ACERO INOXIBLE","2025-03-03","2025-02-28"]
[10026615,"BREGUAR DE RECUBIMIENTO BREAGUARD","2025-03-03","2025-02-28"]
[10026656,"FILTRO DE COMB. TOYOTA HILUX UC-4808D","2025-03-03","2025-02-28"]
[10027115,"POWER SUPPLY SIEMENS REF 6ES7307-1BA01","2025-03-03","2025-02-28"]
[10027130,"PORTA FUSIBLE 63AMP/500V","2025-03-03","2025-02-28"]
[10027233,"BRIDA DE 2\" DE 4 AGUJERO","2025-03-03","2025-02-28"]
[10027338,"GRAPA METALICA UNITRU 1\"","2025-03-03","2025-02-28"]
[10027553,"CONECTOR  RECTO LIQUID TIGHT DE 4\"","2025-03-03","2025-02-28"]
[10027576,"CONECTOR RECTO LIQUID TIGHT DE 1 1/2 MOR","2025-03-03","2025-02-28"]
[10027616,"TRANSFORMED OR 1.5KVA/440/110V","2025-03-03","2025-02-28"]
[10027746,"RODAMIENTO  SKF 22307","2025-03-03","2025-02-28"]
[10027866,"CONEC. PLANO D/COBRE 1/250-500 KCMIL","2025-03-03","2025-02-28"]
[10027868,"CONECTOR ANT821146LT","2025-03-03","2025-02-28"]
[10027964,"ABRAZADE RA UNITRU DE 1 1/2\"","2025-03-03","2025-02-28"]
[10028402,"CONE CTOR PERNO PARTIDO D/COBRE 4/0","2025-03-03","28/2/202Îi"]
[10028406,"CONECTOR  MT 2\"","2025-03-03","28/2/202'2"]
[10028473,"BRAZO MAGICO DE PUERTA A17595PL","2025-03-03","2025-02-28"]
[10028575,"VOLTIMETRO DE 0 A 400V","2025-03-03","2025-02-28"]
[10028576,"VOLTIMETRO  DE 0 A 750 V","2025-03-03","2025-02-28"]
[10028578,"VOLTIMETRO 0-50A","2025-03-03","2025-02-28"]
[10028838,"ARANDELA DE PRESION M12","2025-03-03","2025-02-28"]
[10029047,"BORNERA DE 10MM","2025-03-03","2025-02-28"]
[10029169,"ESPARRAGO 16 X 71MM","2025-03-03","2025-02-28"]
[10029172,"ESCOBILLON 34CM","2025-03-03","2025-02-28"]
[10029266,"CHECK 1 1/2 ROSCA ACERO INOXI","2025-03-03","2025-02-28"]
[10029293,"TUERCA 5/8\"","2025-03-03","2025-02-28"]
[10029378,"LIMPIADOR DE CABLE SCOTCH CC-2","2025-03-03","2025-02-28"]
[10029421,"FUSIBLE TIPO BOTELLA SOOV 20A","2025-03-03","2025-02-28"]
[10029452,"ONTROL REMOTO PARA PUENTE GRUA SAGA1","2025-03-03","2025-02-28"]
[10029508,"TORNILLO HEXAGONAL 3/4 X 3 X /\"","2025-03-03","2025-02-28"]
[10029753,"AGUJA DE VALVULA BYPASS","2025-03-03","2025-02-28"]
[10029770,"CONECTOR PUESTA TIERRA 3/4\" DE COBRE","2025-03-03","2025-02-28"]
[10030081,"BOTAS SEGUR IDAD (MUJER) NO.40","2025-02-17","2025-02-17"]
[10030190,"CODO PVC 1\"","2025-03-03","2025-02-28"]
[10030191,"CODO PVC 2”","2025-03-03","2025-02-28"]
[10030220,"CURVA \"U\" PVC 2\"","2025-03-03","2025-02-28"]
[10030257,"BUSHING CATRE INFERIOR NISSAN D-22","2025-03-03","2025-02-28"]
[10030570,"BOTELLA EPSON 544 BLACK","2025-03-24","2025-03-24"]
[10030571,"BOTELLA EPSON 544 CYAN","2025-03-24","2025-03-24"]
[10030572,"BOTELLA EPSON 544 MAGENTA","2025-03-24","2025-03-24"]
[10030573,"BOTELLA EPSON 544 YELLOW","2025-03-24","2025-03-24"]
[10030748,"MOTOR COMPLETO MAZDA BT 50 2017","2025-02-05","2025-02-05"]
[10031025,"CUBO P/TORNILLO  DE 8","2025-02-25","2025-02-25"]
[10031026,"CUBO P/TORNILLO DE 10","2025-02-25","25/2/202Čî"]
[10031060,"RODAMIENTO  63320C3","2025-03-03","2025-02-28"]
[10031133,"FILTRO DE AIRE ISUZU DMAX 2020 4X4","2025-03-03","2025-02-28"]
[10031277,"BRIDA DE 2 1/4\" DE 8 AGUJEROS","2025-03-03","2025-02-28"]
[10031311,"AISLADOR PARA TRANSFORMADOR  TIPO GOB","2025-03-03","2025-02-28"]
[10031402,"CAJA DE ARCHIVO MUERTO 15 X 12 X 10\"","2025-03-11","2025-03-11"]
[10031404,"CAJA ARCHIVO MALETÍN 15x4x10\"","2025-03-31","2025-03-31"]
["uu",{"$nulls":3},8,{"v":44651.2,"d":"44,651.20"},{"v":357209.6,"d":"357,209.60"}]
[{"$nulls":4},8,{"v":0,"d":"0.00"},{"v":0,"d":"0.00"}]
[{"$nulls":4},1,{"v":0,"d":"0.00"},{"v":0,"d":"0.00"}]
[{"$nulls":4},41,{"v":0,"d":"0.00"},{"v":0,"d":"0.00"}]
[{"$nulls":4},39,{"v":0,"d":"0.00"},{"v":0,"d":"0.00"}]
[{"$nulls":4},2,{"v":0,"d":"0.00"},{"v":0,"d":"0.00"}]
[{"$nulls":4},4,{"v":0,"d":"0.00"},{"v":0,"d":"0.00"}]
[{"$nulls":4},5,{"v":0,"d":"0.00"},{"v":0,"d":"0.00"}]
[{"$nulls":4},13,{"v":0,"d":"0.00"},{"v":0,"d":"0.00"}]
[{"$nulls":4},5,{"v":0,"d":"0.00"},{"v":0,"d":"0.00"}]
[{"$nulls":4},2,{"v":0,"d":"0.00"},{"v":0,"d":"0.00"}]
[{"$nulls":4},1,{"v":0,"d":"0.00"},{"v":0,"d":"0.00"}]
[{"$nulls":4},2,{"v":0,"d":"0.00"},{"v":0,"d":"0.00"}]
[{"$nulls":4},1,{"v":0,"d":"0.00"},{"v":0,"d":"0.00"}]
[{"$nulls":4},1,{"v":0,"d":"0.00"},{"v":0,"d":"0.00"}]
[{"$nulls":4},4,"0,00",{"v":0,"d":"0.00"}]
[{"$nulls":4},7,{"v":0,"d":"0.00"},{"v":0,"d":"0.00"}]
[{"$nulls":4},17,{"v":0,"d":"0.00"},{"v":0,"d":"0.00"}]
[{"$nulls":4},1,{"v":0,"d":"0.00"},{"v":0,"d":"0.00"}]
[{"$nulls":4},3,{"v":0,"d":"0.00"},{"v":0,"d":"0.00"}]
[{"$nulls":4},2,{"v":0,"d":"0.00"},{"v":0,"d":"0.00"}]
[{"$nulls":4},2,{"v":0,"d":"0.00"},{"v":0,"d":"0.00"}]
[{"$nulls":4},{"v":1226,"d":"1,226"},{"v":0,"d":"0.00"},{"v":0,"d":"0.00"}]
[{"$nulls":4},3,{"v":0,"d":"0.00"},{"v":0,"d":"0.00"}]
[{"$nulls":4},1,{"v":0,"d":"0.00"},{"v":0,"d":"0.00"}]
[{"$nulls":4},1,{"v":0,"d":"0.00"},{"v":0,"d":"0.00"}]
[{"$nulls":4},5,{"v":0,"d":"0.00"},{"v":0,"d":"0.00"}]
[{"$nulls":4},1,{"v":0,"d":"0.00"},{"v":0,"d":"0.00"}]
[{"$nulls":4},3,{"v":0,"d":"0.00"},{"v":0,"d":"0.00"}]
[{"$nulls":4},2,{"v":0,"d":"0.00"},{"v":0,"d":"0.00"}]
[{"$nulls":4},1,{"v":0,"d":"0.00"},{"v":0,"d":"0.00"}]
[{"$nulls":4},200,{"v":0,"d":"0.00"},{"v":0,"d":"0.00"}]
[{"$nulls":4},1,{"v":0,"d":"0.00"},{"v":0,"d":"0.00"}]
[{"$nulls":4},7,{"v":0,"d":"0.00"},{"v":0,"d":"0.00"}]
[{"$nulls":4},2,{"v":0,"d":"0.00"},{"v":0,"d":"0.00"}]
[{"$nulls":4},8,{"v":0,"d":"0.00"},{"v":0,"d":"0.00"}]
[{"$nulls":4},15,{"v":0,"d":"0.00"},{"v":0,"d":"0.00"}]
[{"$nulls":4},1,{"v":0,"d":"0.00"},{"v":0,"d":"0.00"}]
[{"$nulls":4},2,{"v":0,"d":"0.00"},{"v":0,"d":"0.00"}]
[{"$nulls":4},5,0.01,0.05]
[{"$nulls":4},2,{"v":0,"d":"0.00"},{"v":0,"d":"0.00"}]
[{"$nulls":4},139,{"v":0,"d":"0.00"},{"v":0,"d":"0.00"}]
[{"$nulls":4},2,0.01,0.02]
[{"$nulls":4},14,0.01,0.14]
[{"$nulls":4},1,0.01,0.01]
[{"$nulls":4},4,{"v":0,"d":"0.00"},{"v":0,"d":"0.00"}]
[{"$nulls":4},1,0.01,0.01]
[{"$nulls":4},1,0.01,0.01]
[{"$nulls":4},25,0.01,0.25]
[{"$nulls":4},20,0.01,{"v":0.2,"d":"0.20"}]
[{"$nulls":4},3,"O.OO","O.OO"]
[{"$nulls":4},8,{"v":0,"d":"0.00"},{"v":0,"d":"0.00"}]
[{"$nulls":4},1,0.01,0.01]
[{"$nulls":4},1,0.01,0.01]
[{"$nulls":4},1,0.01,0.01]
[{"$nulls":4},71,{"v":0,"d":"0.00"},{"v":0,"d":"0.00"}]
[{"$nulls":4},600,{"v":0,"d":"0.00"},{"v":0,"d":"0.00"}]
[{"$nulls":4},18,0.01,0.18]
[{"$nulls":4},3,{"v":1,"d":"1.00"},{"v":3,"d":"3.00"}]
[{"$nulls":4},1,{"v":0,"d":"0.00"},{"v":0,"d":"0.00"}]
[{"$nulls":4},8,{"v":0,"d":"0.00"},{"v":0,"d":"0.00"}]
[{"$nulls":4},20,0.01,{"v":0.2,"d":"0.20"}]
[{"$nulls":4},35,0.01,0.35]
[{"$nulls":4},1,{"v":0,"d":"0.00"},{"v":0,"d":"0.00"}]
[{"$nulls":4},3,{"v":0,"d":"0.00"},{"v":0,"d":"0.00"}]
[{"$nulls":4},2,{"v":0,"d":"0.00"},{"v":0,"d":"0.00"}]
[{"$nulls":4},23,{"v":0,"d":"0.00"},{"v":0,"d":"0.00"}]
["UN",{"$nulls":3},55,{"v":2916.42,"d":"2,916.42"},{"v":160402.95,"d":"160,402.95"}]
[{"$nulls":4},1,"0,00",{"v":0,"d":"0.00"}]
[{"$nulls":4},1,"0,00",{"v":0,"d":"0.00"}]
[{"$nulls":4},15,{"v":0,"d":"0.00"},{"v":0,"d":"0.00"}]
[{"$nulls":4},3,"0,00",{"v":0,"d":"0.00"}]
[{"$nulls":4},2,502.56,{"v":1005.11,"d":"1,005.11"}]
[{"$nulls":4},2,504.22,{"v":1008.44,"d":"1,008.44"}]
[{"$nulls":4},2,506.83,{"v":1013.65,"d":"1,013.65"}]
[{"$nulls":4},2,504.22,{"v":1008.44,"d":"1,008.44"}]
["UN",{"$nulls":3},2,{"v":461970,"d":"461,970.00"},{"v":923940,"d":"923,940.00"}]
["UN",{"$nulls":3},10,"110,33","1,100,00"]
["UN",{"$nulls":3},10,110.33,{"v":1103.3,"d":"1,103.30"}]
[{"$nulls":4},2,0.01,0.02]
[{"$nulls":4},1,{"v":0,"d":"0.00"},{"v":0,"d":"0.00"}]
[{"$nulls":4},1,{"v":0,"d":"0.00"},{"v":0,"d":"0.00"}]
[{"$nulls":4},1,{"v":0,"d":"0.00"},{"v":0,"d":"0.00"}]
["UN",{"$nulls":3},400,{"v":105,"d":"105.00"},{"v":41998.56,"d":"41,998.56"}]
["UN",{"$nulls":3},400,151.04,{"v":60416,"d":"60,416.00"}]

{"sheet":"Table 9","index":8,"n_rows":91,"n_cols":9,"rows_kept":91}
[10031437,"PROTECTOR 7,00R/16 LT","2025-03-18",null,"2025-03-18","UN",4,{"v":295,"d":"295.00"},{"v":1180,"d":"1,180.00"}]
[10031439,"PROTECTOR 700R16","2025-03-18",null,"2025-03-18","UN",4,"29TL00",{"v":1180,"d":"1,180.00"}]
[10031439,"PROTECTOR 700R16","1B/3/2025",null,"2025-03-18","UN",6,{"v":295,"d":"295.00"},{"v":1770,"d":"1,770.00"}]
[10031439,"PROTECTOR 700R16","2025-03-18",null,"2025-03-18","UN",6,{"v":295,"d":"295.00"},{"v":1770,"d":"1,770.00"}]
[10031445,"BARRA DE BRONCE, 10 DE LONGITUD X 4”","2025-01-13",null,"2025-01-13","UN",1,{"v":493240,"d":"493,240.00"},{"v":493240,"d":"493,240.00"}]
[10031595,"CORDON OR|NG 7MM","2025-03-03",null,"2025-02-28",null,200,{"v":0,"d":"0.00"},{"v":0,"d":"0.00"}]
[10031616,"TUBO DE MOTOR 325/350-17","2025-03-03",null,"2025-02-28",null,2,{"v":0,"d":"0.00"},{"v":0,"d":"0.00"}]
[10031730,"UNION ACERO INOXI 2 PLG","2025-03-03",null,"2025-02-28",null,1,{"v":0,"d":"0.00"},{"v":0,"d":"0.00"}]
[10031786,"PERFIL GALVANIZADO 2X2","2025-02-25",null,"2025-02-25","UN",500,{"v":1180,"d":"1,180.00"},{"v":590000,"d":"590,000.00"}]
[10031967,"CAMISA REFLECTORA  L (FEM) BLANCA M.LARGO","19/2/202Ti",null,"2025-02-19",null,2,{"v":0,"d":"0.00"},{"v":0,"d":"0.00"}]
[10031987,"CAMISA AZUL REFLECTORA  L (HOM) M. LARGA","2025-02-13",null,"2025-02-13",null,2,{"v":0,"d":"0.00"},{"v":0,"d":"0.00"}]
[10032015,"STICKER PARA MANTENIMIETO","2025-01-23",null,"2025-01-23","UN",{"v":5000,"d":"5,000"},{"v":5.9,"d":"5.90"},{"v":29500,"d":"29,500.00"}]
[10032058,"GOMAS 7.00R16 LT","2025-01-10",null,"2025-01-10","UN",9,{"v":11025.92,"d":"11,025.92"},{"v":99233.28,"d":"99,233.28"}]
[10032059,"CUCHILLO DE MESA DE ACERO INOXIDABLE","2025-01-27",null,"2025-01-27","UN",12,{"v":141.6,"d":"141.60"},{"v":1699.2,"d":"1,699.20"}]
[10032059,"CUCHILLO DE MESA DE ACERO INOXIDABLE","2025-01-27",null,"2025-01-27","UN",12,{"v":141.6,"d":"141.60"},{"v":1699.2,"d":"1,699.20"}]
[10032059,"CUCHILLO DE MESA DE ACERO INOXIDABLE","2025-01-27",null,"2025-01-27","UN",36,{"v":141.6,"d":"141.60"},{"v":5097.6,"d":"5,097.60"}]
[10032059,"CUCHILLO DE MESA DE ACERO INOXIDABLE","2025-01-22",null,"2025-01-22","UN",12,{"v":141.6,"d":"141.60"},{"v":1699.2,"d":"1,699.20"}]
[10032059,"CUCHILLO DE MESA DE ACERO INOXIDABLE","2025-01-22",null,"2025-01-22","UN",12,{"v":141.6,"d":"141.60"},{"v":1699.2,"d":"1,699.20"}]
[10032059,"CUCHILLO DE MESA DE ACERO INOXIDABLE","2025-01-22",null,"2025-01-22","UN",36,{"v":141.6,"d":"141.60"},"5,097,60"]
[10032060,"CUCHILLO USO DOMESTICO DE CORTE 22 CM","2025-01-27",null,"2025-01-27","UN",1,{"v":354,"d":"354.00"},{"v":354,"d":"354.00"}]
[10032060,"CUCHILLO USO DOMESTICO DE CORTE 22 CM","2025-01-22",null,"2025-01-22","UN",1,{"v":354,"d":"354.00"},{"v":354,"d":"354.00"}]
[10032061,"CUCHARA ACERO INOXIDABLE 16 CM DE LARGO","2025-01-27",null,"2025-01-27","UN",12,{"v":100.3,"d":"100.30"},{"v":1203.6,"d":"1,203.60"}]
[10032061,"CUCHARA ACERO INOXIDABLE 16 CM DE LARGO","2025-01-27",null,"2025-01-27","UN",48,{"v":100.3,"d":"100.30"},{"v":4814.4,"d":"4,814.40"}]
[10032061,"CUCHARA ACERO INOXIDABLE 16 CM DE LARGO","2025-01-22",null,"2025-01-22","UN",48,{"v":100.3,"d":"100.30"},{"v":4814.4,"d":"4,814.40"}]
[10032061,"CUCHARA ACERO INOXIDABLE 16 CM DE LARGO","2025-01-22",null,"2025-01-22","UN",12,{"v":100.3,"d":"100.30"},{"v":1203.6,"d":"1,203.60"}]
[10032063,"CUCHARON PARA SERVIR 26 CM","2025-01-27",null,"2025-01-27","UN",5,{"v":324.5,"d":"324.50"},{"v":1622.5,"d":"1,622.50"}]
[10032063,"CUCHARON PARA SERVIR 28 CM","2025-01-22",null,"2025-01-22","UN",5,{"v":324.5,"d":"324.50"},{"v":1622.5,"d":"1,622.50"}]
["10032065 .","UCHARITAS PARA CAFÉ DE ACERO INOXIDABL","2025-01-27",null,"2025-01-27","UN",12,{"v":76.7,"d":"76.70"},{"v":920.4,"d":"920.40"}]
[10032065,".UCHARITAS  PARA CAFÉ DE ACERO INOXIDABL","2025-01-27",null,"2025-01-27","UN",12,{"v":76.7,"d":"76.70"},{"v":920.4,"d":"920.40"}]
[10032065,".UCHARITAS PARA CAFÉ DE ACERO INOXIDABL","2025-01-27",null,"2025-01-27","UN",12,{"v":76.7,"d":"76.70"},{"v":920.4,"d":"920.40"}]
["10032065 .","UCHARITAS PARA CAFÉ DE ACERO INOXIDABL","2025-01-22",null,"2025-01-22","UN",12,{"v":76.7,"d":"76.70"},{"v":920.4,"d":"920.40"}]
[10032065,":UCHARITAS PARA CAFÉ DE ACERO INOXIDABL","2025-01-22",null,"2025-01-22","UN",12,{"v":76.7,"d":"76.70"},{"v":920.4,"d":"920.40"}]
[10032065,".UCHARITAS PARA CAFÉ DE ACERO INOXIDABL","2025-01-22",null,"2025-01-22","UN",12,{"v":76.7,"d":"76.70"},{"v":920.4,"d":"920.40"}]
[10032070,"OLLA DE PRESION  DE 10 LITROS","2025-01-27",null,"2025-01-22",null,2,{"v":7080,"d":"7,080.00"},{"v":14160,"d":"14,160.00"}]
[10032070,"OLLA DE PRESION  DE 10 LITROS","2025-01-27",null,"2025-01-22",null,2,{"v":7080,"d":"7,080.00"},{"v":14160,"d":"14,160.00"}]
[10032070,"OLLA DE PRESION  DE 10 LITROS","2025-01-22",null,"2025-01-22","UN",2,{"v":7080,"d":"7,080.00"},{"v":14160,"d":"14,160.00"}]
[10032070,"OLLA DE PRESION  DE 10 LITROS","2025-01-22",null,"2025-01-22","UN",2,{"v":7080,"d":"7,080.00"},{"v":14160,"d":"14,160.00"}]
[10032075,"CAZAS PARA CAFÉ CON PLATO COLOR BLANCC","2025-01-27",null,"2025-01-27","UN",3,{"v":4720,"d":"4,720.00"},{"v":14160,"d":"14,160.00"}]
[10032075,"CAZAS PARA CAFÉ CON PLATO COLOR BLANCC","2025-01-27",null,"27/J/2025","UN",1,{"v":2360,"d":"2,360.00"},{"v":2360,"d":"2,360.00"}]
[10032075,"CAZAS PARA CAFÉ CON PLATO COLOR BLANCC","2025-01-22",null,"2025-01-22","UN",1,{"v":2360,"d":"2,360.00"},{"v":2360,"d":"2,360.00"}]
[10032075,"TAZAS PARA CAFÉ CON PLATO COLOR BLANCC","2025-01-22",null,"2025-01-22","UN",3,{"v":4720,"d":"4,720.00"},{"v":14160,"d":"14,160.00"}]
[10032077,"VASO DE CRISTAL","2025-01-27",null,"2025-01-27","UN",12,{"v":129.8,"d":"129.80"},{"v":1557.6,"d":"1,557.60"}]
[10032077,"VASO DE CRISTAL","2025-01-22",null,"2025-01-22","UN",12,{"v":129.8,"d":"129.80"},{"v":1557.6,"d":"1,557.60"}]
[10032085,"TAZAS PARA TE  CAPACIDAD 320ML","2025-01-27",null,"27/1/202?i","UN",2,{"v":2360,"d":"2,360.00"},{"v":4720,"d":"4,720.00"}]
[10032085,"TAZAS PARA TE  CAPACIDAD 320ML","2025-01-22",null,"2025-01-22","UN",2,{"v":2360,"d":"2,360.00"},{"v":4720,"d":"4,720.00"}]
[10032086,"SARTEN  DE 20 CM","2025-01-27",null,"2025-01-27","UN",1,{"v":1298,"d":"1,298.00"},{"v":1298,"d":"1,298.00"}]
["100320B6","SARTEN  DE 20 CM","2025-01-22",null,"2025-01-22","UN",1,{"v":1298,"d":"1,298.00"},{"v":1298,"d":"1,298.00"}]
[10032106,"SOGA DE NYLON 3/8” 8MM GRADO A (PIES)","2025-02-13",null,"2025-02-13","UN",7,{"v":3540,"d":"3,540.00"},{"v":24780,"d":"24,780.00"}]
[10032337,"KIT DE MANGA TERMOCONTRACTIL","2025-02-06",null,"2025-02-06","UN",1,{"v":4100,"d":"4,100.00"},{"v":4100,"d":"4,100.00"}]
[10032652,"PINTURA ACRILICA SUPERIOR  AZUL MARINO","2025-01-03",null,"2025-01-03","GAL",105,{"v":3245,"d":"3,245.00"},{"v":340725,"d":"340,725.00"}]
[10032653,"XCRILICA SUPERIOR GRIS CLARO COOL GRAY","2025-01-03",null,"2025-01-03","GAL",110,{"v":2802.5,"d":"2,802.50"},{"v":308275,"d":"308,275.00"}]
[10032654,"BROCHA NO.5","2025-01-03",null,"2025-01-03","UN",108,167.24,{"v":18062.07,"d":"18,062.07"}]
[10032655,"MOTA ANTIGOTAS DE 9 PULGADAS","2025-01-03",null,"2025-01-03","UN",270,73.35,{"v":19804.18,"d":"19,804.18"}]
[10032656,"MOTA 1 Ü",{"v":25,"d":"025"},null,"2025-01-03","UN",135,148.01,{"v":19981,"d":"19,981.00"}]
[10032657,"MINI ROLO DE 4 PULGADAS",null,null,"2025-01-03","UN",45,282.92,{"v":12731.26,"d":"12,731.26"}]
[10032658,"PORTA ROLO DE 9 PULGAR",null,null,"2025-01-03","UN",48,{"v":192.1,"d":"192.10"},{"v":9220.99,"d":"9,220.99"}]
[10032660,"Pintura acritica verde reno v6@e",null,null,"2025-01-03","GAL",72,{"v":3245,"d":"3,245.00"},{"v":233640,"d":"233,640.00"}]
[10032665,"Taza para te con plato 2  00}","1/20",null,"2025-01-27","UN",5,{"v":2360,"d":"2,360.00"},{"v":11800,"d":"11,800.00"}]
[10032665,"Taza para te con plato   56+riI",202,null,"2025-01-22","UN",5,{"v":2360,"d":"2,360.00"},{"v":11800,"d":"11,800.00"}]
[10032666,"Copa de agua 350   In","/1   025","\"","2025-01-27","UN",60,143.96,{"v":8637.6,"d":"8,637.60"}]
[10032666,"Copa de agua 350   Ip","22/1/  025",null,"2025-01-22","UN",60,143.96,{"v":8637.6,"d":"8,637.60"}]
[10032667,"Cuchara para sop","27/1 202",null,"2025-01-27","UN",50,{"v":118,"d":"118.00"},{"v":5900,"d":"5,900.00"}]
[10032667,"Cuchara para sopa‘","2   1/20",null,"2025-01-22","UN",50,{"v":118,"d":"118.00"},{"v":5900,"d":"5,900.00"}]
[10032668,"Pinza de cocina acero",null,null,"2025-01-27","UN",5,{"v":265.5,"d":"265.50"},{"v":1327.5,"d":"1,327.50"}]
[10032668,"Pinza de cocina acero ínoxidó¢l@Ç",null,null,"2025-01-22","UN",5,{"v":265.5,"d":"265.50"},{"v":1327.5,"d":"1,327.50"}]
[10032669,"Cuchara para postre",null,null,"2025-01-27","UN",60,{"v":94.4,"d":"94.40"},{"v":5664,"d":"5,664.00"}]
[10032669,"Cuchara para postre","2     /2025",null,"2025-01-22","UN",60,{"v":94.4,"d":"94.40"},{"v":5664,"d":"5,664.00"}]
[10032671,"Mantele para mesa redonda","2025-01-27",null,"2025-01-27","UN",4,{"v":3068,"d":"3,068.00"},{"v":12272,"d":"12,272.00"}]
[10032671,"Mantele para mesa redonda","2025-01-22",null,"2025-01-22","UN",4,{"v":3068,"d":"3,068.00"},{"v":12272,"d":"12,272.00"}]
[10032672,"Topes redonda para evento s","2025-01-27",null,"2025-01-27","UN",4,{"v":2360,"d":"2,360.00"},{"v":9440,"d":"9,440.00"}]
[10032672,"Topes redondo para eventos","2025-01-22",null,"2025-01-22","UN",4,{"v":2360,"d":"2,360.00"},{"v":9440,"d":"9,440.00"}]
[10032674,"Manlel Rectangular","2025-01-27",null,"2025-01-27","UN",4,{"v":2478,"d":"2,478.00"},{"v":9912,"d":"9,912.00"}]
[10032674,"Mantel Rectangu|ar","2025-01-22",null,"2025-01-22","UN",4,{"v":2478,"d":"2,478.00"},{"v":9912,"d":"9,912.00"}]
[10032675,"Topes Rectagular para eventos","2025-01-27",null,"2025-01-27","UN",4,{"v":2360,"d":"2,360.00"},{"v":9440,"d":"9,440.00"}]
[10032675,"Topes Rectagu|ar para eventos","2025-01-22",null,"2025-01-22","UN",4,{"v":2360,"d":"2,360.00"},{"v":9440,"d":"9,440.00"}]
[10032685,"FILTRO DE COMBUSTIBLE MB220900","2025-03-03",null,"2025-02-28",null,1,{"v":0,"d":"0.00"},{"v":0,"d":"0.00"}]
[10032717,"CUCHARA DE TÉ","2025-01-27",null,"2025-01-27","UN",70,{"v":76.7,"d":"76.70"},{"v":5369,"d":"5,369.00"}]
[10032717,"CUCHARA DE TÉ","2025-01-22",null,"2025-01-22","UN",70,{"v":76.7,"d":"76.70"},{"v":5369,"d":"5,369.00"}]
[10032718,"PLATOS DE PICADERAS","2025-01-27",null,"2025-01-27","UN",5,{"v":1534,"d":"1,534.00"},{"v":7670,"d":"7,670.00"}]
[10032718,"PLATOS DE PICADERAS","2025-01-22",null,"2025-01-22","UN",5,{"v":1534,"d":"1,534.00"},{"v":7670,"d":"7,670.00"}]
[10032720,"CUBIERTO PARA PICADERA","2025-01-27",null,"2025-01-27","UN",60,{"v":94.4,"d":"94.40"},{"v":5664,"d":"5,664.00"}]
[10032720,"CUBIERTO PARA PICADERA","2025-01-22",null,"2025-01-22","UN",60,{"v":94.4,"d":"94.40"},{"v":5664,"d":"5,664.00"}]
[10032721,"OLLA PARA TÉ DE 5 LITROS","2025-01-27",null,"2025-01-27","UN",1,{"v":1770,"d":"1,770.00"},{"v":1770,"d":"1,770.00"}]
[10032721,"OLLA PARA TÉ DE 5 LITROS","22/1/20Z5",null,"2023-01-22","UN",1,{"v":1770,"d":"1,770.00"},{"v":1770,"d":"1,770.00"}]
[10032722,"DISPENSADOR DE JUGO","2025-01-27",null,"2025-01-27","UN",1,{"v":944,"d":"944.00"},{"v":944,"d":"944.00"}]
[10032722,"DISPENSADOR DE JUGO","2025-01-22",null,"2025-01-22","UN",1,{"v":944,"d":"944.00"},{"v":944,"d":"944.00"}]
[10032744,"MOTOR COMP LETO NISSAN FRONTIER 2007","2025-02-05",null,"2025-02-05","UN",1,{"v":357540,"d":"357,540.00"},{"v":357540,"d":"357,540.00"}]
[10032745,"MOTOR COMP LETO NISSAN FRONTIER  2011","2025-02-05",null,"2025-02-05","UN",1,{"v":284822.5,"d":"284,822.50"},{"v":284822.5,"d":"284,822.50"}]
[10032746,"MOTOR COMP LETO MITSUBISHI L200 2015","2025-02-05",null,"2025-02-05","UN",1,{"v":334530,"d":"334,530.00"},{"v":334530,"d":"334,530.00"}]
[10032802,"VALVULA ALSTON NEYRPIC ED-12DE","2025-03-03",null,"2025-02-28",null,2,0.01,0.02]
[10032937,"CATALIZADOR EPOXIC O","2025-03-03",null,"2025-02-28",null,7,{"v":0,"d":"0.00"},{"v":0,"d":"0.00"}]

{"sheet":"Table 10","index":9,"n_rows":160,"n_cols":9,"rows_kept":160,"merged":[[0,6,0,7],[1,6,1,7],[2,6,2,7],[3,6,3,7],[4,6,4,7],[5,6,5,7],[6,6,6,7],[7,6,7,7],[8,6,8,7],[9,6,9,7],[10,6,10,7],[11,6,11,7],[12,6,12,7],[13,6,13,7],[14,6,14,7],[15,6,15,7],[16,6,16,7],[17,6,17,7],[18,6,18,7],[19,6,19,7],[20,6,20,7],[21,6,21,7],[22,6,22,7],[23,6,23,7],[24,6,24,7],[25,6,25,7],[26,6,26,7],[27,6,27,7],[28,6,28,7],[29,6,29,7],[30,6,30,7],[31,6,31,7],[32,6,32,7],[33,6,33,7],[34,6,34,7],[35,6,35,7],[36,6,36,7],[37,6,37,7],[38,6,38,7],[39,6,39,7],[40,6,40,7],[41,6,41,7],[42,6,42,7],[43,6,43,7],[44,6,44,7],[45,6,45,7],[46,6,46,7],[47,6,47,7],[48,6,48,7],[49,6,49,7],[50,6,50,7],[51,6,51,7],[52,6,52,7],[53,6,53,7],[54,6,54,7],[55,6,55,7],[56,6,56,7],[57,6,57,7],[58,6,58,7],[59,6,59,7],[60,6,60,7],[61,6,61,7],[62,6,62,7],[63,6,63,7],[64,6,64,7],[65,6,65,7],[66,6,66,7],[67,6,67,7],[68,6,68,7],[69,4,69,5],[70,4,70,5],[71,4,71,5],[72,4,72,5],[73,4,73,5],[74,4,74,5],[75,4,75,5],[76,4,76,5],[77,4,77,5],[78,4,78,5],[79,4,79,5],[80,4,80,5],[81,4,81,5],[82,4,82,5],[83,4,83,5],[84,4,84,5],[85,4,85,5],[86,4,86,5],[87,4,87,5],[88,4,88,5],[89,4,89,5],[90,4,90,5],[93,5,93,6],[94,5,94,6],[95,5,95,6],[96,5,96,6],[97,5,97,6],[98,5,98,6],[99,5,99,6],[100,5,100,6],[101,5,101,6],[102,5,102,6],[103,5,103,6],[104,5,104,6],[105,5,105,6],[106,5,106,6],[107,5,107,6],[108,5,108,6],[109,5,109,6],[110,5,110,6],[111,5,111,6],[112,5,112,6],[113,5,113,6],[114,5,114,6],[115,5,115,6],[116,5,116,6],[117,5,117,6],[118,5,118,6],[119,5,119,6],[120,5,120,6],[121,5,121,6],[122,5,122,6],[123,5,123,6],[124,5,124,6],[125,5,125,6],[126,5,126,6],[127,5,127,6],[128,5,128,6],[129,5,129,6],[130,5,130,6],[131,5,131,6],[132,5,132,6],[133,5,133,6],[134,5,134,6],[135,5,135,6],[136,5,136,6],[137,5,137,6],[138,5,138,6],[139,5,139,6],[140,5,140,6],[141,5,141,6],[142,5,142,6],[143,5,143,6],[144,5,144,6],[145,5,145,6],[146,5,146,6],[147,5,147,6],[148,5,148,6],[149,5,149,6],[150,5,150,6],[151,5,151,6],[152,5,152,6],[153,5,153,6],[154,5,154,6],[155,5,155,6],[156,5,156,6],[157,5,157,6],[158,5,158,6],[159,5,159,6]]}
[10032945,"TARJETA  DE PROXIMIDAD  26 BIT IMPRIMIBLE","2025-01-09","2025-01-09","UN",{"v":3000,"d":"3,000"},{"v":112.1,"d":"112.10"},null,{"v":336300,"d":"336,300.00"}]
[10032946,"PORTA CARNET VINYL VERTICAL","2025-01-09","2025-01-09","UN",{"v":3000,"d":"3,000"},28.03,null,{"v":84075,"d":"84,075.00"}]
[10032947,"’ORTA CARNET TIPO CORDÓN PERSONALIZAD‹","2025-01-09","2025-01-09","UN",{"v":3000,"d":"3,000"},{"v":212.4,"d":"212.40"},null,{"v":637200,"d":"637,200.00"}]
[10033221,"MANDARRIA MANGO CORTO 4 LBS","2025-02-13","2025-02-13","UN",3,{"v":2360,"d":"2,360.00"},null,{"v":7080,"d":"7,080.00"}]
[10033221,"MANDARRIA MANGO CORTO 4 LBS","2025-02-13","2025-02-13","UN",2,{"v":820.1,"d":"820.10"},null,{"v":1640.2,"d":"1,640.20"}]
[10033222,"MANDARRIA MANGO LARGO 10 LBS","2025-02-13","2025-02-13","UN",2,{"v":1852.6,"d":"1,852.60"},null,{"v":3705.2,"d":"3,705.20"}]
[10033270,"T-SHIRTS AMARILLO","2025-01-17","2025-01-17","UN",140,{"v":466.1,"d":"466.10"},null,{"v":65254,"d":"65,254.00"}]
[10033271,"T-SHIRTS VERDE","2025-01-17","2025-01-17","UN",30,{"v":466.1,"d":"466.10"},null,{"v":13983,"d":"13,983.00"}]
[10033277,"TRANSF.D / CORRIENTE  MOD-ARF-13 15VA/0.5","2025-03-03","2025-02-28",null,1,{"v":1,"d":"1.00"},null,{"v":1,"d":"1.00"}]
[10033278,"TRANSF.D / CORRIENTE  MOD-ARF-13 10VA/0.5","2025-03-03","2025-02-28",null,1,{"v":1,"d":"1.00"},null,{"v":1,"d":"1.00"}]
[10033279,"TRANSF. REF.NK1-1000-04.2/2H26","2025-03-03","2025-02-28",null,1,{"v":1,"d":"1.00"},null,{"v":1,"d":"1.00"}]
[10033281,"TRANSF. DE CONTROL TM-60VA","2025-03-03","2025-02-28",null,1,{"v":1,"d":"1.00"},null,{"v":1,"d":"1.00"}]
[10033282,"TRANSF. DE CORRIENTE NTE .TYP-JKO 0.6KV","2025-03-03","2025-02-28",null,1,{"v":1,"d":"1.00"},null,{"v":1,"d":"1.00"}]
[10033283,"TRANSF. TIPO M74.132/50va,220","2025-03-03","2025-02-28",null,1,{"v":1,"d":"1.00"},null,{"v":1,"d":"1.00"}]
[10033284,"TRANSF.30-10KVA / 380 + -5% , 152A","2025-03-03","2025-02-28",null,1,{"v":1,"d":"1.00"},null,{"v":1,"d":"1.00"}]
[10033285,"SOPORTE DE GOMA CIRCULAR  20 x 45 MM","2025-03-03","2025-02-28",null,2,{"v":1,"d":"1.00"},null,{"v":2,"d":"2.00"}]
[10033286,"TAPA ELECTRICA 4 x 4","2025-03-03","2025-02-28",null,5,{"v":1,"d":"1.00"},null,{"v":5,"d":"5.00"}]
[10033287,"TAPA ELECTRICA õ x 5","2025-03-03","2025-02-28",null,2,{"v":1,"d":"1.00"},null,{"v":2,"d":"2.00"}]
[10033288,"TORNILLO TIRAFONDO 5/16 x 1 1/4\"","2025-03-03","2025-02-28",null,340,{"v":1,"d":"1.00"},null,{"v":340,"d":"340.00"}]
[10033289,"CONECTOR  ELECT. MACHO 220-250V/32AMP","2025-03-03","2025-02-28",null,5,{"v":1,"d":"1.00"},null,{"v":5,"d":"5.00"}]
[10033290,"FUSIBLE CATERPILLAR PLANTA DE EMERG",":2/3/2025","2025-02-28",null,2,{"v":1,"d":"1.00"},null,{"v":2,"d":"2.00"}]
[10033291,"FUSIBLE BUSSMAN B26- 70A/600V","2025-03-03","2025-02-28",null,6,{"v":1,"d":"1.00"},null,{"v":6,"d":"6.00"}]
[10033292,"ADAPTADOR  FUSIBLE 20 AMP","2025-03-03","2B/2/2025",null,60,{"v":1,"d":"1.00"},null,{"v":60,"d":"60.00"}]
[10033293,"FUSIBLE SIEMENS 100A/500VAC/400VDC","2025-03-03","2025-02-28",null,33,{"v":1,"d":"1.00"},null,{"v":33,"d":"33.00"}]
[10033294,"ADAPTADOR  FUSIBLE 63 AMP","2025-03-03","2025-02-28",null,22,{"v":1,"d":"1.00"},null,{"v":22,"d":"22.00"}]
[10033295,"LAMPARA SEÂ'ALIZACION  16x35/70V-4W","2025-03-03","2025-02-28",null,100,{"v":1,"d":"1.00"},null,{"v":100,"d":"100.00"}]
[10033296,"LAMPARA SEÃ‘ALIZACION 10x28/80V-40MA","2025-03-03","2025-02-28",null,150,{"v":1,"d":"1.00"},null,{"v":150,"d":"150.00"}]
[10033297,"LAMPARA SEÃ'ALIZACION  15x51/130V-5W","2025-03-03","2025-02-28",null,13,{"v":1,"d":"1.00"},null,{"v":13,"d":"13.00"}]
[10033298,"FUSIBLE T/BOTELLA 5SB111- 2 AMP","2025-03-03","28/Z/2025",null,30,{"v":1,"d":"1.00"},null,{"v":30,"d":"30.00"}]
[10033299,"FUSIBLE T/BOTELLA 5SB4010-35 AMP","2025-03-03","2025-02-28",null,55,{"v":1,"d":"1.00"},null,{"v":55,"d":"55.00"}]
[10033300,"FUSIBLE T/BOTELLA 5SB221- 4 AMP","2025-03-03","2025-02-28",null,32,{"v":1,"d":"1.00"},null,{"v":32,"d":"32.00"}]
[10033302,"FUSIBLE T/BOTELLA 5SB421- 50 AMP/500V","2025-03-03","2025-02-28",null,61,{"v":1,"d":"1.00"},null,{"v":61,"d":"61.00"}]
[10033303,"FUSIBLE T/BOTELLA 5SB271-25 AMP/500V","2025-03-03","2025-02-28",null,56,{"v":1,"d":"1.00"},null,{"v":56,"d":"56.00"}]
[10033304,"FUSIBLE T/BOTELLA 5SB231- 6 AMP/500V","2025-03-03","2025-02-28",null,75,{"v":1,"d":"1.00"},null,{"v":75,"d":"75.00"}]
[10033305,"FUSIBLE T/BOTELLA 5SB131- 6 AMP/500V","2025-03-03","2025-02-28",null,46,{"v":1,"d":"1.00"},null,{"v":46,"d":"46.00"}]
[10033306,"FUSIBLE T/CARTUCHO HRT18-63 6 AMP/500V","2025-03-03","2025-02-28",null,38,{"v":1,"d":"1.00"},null,{"v":38,"d":"38.00"}]
[10033307,"FUSIBLE T/CARTUCHO  RT18-63 40 AMP/500V","2025-03-03","2025-02-28",null,48,{"v":1,"d":"1.00"},null,{"v":48,"d":"48.00"}]
[10033308,"FUSIBLE T/CARTUCHO  RT14-32 10 AMP/500V","2025-03-03","2025-02-28",null,5,{"v":1,"d":"1.00"},null,{"v":5,"d":"5.00"}]
[10033309,"FUSIBLE T/CARTUCHO  5SB321- 50 AMP/500V","2025-03-03","2025-02-28",null,34,{"v":1,"d":"1.00"},null,{"v":34,"d":"34.00"}]
[10033311,"FUSIBLE T/BOTELLA 5SB211- 2 AMP/500V","2025-03-03","2025-02-28",null,40,{"v":1,"d":"1.00"},null,{"v":40,"d":"40.00"}]
[10033313,"TRANSF. D/CORRIENTE  MOD-12 6VA/0.5","2025-03-03","2025-02-28",null,2,{"v":1,"d":"1.00"},null,{"v":2,"d":"2.00"}]
[10033314,"TRANSF. D/ CORRIENTE  BROWN BOVERI","2025-03-03","2025-02-28",null,1,{"v":1,"d":"1.00"},null,{"v":1,"d":"1.00"}]
[10033315,"BOBINA MODO BOMBA 480V-50/60 HZ","2025-03-03","2025-02-28",null,1,{"v":1,"d":"1.00"},null,{"v":1,"d":"1.00"}]
[10033316,"BOBINA MOD-H696615","2025-03-03","2025-02-28",null,1,{"v":1,"d":"1.00"},null,{"v":1,"d":"1.00"}]
[10033317,"BOBINA BOMBA ACUEDUCTO  440-480V/50-60HZ","2025-03-03","2025-02-28",null,1,{"v":1,"d":"1.00"},null,{"v":1,"d":"1.00"}]
[10033318,"FUENTE ADAPT.UNIVERSAL AC/DC 110-220V","2025-03-03","2025-02-28",null,1,{"v":1,"d":"1.00"},null,{"v":1,"d":"1.00"}]
[10033319,"CONECTORES CURBO LIQUID TIPE 1/2 ROJO","2025-03-03","2025-02-28",null,5,{"v":1,"d":"1.00"},null,{"v":5,"d":"5.00"}]
[10033320,"CONECTORES  CURBO LIQUID TIPE 2\" AZUL","2025-03-03","2025-02-28",null,3,{"v":1,"d":"1.00"},null,{"v":3,"d":"3.00"}]
[10033321,"CONECTORES CURBO LIQUID TIPE 1 1/2 ROJO","2025-03-03","2025-02-28",null,15,{"v":1,"d":"1.00"},null,{"v":15,"d":"15.00"}]
[10033322,"CONECTORES  CURBO LIQUID TIPE 3\" AZUL","2025-03-03","2025-02-28",null,8,{"v":1,"d":"1.00"},null,{"v":8,"d":"8.00"}]
[10033323,"TERMINALES  DE OJO 4/0 X 1/2\"","2025-03-03","2025-02-28",null,5,{"v":1,"d":"1.00"},null,{"v":5,"d":"5.00"}]
[10033324,"REGISTRO ELECTRICO  SQUARE","2025-03-03","2025-02-28",null,7,{"v":1,"d":"1.00"},null,{"v":7,"d":"7.00"}]
[10033325,"FUSIBLE AEG 25AMP/24KV/26KA","2025-03-03","2025-02-28",null,3,{"v":1,"d":"1.00"},null,{"v":3,"d":"3.00"}]
[10033326,"TAPA  DE FUSIBLE TIPO BOTELLA 2/25AMP","2025-03-03","2025-02-28",null,39,{"v":1,"d":"1.00"},null,{"v":39,"d":"39.00"}]
[10033327,"ANILLO PORCELANA  5SH3-341","2025-03-03","2025-02-28",null,45,{"v":1,"d":"1.00"},null,{"v":45,"d":"45.00"}]
[10033328,"BOMBILLAS  DE SEÁ‘ALIZACION 60V","2025-03-03","2025-02-28",null,72,{"v":1,"d":"1.00"},null,{"v":72,"d":"72.00"}]
[10033329,"MODULO DE SALIDA BINARIA INNRKOOO614-AB","2025-03-03","2025-02-28",null,4,{"v":1,"d":"1.00"},null,"4.OO"]
[10033331,"RELE ABB RXMD1-INNRK  001604-AP/125V","2025-03-03","2025-02-28",null,4,{"v":1,"d":"1.00"},null,{"v":4,"d":"4.00"}]
[10033332,"RELE ABB RXMA1-RK211063-AN/110-125V","2025-03-03","2025-02-28",null,3,{"v":1,"d":"1.00"},null,{"v":3,"d":"3.00"}]
[10033333,"CONMUTADOR  ABB RK795001-AD","2025-03-03","2025-02-28",null,2,{"v":1,"d":"1.00"},null,{"v":2,"d":"2.00"}]
[10033334,"DISIPADOR DE CALOR TRACTOR  CATERPILAR","2025-03-03","2025-02-28",null,2,{"v":1,"d":"1.00"},null,{"v":2,"d":"2.00"}]
[10033335,"CONTROL UNIDAD PILOTO 800T-Q10","2025-03-03","2025-02-28",null,1,{"v":1,"d":"1.00"},null,{"v":1,"d":"1.00"}]
[10033336,"INTERRUPTOR  ABB AUTOM. S202M-K2UC","2025-03-03","2025-02-28",null,20,{"v":1,"d":"1.00"},null,{"v":20,"d":"20.00"}]
[10033337,"INTERRUPTOR  ABB AUTOM. S203-Z1","2025-03-03","2025-02-28",null,3,{"v":1,"d":"1.00"},null,{"v":3,"d":"3.00"}]
[10033338,"RELE DE CONTROL ABB NF22E-13","2025-03-03","2025-02-28",null,13,{"v":1,"d":"1.00"},null,{"v":13,"d":"13.00"}]
[10033339,"CONTACTO  AUXILIAR ABB S2C-H6-11R","2025-03-03","2025-02-28",null,10,{"v":1,"d":"1.00"},null,{"v":10,"d":"10.00"}]
[10033340,"RELE DE CONTACTO NF31E-13","2025-03-03","2025-02-28",null,6,{"v":1,"d":"1.00"},null,{"v":6,"d":"6.00"}]
[10033341,"LIMIT SWITCH XCM 300V-6A","2025-03-03","2025-02-28",null,1,{"v":1,"d":"1.00"},null,{"v":1,"d":"1.00"}]
[10033343,"CONTACTOR  SIEMENS 55KW/400V","2025-03-03","2025-02-28",null,null,{"v":1,"d":"1.00"},null,{"v":2,"d":"2.00"}]
[10033344,"CONTACTOR  SIEMENS 37KW/400V","2025-03-03","28/2/202","d0",null,null,{"v":1,"d":"1.00"},{"v":10,"d":"10.00"}]
[10033346,"CONTADOR  TRIFASICO  P/TRANS DE MEDIA","2025-03-03","2020-02-28"]
[10033347,"JUEGO D/CONTACTO  C/PALANCA REF.9.102","2025-03-03","2002-02-28"]
[10033348,"CONTACTOR  480.575 BOOBINA 230V","2025-03-03","28/2/2  2Y"]
[10033349,"CONECTOR RECTO  ALUMUNIO  48.3-11-21 LPS","2025-03-03"]
[10033350,"JUNTA CIRCULAR  D/8MM","2025-03-03",null,3,null,null,{"v":1,"d":"1.00"},{"v":3,"d":"3.00"}]
[10033351,"JUNTA DE GOMA 7 1/4 x 2 1/2","2025-03-03","28/2/2Q",{"$nulls":3},{"v":1,"d":"1.00"},{"v":8,"d":"8.00"}]
[10033352,"JUNTA DE GOMA 1 3/4 x 5 1/4","2025-03-03","2020-02-28",1,null,"y’",{"v":1,"d":"1.00"},{"v":10,"d":"10.00"}]
[10033353,"JUNTA DE GOMA 1 1/2 x 4 1/2","2025-03-03","28/2/202",null,null,"•’",{"v":1,"d":"1.00"},{"v":6,"d":"6.00"}]
[10033354,"JUNTA DE GOMA 1 1/4 x 3/4","2025-03-03","2025-02-28",{"$nulls":3},{"v":1,"d":"1.00"},{"v":4,"d":"4.00"}]
[10033359,"TORNILLO CAB. HEXAGO 18.7 x 59 MM","2025-03-03","2025-02-28",{"$nulls":3},{"v":1,"d":"1.00"},{"v":5,"d":"5.00"}]
[10033360,"TORNILLO CAB. HEXAGO 15.6 x 43.5 MM","2025-03-03","2025-02-28",4,null,null,{"v":1,"d":"1.00"},{"v":4,"d":"4.00"}]
[10033361,"TORNILLO  CAB. HEXAGO 5/8 x 2 7/8","2025-03-03","2025-02-28",7,null,null,{"v":1,"d":"1.00"},{"v":7,"d":"7.00"}]
[10033378,"OVERLOAD B32","2025-03-03","2025-02-28",2,null,null,{"v":1,"d":"1.00"},{"v":2,"d":"2.00"}]
[10033392,"POLIURETANO  MASTERS COAT","2025-03-03","2025-02-28",2,null,null,"1.oo","z.oo"]
[10033400,"PRESOSTATO SQUARE 1500 PSI/50A","2025-03-03","2025-02-28",{"$nulls":3},{"v":1,"d":"1.00"},{"v":2,"d":"2.00"}]
[10033401,"REG. D/PRESION 17000 PAS-250 PSI","2025-03-03","2025-02-28",2,null,null,{"v":1,"d":"1.00"},{"v":2,"d":"2.00"}]
[10033402,"BASE RELE 125 DC","2025-03-03","2025-02-28",91,null,null,{"v":1,"d":"1.00"},{"v":91,"d":"91.00"}]
[10033403,"FRECUENCIMETRO PANEL 100-240V","2025-03-03","2025-02-28",2,null,null,{"v":1,"d":"1.00"},{"v":2,"d":"2.00"}]
[10033404,"FUSIBLE NT-40 AMP","2025-03-03","2025-02-28",6,null,null,{"v":1,"d":"1.00"},{"v":6,"d":"6.00"}]
[10033405,"FUSIBLE 5SC2 -11-80 AMP","2025-03-03","2025-02-28",120,null,null,{"v":1,"d":"1.00"},{"v":120,"d":"120.00"}]
["1003340G","TERMINAL D/CABLE 5C-70-12","2025-03-03","2025-02-28",9,null,null,{"v":1,"d":"1.00"},{"v":9,"d":"9.00"}]
[]
[]
[10033407,"TERMINAL D/CABLE S10S-350HCM","2025-03-03","2025-02-28",null,10,null,{"v":1,"d":"1.00"},{"v":10,"d":"10.00"}]
[10033408,"TERMINAL D/CABLE 31036/2/0 AWG","2025-03-03","2025-02-28",null,17,null,{"v":1,"d":"1.00"},{"v":17,"d":"17.00"}]
[10033410,"CONTACTO MOVIL FIJO 6 AMP","2025-03-03","2025-02-28",null,4,null,{"v":1,"d":"1.00"},{"v":4,"d":"4.00"}]
[10033411,"CONTACTO 7.5-20 HP","2025-03-03","2025-02-28",null,1,null,{"v":1,"d":"1.00"},{"v":1,"d":"1.00"}]
[10033412,"CONTACTO AUX. MOD.1-JA11","2025-03-03","2025-02-28",null,3,null,{"v":1,"d":"1.00"},{"v":3,"d":"3.00"}]
[10033413,"CONTACTO R CHUSCHUTZ 440","2025-03-03","2025-02-28",null,2,null,{"v":1,"d":"1.00"},{"v":2,"d":"2.00"}]
[10033414,"BOBINA SIEMENS 110-127V","2025-03-03","2025-02-28",null,4,null,{"v":1,"d":"1.00"},{"v":4,"d":"4.00"}]
[10033415,"CORTA CHISPA P/CONTC. SIEMENS","2025-03-03","2025-02-28",null,3,null,{"v":1,"d":"1.00"},{"v":3,"d":"3.00"}]
[10033419,"FILTRO D/GASOIL FC-1022","2025-03-03","2025-02-28",null,1,null,{"v":1,"d":"1.00"},{"v":1,"d":"1.00"}]
[10033420,"FILTRO D/GASOIL HF-6704","2025-03-03","2025-02-28",null,1,null,{"v":1,"d":"1.00"},{"v":1,"d":"1.00"}]
[10033421,"FILTRO D/GASOIL C-1812","2025-03-03","2025-02-28",null,1,null,{"v":1,"d":"1.00"},{"v":1,"d":"1.00"}]
[10033422,"TAIRAP D/20 PLG","2025-03-03","2025-02-28",null,600,null,{"v":1,"d":"1.00"},{"v":600,"d":"600.00"}]
[10033423,"TAIRAP D/22 PLG","2025-03-03","2025-02-28",null,43,null,{"v":1,"d":"1.00"},{"v":43,"d":"43.00"}]
[10033424,"TAIRAP D/36.5 PLG","2025-03-03","2025-02-28",null,70,null,{"v":1,"d":"1.00"},{"v":70,"d":"70.00"}]
[10033425,"JUNTA DRESSER 8 PLG","2025-03-03","2025-02-28",null,12,null,{"v":1,"d":"1.00"},{"v":12,"d":"12.00"}]
[10033426,"VALVULA D/GALLETA  5 PLG","2025-03-03","2025-02-28",null,1,null,{"v":1,"d":"1.00"},{"v":1,"d":"1.00"}]
[10033427,"CODO 12\" A 45Â°","2025-03-03","2025-02-28",null,1,null,{"v":1,"d":"1.00"},{"v":1,"d":"1.00"}]
[10033428,"SELLO DE BRIDA 5\" DE 8 AGUJEROS","2025-03-03","2025-02-28",null,1,null,{"v":1,"d":"1.00"},{"v":1,"d":"1.00"}]
[10033429,"SELLO DE BRIDA 9\" DE 8 AGUJEROS","2025-03-03","2025-02-28",null,2,null,{"v":1,"d":"1.00"},{"v":2,"d":"2.00"}]
[10033430,"CONTROL D/COMUNIC MOD.6E57","2025-03-03","2025-02-28",null,2,null,{"v":1,"d":"1.00"},{"v":2,"d":"2.00"}]
[10033431,"ELECTROVALVULA REF.BV-5763D","2025-03-03","2025-02-28",null,4,null,{"v":1,"d":"1.00"},{"v":4,"d":"4.00"}]
[10033432,"FILTRO D/ ACEITE ME013307","2025-03-03","2025-02-28",null,1,null,{"v":1,"d":"1.00"},{"v":1,"d":"1.00"}]
[10033434,"FILTRO D/ ACEITE P550425","2025-03-03","2025-02-28",null,1,null,{"v":1,"d":"1.00"},{"v":1,"d":"1.00"}]
[10033435,"FILTRO D/ COMBUSTIBLE WK731","2025-03-03","2025-02-28",null,2,null,{"v":1,"d":"1.00"},{"v":2,"d":"2.00"}]
[10033436,"FILTRO D/AIRE ME017242","2025-03-03","2025-02-28",null,1,null,{"v":1,"d":"1.00"},{"v":1,"d":"1.00"}]
[10033442,"FILTRO P/PARTÍCULAS  5N11-N95","2025-03-03","2025-02-28",null,460,null,{"v":1,"d":"1.00"},{"v":460,"d":"460.00"}]
[10033443,"BOTIQUIN PRIMEROS AUXÍLIOS","2025-03-03","2025-02-28",null,4,null,{"v":1,"d":"1.00"},{"v":4,"d":"4.00"}]
[10033445,"THINER AMERCOAT 21/25","2025-03-03","2025-02-28",null,6,null,{"v":0,"d":"0.00"},{"v":0,"d":"0.00"}]
[10033452,"AMERCOAT 450H CURE","3/3/202fii","2025-02-28",null,3,null,{"v":0,"d":"0.00"},{"v":0,"d":"0.00"}]
[10033500,"BOTAS SEGURIDAD  (MUJER) NO.46","2025-02-17","2025-02-17","UN",4,null,{"v":2916.42,"d":"2,916.42"},{"v":11665.67,"d":"11,665.67"}]
[10033521,"BURON MECANICO 30 X 60 MM","2025-03-03","2025-02-28",null,2,null,{"v":0,"d":"0.00"},{"v":0,"d":"0.00"}]
[10033522,"TRANSFORMADOR  DE CONTROL TM 250VA","2025-03-03","2025-02-28",null,1,null,{"v":0,"d":"0.00"},{"v":0,"d":"0.00"}]
[10033523,"TORNILLO CAB. HEXAGONAL DE 1/2 X 6\"","2025-03-03","2025-02-28",null,1,null,{"v":0,"d":"0.00"},{"v":0,"d":"0.00"}]
[10033524,"SEMI CURVA HIERRO NEGRO DE 6\"","2025-03-03","2025-02-28",null,2,null,{"v":0,"d":"0.00"},{"v":0,"d":"0.00"}]
[10033525,"PIEDRA PARA ACENTAR","2025-03-03","2025-02-28",null,2,null,{"v":0,"d":"0.00"},{"v":0,"d":"0.00"}]
[10033526,"TORNILLO  CAB. HEXAGONAL DE 1 3/4' X 5\"","2025-03-03","2025-02-28",null,3,null,{"v":0,"d":"0.00"},{"v":0,"d":"0.00"}]
[10033527,"DISCO DE PULIR 7 X 3/16X7/8","2025-03-03","2025-02-28",null,30,null,{"v":0,"d":"0.00"},{"v":0,"d":"0.00"}]
[10033528,"BRIDA DE 115 X 325 DE 8 AGUJEROS","2025-03-03","2025-02-28",null,2,null,{"v":0,"d":"0.00"},{"v":0,"d":"0.00"}]
[10033529,"BRIDA DE 2 1/2\"X12X3/4\" D/ 8 AGUJEROS","2025-03-03","2025-02-28",null,1,null,{"v":0,"d":"0.00"},{"v":0,"d":"0.00"}]
[10033530,"BRIDA SOLDABLE DE 5 1/2 DE 8 AGUJEROS","2025-03-03","2025-02-28",null,4,null,{"v":0,"d":"0.00"},{"v":0,"d":"0.00"}]
[10033531,"JUNTA D/GOMA DE 4\"","2025-03-03","2025-02-28",null,6,null,{"v":0,"d":"0.00"},{"v":0,"d":"0.00"}]
[10033532,"EMPAQUETADURA  26X266X44MM","2025-03-03","2025-02-28",null,20,null,{"v":0,"d":"0.00"},{"v":0,"d":"0.00"}]
[10033533,"TEE PVC DE 1/4\"","2025-03-03","2025-02-28",null,1,null,{"v":0,"d":"0.00"},{"v":0,"d":"0.00"}]
[10033534,"TARJETA ULS1860B-PV1","2025-03-03","28/2/202õ",null,1,null,{"v":0,"d":"0.00"},{"v":0,"d":"0.00"}]
[10033539,"BRIDA PLANA 5\" X 5 AGUJEROS","2025-03-03","2025-02-28",null,1,null,{"v":0,"d":"0.00"},{"v":0,"d":"0.00"}]
[10033540,"SELLO D/GOMA REF. 67309-5","2025-03-03","2025-02-28",null,19,null,{"v":0,"d":"0.00"},{"v":0,"d":"0.00"}]
[10033541,"JUNTA TIPO V 1/2X4 DE GOMA","2025-03-03","2025-02-28",null,669,null,{"v":0,"d":"0.00"},{"v":0,"d":"0.00"}]
[10033543,"ORING DE 8 MM","2025-03-03","2025-02-28",null,{"v":1325,"d":"1,325"},null,{"v":0,"d":"0.00"},{"v":0,"d":"0.00"}]
[10033544,"ORING 5.5 X 160","2025-03-03","2025-02-28",null,853,null,{"v":0,"d":"0.00"},{"v":0,"d":"0.00"}]
[10033545,"ORING 7 MM","2025-03-03","2025-02-28",null,656,null,{"v":0,"d":"0.00"},{"v":0,"d":"0.00"}]
[10033564,"CORDON ORING 6MM","2025-03-04","2025-02-28",null,200,null,{"v":0,"d":"0.00"},{"v":0,"d":"0.00"}]
[11000030,"LIBRETA RAYADA 8  /   x 11","2025-03-31","2025-03-25",null,5,null,45.15,225.75]
[11000050,"TORNILLO TIRAFONDO 14 x 1 1/2 \"","2025-03-03","2025-02-28",null,360,null,{"v":0,"d":"0.00"},{"v":0,"d":"0.00"}]
[11000053,"TOALLA PARA COCINA","2025-02-04","2025-02-04",null,36,null,42.16,{"v":1517.92,"d":"1,517.92"}]
[11000053,"TOALLA PARA COCINA","2025-01-14","2025-01-14",null,72,null,42.16,{"v":3035.83,"d":"3,035.83"}]
[11000068,"AMBIENTADORES  AROMATICOS","2025-03-25","2025-03-25",null,10,null,{"v":1991.85,"d":"1,991.85"},{"v":19918.49,"d":"19,918.49"}]
[11000068,"AMBIENTADORES  AROMATICOS","2025-03-26","2025-03-25",null,{"v":1.5,"d":"1.500"},null,{"v":2076.44,"d":"2,076.44"},{"v":3114.66,"d":"3,114.66"}]
[11000068,"AMBIENTADORES  AROMATICOS","2025-02-04","2025-02-04",null,{"v":1.5,"d":"1.500"},null,{"v":2076.44,"d":"2,076.44"},{"v":3114.66,"d":"3,114.66"}]
[11000125,"INODORO COMP LETO","2025-01-22","2025-01-22",null,20,null,"6.649.98",{"v":132999.69,"d":"132,999.69"}]
[11000129,"VASOS #7","2025-03-26","2025-03-25",null,5,null,"2.955.32",{"v":14776.62,"d":"14,776.62"}]
[11000129,"VASOS #7","2025-03-20","2025-03-20",null,{"v":0.5,"d":"0.500"},null,{"v":2959.02,"d":"2,959.02"},{"v":1479.51,"d":"1,479.51"}]
[11000129,"VASOS #7","2025-03-20","2025-03-20",null,{"v":0.2,"d":"0.200"},null,{"v":2959,"d":"2,959.00"},{"v":591.8,"d":"591.80"}]
[11000129,"VASOS #7","2025-03-17","2025-03-17",null,3,null,{"v":2955.32,"d":"2,955.32"},{"v":8865.97,"d":"8,865.97"}]
[11000129,"CASOS #7","2025-02-06","2025-02-06"]
[11000129,"VASOS #7","2025-02-06","2025-02-06"]
[11000129,"VASOS #7","2025-02-04","2025-02-04"]
[11000129,"VASOS #7","14/1/202üi","2025-01-14"]